{"text_format":"3","workbook":"xlsx","n_sheets":2,"sheets":["SALMI","Hoja1"],"not_rendered":{"images":2,"defined_names":3},"read":"whole","date_system":"1900"}

{"sheet":"SALMI","index":0,"n_rows":708,"n_cols":25,"rows_kept":708,"merged":[[0,0,0,22],[2,18,2,22],[4,1,4,2],[4,8,4,16],[4,20,4,22],[5,1,5,2],[5,8,5,16],[5,20,5,22],[6,1,6,2],[6,8,6,16],[6,20,6,22],[8,0,9,0],[8,1,9,1],[8,2,9,2],[8,12,8,14],[8,18,9,18],[8,19,9,19],[8,20,9,20],[8,21,9,21],[8,22,9,22],[703,1,705,14],[703,18,707,22],[707,6,707,14]]}
["INFORME MENSUAL ALMACÉN (IMA)"]
[]
[{"$nulls":16},"Clasificación:"]
[]
["Est. de Salud:","HOSP HOSP INFANTIL DR. JOSE MANUEL RODRIGUEZ JIME",{"$nulls":4},"Región de Salud:",null,"Servicio Regional de Salud Metropolitano",{"$nulls":10},"Distribución Promedio:",12]
["Responsable:","YAKAIRA GARCIA PERALTA",{"$nulls":4},"Módulo:",null,"ALMACEN CENTRAL",{"$nulls":10},"Nivel Máximo:",2]
["Mes Reportado:","noviembre",{"$nulls":4},"Gestión:",null,2025,{"$nulls":10},"Nivel Mínimo:",1]
[]
["Código","Suministro","UDE",null,"A",null,"B",null,"C",null,"C",null,"D",{"$nulls":3},"A+B-C+/-D",null,"Distribución\nPromedio","Distribución\nInsatisfecha","MED","MUD","Cantidad\nRequerida"]
[{"$nulls":4},"Saldo Inicio",null,"Entradas",null,"Consumo",null,"Distribución",null,"Ajuste (+)",null,"Ajuste (-)",null,"Saldo Final"]
["10600402001","Abacavir + lamivudina, 600 + 300 mg, Comprimido oral, Frasco x 30 tabletas","Comprimido",0,37,0,52,0,0,0,89,0,0,0,0,0,0,0,76,0,"0.0","0.0",152,0,54]
["11800301001","Acetato de medroxiprogesterona , 150 mg/ml, Inyectable, Vial x 1ml","Vial",0,0,0,0,0,0,0,0,0,0,0,0,0,0,0,27,0,"0.0","0.0",54,0,98]
["11800101002","Acetato de megestrol, 40 mg, Suspensión oral, Frasco","Frasco",0,0,0,5,0,0,0,5,0,0,0,0,0,0,0,5,0,"0.0","0.0",10,0,1135]
["12500201002","Acetilcisteina, 100 mg /ml, Inyectable, Ampolla x 3 ml","Ampolla",15.59,100,{"v":1559,"d":"1,559"},50,{"v":779.5,"d":"780"},0,0,50,{"v":779.5,"d":"780"},0,0,0,0,100,{"v":1559,"d":"1,559"},62,0,"1.6","1.6",24,374.16,383]
["12500201010","Acetilcisteina, 300 mg/ml, Inyectable, Ampolla x 3 ml","Ampolla",0,0,0,0,0,0,0,0,0,0,0,0,0,0,0,91,0,"0.0","0.0",182,0,127]
["10600403005","Aciclovir como sal sodica, 250 mg, Polvo para inyección, Vial","Vial",125.17,270,{"v":33795.9,"d":"33,796"},0,0,0,0,0,0,0,0,0,0,270,{"v":33795.9,"d":"33,796"},30,0,"9.0","9.0",0,0,1239]
["10600403004","Aciclovir, 400 mg, Comprimido oral, Blister","Comprimido",1.71,0,0,100,171,0,0,0,0,0,0,0,0,100,171,100,0,"1.0","1.0",100,171,1346]
["11200501001","Acido acetilsalicilico, 81 mg, Comprimido oral, Blister","Comprimido",0.82,500,410,0,0,0,0,100,82,0,0,1,{"v":0.82,"d":"1"},399,{"v":327.18,"d":"327"},100,0,"4.0","4.0",0,0,76]
["12700001002","Acido ascorbico (vit. C), 100 mg/ml, Inyectable, Ampolla x 5 ml","Ampolla",6.49,200,{"v":1298,"d":"1,298"},100,649,0,0,0,0,0,0,0,0,300,{"v":1947,"d":"1,947"},100,0,"3.0","3.0",0,0,139]
["12700001003","Acido ascorbico (vit. C), 500mg, Comprimido oral, Blister","Comprimido",1.14,100,114,0,0,0,0,0,0,0,0,0,0,100,114,100,0,"1.0","1.0",100,114,140]
["11000101001","Acido folico, 5 mg, Comprimido oral, Blister","Comprimido",0.14,170,{"v":23.8,"d":"24"},0,0,0,0,170,{"v":23.8,"d":"24"},0,0,0,0,0,0,140,30,"0.0","0.0",280,39.2,64]
["11000101003","Acido folico, 5 mg/mL, Jarabe, Frasco x 120 ml","Frasco",20.68,10,{"v":206.8,"d":"207"},0,0,0,0,0,0,0,0,0,0,10,{"v":206.8,"d":"207"},0,0,"00","00",0,0,1257]
["11000204004","Acido tranxenamico, 500 mg, Inyectable, Vial","Vial",783.13,0,0,0,0,0,0,0,0,0,0,0,0,0,0,39,0,"0.0","0.0",78,61084.14,1186]
["10500001002","Acido valproico (valproato sodico), 500 mg, Comprimido oral, Blister","Comprimido",4.59,{"v":2130,"d":"2,130"},{"v":9776.7,"d":"9,777"},480,{"v":2203.2,"d":"2,203"},0,0,240,{"v":1101.6,"d":"1,102"},0,0,0,0,{"v":2370,"d":"2,370"},{"v":10878.3,"d":"10,878"},266,0,"8.9","8.9",0,0,27]
["12600302002","Agua destilada, , Solución, Galón","Galón",350,96,{"v":33600,"d":"33,600"},0,0,0,0,0,0,0,0,0,0,96,{"v":33600,"d":"33,600"},0,0,"00","00",0,0,136]
["11500101001","Agua oxigenada, 0.03, Solución, Galón","Galón",210.12,10,{"v":2101.2,"d":"2,101"},2,{"v":420.24,"d":"420"},0,0,0,0,0,0,0,0,12,{"v":2521.44,"d":"2,521"},2,0,"6.0","6.0",0,0,82]
["12600303001","Agua para inyectable, , Inyectable, Ampolla x 10 ml","Ampolla",2.46,{"v":5250,"d":"5,250"},{"v":12915,"d":"12,915"},{"v":1200,"d":"1,200"},{"v":2952,"d":"2,952"},0,0,{"v":1200,"d":"1,200"},{"v":2952,"d":"2,952"},0,0,0,0,{"v":5250,"d":"5,250"},{"v":12915,"d":"12,915"},954,0,"5.5","5.5",0,0,137]
["12600303003","Agua para inyectable, , Inyectable, Ampolla x 5 ml","Ampolla",8.8,{"v":1500,"d":"1,500"},{"v":13200,"d":"13,200"},0,0,0,0,0,0,0,0,0,0,{"v":1500,"d":"1,500"},{"v":13200,"d":"13,200"},200,0,"7.5","7.5",0,0,138]
["10600101002","Albendazol (dosis unica), 400 mg/10 ml, Suspensión oral, Frasco x 10 ml","Frasco",3.61,28,{"v":101.08,"d":"101"},0,0,0,0,0,0,0,0,0,0,28,{"v":101.08,"d":"101"},0,0,"00","00",0,0,1138]
["11100101001","Albumina humana, 0.2, Inyectable, Vial 50 ml","Vial",1845.93,20,{"v":36918.6,"d":"36,919"},0,0,0,0,0,0,0,0,0,0,20,{"v":36918.6,"d":"36,919"},26,0,"0.8","0.8",32,59069.76,68]
["12500104008","Albuterol sulfato, 0.63 mg/ml, Solución para inhalación, Frasco x 3 ml","Frasco",0,0,0,0,0,0,0,0,0,0,0,0,0,0,0,95,0,"0.0","0.0",190,0,451]
["11500102002","Alcohol etilico, 0.95, Solución, Galón","Galón",2972,6,{"v":17832,"d":"17,832"},0,0,0,0,0,0,0,0,0,0,6,{"v":17832,"d":"17,832"},2,0,"3.0","3.0",0,0,597]
["11500107002","Alcohol isopropilico, 0.7, Solución, Frasco x 1 l","Frasco",83.23,18,{"v":1498.14,"d":"1,498"},60,{"v":4993.8,"d":"4,994"},0,0,20,{"v":1664.6,"d":"1,665"},0,0,0,0,58,{"v":4827.34,"d":"4,827"},25,0,"2.3","2.3",0,0,441]
["11500107001","Alcohol isopropilico, 0.7, Solución, Galón","Galón",473.84,45,{"v":21322.8,"d":"21,323"},0,0,0,0,8,{"v":3790.72,"d":"3,791"},5,{"v":2369.2,"d":"2,369"},36,{"v":17058.24,"d":"17,058"},6,{"v":2843.04,"d":"2,843"},11,0,"0.5","0.5",16,7581.44,442]
["12700002001","Alendronato sodico, 70 mg, Comprimido oral, Blister","Comprimido",0.77,100,77,0,0,0,0,0,0,0,0,0,0,100,77,0,0,"00","00",0,0,1189]
["10600201001","Amikacina, 500 mg, Polvo para inyección, Vial","Vial",20.84,700,{"v":14588,"d":"14,588"},50,{"v":1042,"d":"1,042"},0,0,50,{"v":1042,"d":"1,042"},0,0,50,{"v":1042,"d":"1,042"},650,{"v":13546,"d":"13,546"},50,0,"13.0","13.0",0,0,33]
["12500101001","Aminofilina, 25 mg/ml, Inyectable, Ampolla x 10 ml","Ampolla",19.78,165,{"v":3263.7,"d":"3,264"},100,{"v":1978,"d":"1,978"},0,0,0,0,0,0,0,0,265,{"v":5241.7,"d":"5,242"},72,0,"3.7","3.7",0,0,119]
["11200201001","Amiodarona, 200 mg, Comprimido oral, Blister","Comprimido",510.82,150,{"v":76623,"d":"76,623"},0,0,0,0,100,{"v":51082,"d":"51,082"},0,0,0,0,50,{"v":25541,"d":"25,541"},100,0,"0.5","0.5",150,76623,72]
["11200201003","Amiodarona, 50 mg /ml, Inyectable, Ampolla x 3 ml","Ampolla",0,0,0,0,0,0,0,0,0,0,0,0,0,0,0,100,0,"0.0","0.0",200,0,946]
["12400201001","Amitriptilina, 25 mg, Comprimido oral, Blister","Comprimido",0,500,0,0,0,0,0,0,0,0,0,0,0,500,0,100,0,"5.0","2.0",0,0,1065]
["11200301001","Amlodipina, 10 mg, Comprimido oral, Blister","Comprimido",0.5,100,50,0,0,0,0,0,0,0,0,0,0,100,50,0,0,"00","00",0,0,74]
["10600203003","Amoxicilina + ac. Clavulanico, 500 mg + 125 mg, Comprimido oral, Blister","Comprimido",4.65,130,{"v":604.5,"d":"605"},0,0,0,0,0,0,0,0,30,{"v":139.5,"d":"140"},100,465,200,0,"0.5","0.0",300,1395,1021]
["10600202002","Amoxicilina, 250 mg/5ml, Polvo para suspensión oral, Frasco x 120 ml","Frasco",28.6,0,0,0,0,0,0,0,0,0,0,0,0,0,0,20,0,"0.0","0.0",40,1144,343]
["10600204001","Ampicilina (anhidra), 1 g, Polvo para inyección, Vial","Vial",9.35,50,{"v":467.5,"d":"468"},0,0,0,0,0,0,0,0,0,0,50,{"v":467.5,"d":"468"},60,0,"0.8","0.8",70,654.5,34]
["11200202003","Atenolol, 50 mg, Comprimido oral, Blister","Comprimido",0.21,100,21,0,0,0,0,0,0,0,0,0,0,100,21,100,0,"1.0","1.0",100,21,73]
["12000001002","Atracurio besilato, 10 mg/ml, Inyectable, Ampolla x 2.5 ml","Ampolla",35.65,0,0,100,{"v":3565,"d":"3,565"},0,0,100,{"v":3565,"d":"3,565"},0,0,0,0,0,0,107,100,"0.0","0.0",214,7629.1,376]
["10100301001","Atropina sulfato, 1 mg/ ml, Inyectable, Ampolla x 1 ml","Ampolla",11,150,{"v":1650,"d":"1,650"},100,{"v":1100,"d":"1,100"},0,0,0,0,0,0,1,11,249,{"v":2739,"d":"2,739"},100,0,"2.5","2.5",0,0,6]
["10600205002","Azitromicina anhidra, 500 mg, Cápsula oral, Blister","Cápsula",7.44,900,{"v":6696,"d":"6,696"},0,0,0,0,0,0,0,0,0,0,900,{"v":6696,"d":"6,696"},520,0,"1.7","1.7",140,1041.6,36]
["10600205001","Azitromicina, 200 mg/5ml, Polvo para suspensión oral, Frasco x 30 ml","Frasco",31.54,353,{"v":11133.62,"d":"11,134"},0,0,0,0,0,0,0,0,118,{"v":3721.72,"d":"3,722"},235,{"v":7411.9,"d":"7,412"},9,0,"26.1","16.8",0,0,35]
["12600201004","Bicarbonato sodico   , 0.1, Inyectable, Ampolla x 10 ml","Ampolla",24.08,38,{"v":915.04,"d":"915"},0,0,0,0,0,0,0,0,0,0,38,{"v":915.04,"d":"915"},50,0,"0.8","0.8",62,1492.96,481]
["12600201005","Bicarbonato sodico   , 100 mg/ml, Inyectable, Ampolla x 10 ml","Ampolla",0,250,0,0,0,0,0,0,0,0,0,0,0,250,0,0,0,"00","00",0,0,482]
["11200101001","Bisoprolol, 2.5 mg, Comprimido oral, Blister","Comprimido",0,0,0,0,0,0,0,0,0,0,0,0,0,0,0,100,0,"0.0","0.0",200,0,1162]
["11200101002","Bisoprolol, 5 mg, Comprimido oral, Blister","Comprimido",1.98,0,0,0,0,0,0,0,0,0,0,0,0,0,0,100,0,"0.0","0.0",200,396,358]
["12500103002","Bromuro de ipratropio, 0.9 mg/ 3 ml, Solución para inhalación, Frasco","Frasco",19.18,{"v":1500,"d":"1,500"},{"v":28770,"d":"28,770"},{"v":1200,"d":"1,200"},{"v":23016,"d":"23,016"},0,0,0,0,0,0,0,0,{"v":2700,"d":"2,700"},{"v":51786,"d":"51,786"},461,0,"5.9","5.9",0,0,120]
["12500103003","Bromuro de ipratropio, 20 mcg, Solución para inhalación, Frasco x 20 ml","Frasco",477.79,0,0,0,0,0,0,0,0,0,0,0,0,0,0,11,0,"0.0","0.0",22,10511.38,486]
["12800002001","Budesonida, 100 mcg , Spray nasal, Frasco","Frasco",533.5,5,{"v":2667.5,"d":"2,668"},0,0,0,0,0,0,0,0,0,0,5,{"v":2667.5,"d":"2,668"},15,0,"0.3","0.3",25,13337.5,485]
["10100203001","Bupivacaina clorhidrato + glucosa, 0.5% +8.5%, Inyectable, Vial x 4 ml","Vial",22.99,340,{"v":7816.6,"d":"7,817"},0,0,0,0,0,0,0,0,40,{"v":919.6,"d":"920"},300,{"v":6897,"d":"6,897"},0,0,"00","00",0,0,3]
["10100202003","Bupivacaina clorhidrato, 0.005, Inyectable, Ampolla x 20 ml","Ampolla",212.68,50,{"v":10634,"d":"10,634"},50,{"v":10634,"d":"10,634"},0,0,0,0,0,0,0,0,100,{"v":21268,"d":"21,268"},27,0,"3.7","3.7",0,0,2]
["11200106006","Candesartan, 16 mg, Comprimido oral, Blister","Comprimido",2.35,500,{"v":1175,"d":"1,175"},0,0,0,0,0,0,0,0,0,0,500,{"v":1175,"d":"1,175"},100,0,"5.0","5.0",0,0,1163]
["11200106007","Candesartan, 32 mg, Comprimido oral, Blister","Comprimido",5.04,100,504,0,0,0,0,0,0,0,0,0,0,100,504,100,0,"1.0","1.0",100,504,1160]
["11200303001","Captoprilo, 25 mg, Comprimido oral sublingual, Blister","Comprimido",63.14,200,{"v":12628,"d":"12,628"},0,0,0,0,0,0,0,0,0,0,200,{"v":12628,"d":"12,628"},100,0,"2.0","2.0",0,0,1169]
["11200303002","Captoprilo, 50 mg, Comprimido oral, Blister","Comprimido",1.59,200,318,0,0,0,0,0,0,0,0,200,318,0,0,0,0,"0","0",0,0,443]
["10500002002","Carbamazepina, 200 mg, Comprimido oral, Blister","Comprimido",1.44,{"v":2700,"d":"2,700"},{"v":3888,"d":"3,888"},0,0,0,0,0,0,0,0,0,0,{"v":2700,"d":"2,700"},{"v":3888,"d":"3,888"},0,0,"00","00",0,0,29]
["10400101001","Carbon activado, , Polvo, Frasco x 50 g","Frasco",3485,8,{"v":27880,"d":"27,880"},2,{"v":6970,"d":"6,970"},0,0,0,0,0,0,0,0,10,{"v":34850,"d":"34,850"},4,0,"2.5","2.5",0,0,1259]
["12400202001","Carbonato de litio, 300 mg, Comprimido oral, Blister","Comprimido",5.1,400,{"v":2040,"d":"2,040"},0,0,0,0,100,510,0,0,0,0,300,{"v":1530,"d":"1,530"},150,0,"2.0","2.0",0,0,118]
["11200102001","Carvedilol, 12.5 mg, Comprimido oral, Blister","Comprimido",0.9,100,90,0,0,0,0,0,0,0,0,100,90,0,0,100,0,"0.0","0.0",200,180,1079]
["11200102003","Carvedilol, 6.25 mg, Comprimido oral, Blister","Comprimido",0.66,0,0,0,0,0,0,0,0,0,0,0,0,0,0,100,0,"0.0","0.0",200,132,1260]
["10600207002","Cefalexina anhidra, 250 mg/5ml, Polvo para suspensión oral, Frasco x 120 ml","Frasco",62.7,18,{"v":1128.6,"d":"1,129"},0,0,0,0,0,0,0,0,0,0,18,{"v":1128.6,"d":"1,129"},10,0,"1.8","1.8",2,125.4,1201]
["10600207003","Cefalexina monohidrato, 500 mg, Cápsula oral, Blister","Cápsula",2.39,0,0,0,0,0,0,0,0,0,0,0,0,0,0,133,100,"0.0","0.0",266,635.74,1261]
["10600208004","Cefazolina, 1 g, Polvo para inyección, Vial","Vial",26.96,400,{"v":10784,"d":"10,784"},100,{"v":2696,"d":"2,696"},0,0,0,0,0,0,0,0,500,{"v":13480,"d":"13,480"},74,0,"6.8","6.8",0,0,1097]
["10600209001","Cefepima, 1 g, Polvo para inyección, Vial","Vial",53.45,15,{"v":801.75,"d":"802"},0,0,0,0,15,{"v":801.75,"d":"802"},0,0,0,0,0,0,39,85,"0.0","0.0",78,4169.1,37]
["10600210001","Cefotaxima sodica, 1 g, Polvo para inyección, Vial","Vial",18.22,850,{"v":15487,"d":"15,487"},100,{"v":1822,"d":"1,822"},0,0,100,{"v":1822,"d":"1,822"},0,0,0,0,850,{"v":15487,"d":"15,487"},63,0,"13.5","13.5",0,0,38]
["10600212001","Ceftriaxona como sal sodica, 1 g, Polvo para inyección, Vial","Vial",21.88,950,{"v":20786,"d":"20,786"},300,{"v":6564,"d":"6,564"},0,0,100,{"v":2188,"d":"2,188"},0,0,0,0,{"v":1150,"d":"1,150"},{"v":25162,"d":"25,162"},271,0,"4.2","4.2",0,0,39]
["10300101001","Cetirizina, 10 mg, Comprimido oral, Blister","Comprimido",0.55,0,0,0,0,0,0,0,0,0,0,0,0,0,0,100,0,"0.0","0.0",200,110,1165]
["10300101002","Cetirizina, 5  mg/5ml, Jarabe, Frasco x 60 ml","Frasco",22,8,176,0,0,0,0,0,0,0,0,0,0,8,176,2,0,"4.0","4.0",0,0,1167]
["10600214001","Ciprofloxacina, 2 mg/ml, Inyectable, Vial x 100 ml","Vial",24.87,64,{"v":1591.68,"d":"1,592"},0,0,0,0,0,0,0,0,0,0,64,{"v":1591.68,"d":"1,592"},15,0,"4.3","4.3",0,0,40]
["12400104008","Citicolina, 500 mg, Tableta, Blister","Tableta",12.79,300,{"v":3837,"d":"3,837"},0,0,0,0,0,0,0,0,0,0,300,{"v":3837,"d":"3,837"},100,0,"3.0","3.0",0,0,111]
["10600215001","Claritromicina, 250 mg/5ml, Suspensión oral, Frasco x 60 ml","Frasco",195.36,50,{"v":9768,"d":"9,768"},0,0,0,0,20,{"v":3907.2,"d":"3,907"},0,0,0,0,30,{"v":5860.8,"d":"5,861"},23,0,"1.3","1.3",16,3125.76,1080]
["10600216003","Clindamicina, 150 mg/ml, Inyectable, Ampolla x 4 ml","Ampolla",296.06,300,{"v":88818,"d":"88,818"},300,{"v":88818,"d":"88,818"},0,0,100,{"v":29606,"d":"29,606"},0,0,0,0,500,{"v":148030,"d":"148,030"},121,0,"4.1","4.1",0,0,344]
["11200502001","Clopidogrel bisulfato, 75 mg, Comprimido oral, Blister","Comprimido",1.16,{"v":1300,"d":"1,300"},{"v":1508,"d":"1,508"},0,0,0,0,0,0,0,0,0,0,{"v":1300,"d":"1,300"},{"v":1508,"d":"1,508"},125,0,"10.4","10.4",0,0,77]
["10600218004","Cloranfenicol succinato sodico, 1 g, Polvo para inyección, Vial","Vial",49.5,0,0,0,0,0,0,0,0,0,0,0,0,0,0,100,0,"0.0","0.0",200,9900,1304]
["11500104005","Clorhexidina digluconato, 0.04, Solución tópica, Frasco","Frasco",493.9,6,{"v":2963.4,"d":"2,963"},0,0,0,0,0,0,0,0,0,0,6,{"v":2963.4,"d":"2,963"},0,0,"00","00",0,0,85]
["11500104003","Clorhexidina gluconato , 0.05, Solución tópica, Galón","Galón",603.9,0,0,4,{"v":2415.6,"d":"2,416"},0,0,0,0,0,0,0,0,4,{"v":2415.6,"d":"2,416"},2,0,"2.0","2.0",0,0,84]
["12400101001","Clorpromazina, 100 mg, Comprimido oral, Blister","Comprimido",1.1,200,220,0,0,0,0,0,0,0,0,0,0,200,220,0,0,"00","00",0,0,104]
["12400101004","Clorpromazina, 25 mg /ml, Inyectable, Ampolla x 2 ml","Ampolla",28.68,0,0,300,{"v":8604,"d":"8,604"},0,0,0,0,0,0,0,0,300,{"v":8604,"d":"8,604"},125,0,"2.4","2.4",0,0,378]
["12400101006","Clorpromazina, 50 mg /ml, Inyectable, Ampolla x 2 ml","Ampolla",30,0,0,0,0,0,0,0,0,0,0,0,0,0,0,117,0,"0.0","0.0",234,7020,685]
["12600202001","Cloruro potasico, 0.2, Inyectable, Ampolla x 10 ml","Ampolla",15.04,550,{"v":8272,"d":"8,272"},0,0,0,0,50,752,0,0,0,0,500,{"v":7520,"d":"7,520"},56,0,"8.9","8.9",0,0,130]
["12600203001","Cloruro sodico, 0.9%, Inyectable, Frasco x 1 l","Frasco",66.45,446,{"v":29636.7,"d":"29,637"},0,0,0,0,60,{"v":3987,"d":"3,987"},0,0,0,0,386,{"v":25649.7,"d":"25,650"},143,0,"2.7","2.7",0,0,131]
["12600203003","Cloruro sodico, 0.9%, Inyectable, Frasco x 100 ml","Frasco",25.88,476,{"v":12318.88,"d":"12,319"},0,0,0,0,250,{"v":6470,"d":"6,470"},0,0,0,0,226,{"v":5848.88,"d":"5,849"},348,0,"0.6","0.6",470,12163.6,133]
["12600203002","Cloruro sodico, 0.9%, Inyectable, Frasco x 500 ml","Frasco",58.29,331,{"v":19293.99,"d":"19,294"},0,0,0,0,74,{"v":4313.46,"d":"4,313"},0,0,0,0,257,{"v":14980.53,"d":"14,981"},117,0,"2.2","2.2",0,0,132]
["12400102001","Clozapina, 100 mg, Comprimido oral, Blister","Comprimido",3.44,300,{"v":1032,"d":"1,032"},300,{"v":1032,"d":"1,032"},0,0,100,344,0,0,0,0,500,{"v":1720,"d":"1,720"},100,0,"5.0","5.0",0,0,107]
["12400102002","Clozapina, 25 mg, Comprimido oral, Blister","Comprimido",3.14,0,0,0,0,0,0,0,0,0,0,0,0,0,0,100,0,"0.0","0.0",200,628,108]
["12700020002","Complejo b , (VIT.B1 100 mg, B2 10 mg,  B6 10mg, nicotinamida 100 mg)/ml, Inyectable, Vial x 10ml","Vial",54.18,172,{"v":9318.96,"d":"9,319"},0,0,0,0,0,0,0,0,0,0,172,{"v":9318.96,"d":"9,319"},44,0,"3.9","3.9",0,0,433]
["10300202003","Dexametasona fosfato, 4 mg/ml, Inyectable, Ampolla x 1 ml","Ampolla",19.8,{"v":2300,"d":"2,300"},{"v":45540,"d":"45,540"},0,0,0,0,200,{"v":3960,"d":"3,960"},0,0,0,0,{"v":2100,"d":"2,100"},{"v":41580,"d":"41,580"},167,0,"12.6","12.6",0,0,1317]
["10300202004","Dexametasona fosfato, 4 mg/ml, Inyectable, Ampolla x 2ml","Ampolla",6.28,100,628,800,{"v":5024,"d":"5,024"},0,0,0,0,0,0,0,0,900,{"v":5652,"d":"5,652"},211,0,"4.3","4.3",0,0,341]
["10300202001","Dexametasona, 4 mg, Comprimido oral, Blister","Comprimido",0.55,100,55,0,0,0,0,0,0,0,0,100,55,0,0,0,0,"0","0",0,0,1264]
["12600204001","Dextrosa (glucosa), 0.05, Inyectable, Frasco x 1 l","Frasco",76.04,532,{"v":40453.28,"d":"40,453"},0,0,0,0,0,0,0,0,0,0,532,{"v":40453.28,"d":"40,453"},21,0,"25.3","22.6",0,0,384]
["12600204006","Dextrosa (glucosa), 0.5, Inyectable, Frasco x 500 ml","Frasco",77.91,104,{"v":8102.64,"d":"8,103"},0,0,0,0,0,0,0,0,0,0,104,{"v":8102.64,"d":"8,103"},32,0,"3.3","3.3",0,0,1083]
["12600204005","Dextrosa (glucosa), 0.5, Inyectable, Vial 20 ml","Vial",16.92,450,{"v":7614,"d":"7,614"},0,0,0,0,0,0,0,0,0,0,450,{"v":7614,"d":"7,614"},88,0,"5.1","5.1",0,0,134]
["12600205001","Dextrosa + cloruro sodico, 5% + 0.33%, Inyectable, Frasco x 1 l","Frasco",83.42,444,{"v":37038.48,"d":"37,038"},0,0,0,0,456,{"v":38039.52,"d":"38,040"},48,{"v":4004.16,"d":"4,004"},0,0,36,{"v":3003.12,"d":"3,003"},348,0,"0.1","0.1",660,55057.2,440]
["12600205002","Dextrosa + cloruro sodico, 5% + 0.33%, Inyectable, Frasco x 500 ml","Frasco",89.42,173,{"v":15469.66,"d":"15,470"},0,0,0,0,0,0,0,0,0,0,173,{"v":15469.66,"d":"15,470"},206,0,"0.8","0.8",239,21371.38,135]
["12600205003","Dextrosa + cloruro sodico, 5% + 0.9%, Inyectable, Frasco x 1 l","Frasco",55.87,276,{"v":15420.12,"d":"15,420"},0,0,0,0,0,0,0,0,0,0,276,{"v":15420.12,"d":"15,420"},36,0,"7.7","7.7",0,0,385]
["11500203001","Dialdehido solucion, , Solución, Galón","Galón",794.2,0,0,0,0,0,0,0,0,0,0,0,0,0,0,2,0,"0.0","0.0",4,3176.8,550]
["12400302001","Diazepam, 10 mg, Comprimido oral, Blister","Comprimido",3.43,0,0,300,{"v":1029,"d":"1,029"},0,0,200,686,0,0,0,0,100,343,300,0,"0.3","0.3",500,1715,1142]
["12400302003","Diazepam, 5 mg/ml, Inyectable, Ampolla x 2 ml","Ampolla",18.92,0,0,900,{"v":17028,"d":"17,028"},0,0,600,{"v":11352,"d":"11,352"},0,0,0,0,300,{"v":5676,"d":"5,676"},400,0,"0.8","0.8",500,9460,382]
["10200102002","Diclofenaco sodico, 12.5 mg, Supositorio, Blister","Supositorio",6.5,300,{"v":1950,"d":"1,950"},200,{"v":1300,"d":"1,300"},0,0,200,{"v":1300,"d":"1,300"},0,0,0,0,300,{"v":1950,"d":"1,950"},140,0,"2.1","2.1",0,0,9]
["10200102008","Diclofenaco sodico, 25 mg /ml, Inyectable, Ampolla x 3 ml","Ampolla",1.68,951,{"v":1597.68,"d":"1,598"},500,840,0,0,800,{"v":1344,"d":"1,344"},0,0,0,0,651,{"v":1093.68,"d":"1,094"},787,0,"0.8","0.8",923,1550.64,10]
["10600220003","Dicloxacilina, 500 mg, Polvo para inyección, Vial","Vial",87.36,0,0,0,0,0,0,0,0,0,0,0,0,0,0,20,0,"0.0","0.0",40,3494.4,42]
["10300102001","Difenhidramina, 10 mg/ml, Inyectable, Ampolla x 1 ml","Ampolla",8.09,300,{"v":2427,"d":"2,427"},500,{"v":4045,"d":"4,045"},0,0,300,{"v":2427,"d":"2,427"},0,0,0,0,500,{"v":4045,"d":"4,045"},375,0,"1.3","1.3",250,2022.5,21]
["10300102002","Difenhidramina, 12.5 mg/5ml, Jarabe, Frasco x 120 ml","Frasco",10.52,98,{"v":1030.96,"d":"1,031"},0,0,0,0,0,0,0,0,0,0,98,{"v":1030.96,"d":"1,031"},10,0,"9.8","9.8",0,0,340]
["10300102004","Difenhidramina, 25 mg, Comprimido oral, Blister","Comprimido",0.34,{"v":3400,"d":"3,400"},{"v":1156,"d":"1,156"},0,0,0,0,0,0,0,0,0,0,{"v":3400,"d":"3,400"},{"v":1156,"d":"1,156"},267,0,"12.7","9.8",0,0,22]
["11200401001","Digoxina, 0.25 mg/ml, Inyectable, Ampolla x 2 ml","Ampolla",18.93,680,{"v":12872.4,"d":"12,872"},0,0,0,0,0,0,0,0,0,0,680,{"v":12872.4,"d":"12,872"},65,0,"10.5","10.5",0,0,75]
["11200401002","Digoxina, 250 mcg, Comprimido oral, Blister","Comprimido",0.88,0,0,0,0,0,0,0,0,0,0,0,0,0,0,100,0,"0.0","0.0",200,176,1254]
["11700201005","Dimenhidrinato, 50 mg, Inyectable, Ampolla x 1 ml","Ampolla",4.68,600,{"v":2808,"d":"2,808"},600,{"v":2808,"d":"2,808"},0,0,100,468,0,0,0,0,{"v":1100,"d":"1,100"},{"v":5148,"d":"5,148"},181,0,"6.1","6.1",0,0,94]
["11800401001","Dispositivo intrauterino que contiene cobre, , , Unidad","Sobre",0,0,0,0,0,0,0,0,0,0,0,0,0,0,0,6,0,"0.0","0.0",12,0,371]
["11200402002","Dobutamina clorhidrato, 12.5 mg/ml, Inyectable, Vial x 20 ml","Vial",0,0,0,0,0,0,0,0,0,0,0,0,0,0,0,40,0,"0.0","0.0",80,0,717]
["10600414003","Dolutegravir, 50 mg, Comprimido oral, Frasco","Comprimido",0,10,0,20,0,0,0,30,0,0,0,0,0,0,0,118,0,"0.0","0.0",236,0,58]
["11200403001","Dopamina clorhidrato, 40 mg/ml, Inyectable, Ampolla x 5 ml","Ampolla",19.2,200,{"v":3840,"d":"3,840"},0,0,0,0,0,0,0,0,0,0,200,{"v":3840,"d":"3,840"},63,0,"3.2","3.2",0,0,363]
["12700022003","Efedrina sulfato, 60 mg/ml, Inyectable, Ampolla  x 1ml","Ampolla",26.4,0,0,0,0,0,0,0,0,0,0,0,0,0,0,105,0,"0.0","0.0",210,5544,387]
["11200304001","Enalapril maleato, 10 mg, Comprimido oral, Blister","Comprimido",0.31,100,31,0,0,0,0,100,31,0,0,0,0,0,0,100,0,"0.0","0.0",200,62,360]
["11200304002","Enalapril maleato, 20 mg, Comprimido oral, Blister","Comprimido",0.56,{"v":2400,"d":"2,400"},{"v":1344,"d":"1,344"},0,0,0,0,200,112,0,0,0,0,{"v":2200,"d":"2,200"},{"v":1232,"d":"1,232"},200,0,"11.0","11.0",0,0,361]
["11000202001","Enoxaparina, 20 mg /0.2 ml, Inyectable, Jeringa precargada","Jeringa precargada",117.78,91,{"v":10717.98,"d":"10,718"},0,0,0,0,0,0,0,0,0,0,91,{"v":10717.98,"d":"10,718"},43,0,"2.1","2.1",0,0,66]
["11000202002","Enoxaparina, 40 mg /0.2 ml, Inyectable, Jeringa precargada","Jeringa precargada",216.7,40,{"v":8668,"d":"8,668"},0,0,0,0,0,0,0,0,30,{"v":6501,"d":"6,501"},10,{"v":2167,"d":"2,167"},17,0,"0.6","0.6",24,5200.8,431]
["10300204001","Epinefrina (adrenalina), 1 mg/mL, Inyectable, Ampolla x 1 ml","Ampolla",18.92,300,{"v":5676,"d":"5,676"},100,{"v":1892,"d":"1,892"},0,0,0,0,0,0,0,0,400,{"v":7568,"d":"7,568"},153,0,"2.6","2.6",0,0,342]
["11000102001","Eritropoyetina, 4000 UI / ml, Inyectable, Ampolla x1 ml","Ampolla",292.48,100,{"v":29248,"d":"29,248"},0,0,0,0,0,0,0,0,0,0,100,{"v":29248,"d":"29,248"},23,0,"4.3","4.3",0,0,778]
["11800303001","Etinilestradiol + levonorgestrel, 30 mcg + 150 mcg, Comprimido oral, Blister","Comprimido",0,0,0,120,0,0,0,120,0,0,0,0,0,0,0,73,0,"0.0","0.0",146,0,370]
["11800601001","Etonogestrel, 68 mg, Implante, Unidad","Caja",0,0,0,0,0,0,0,0,0,0,0,0,0,0,0,3,0,"0.0","0.0",6,0,100]
["10500003004","Fenitoina sodica, 50 mg/ml, Inyectable, Vial x 5 ml","Vial",30.83,200,{"v":6166,"d":"6,166"},0,0,0,0,0,0,0,0,0,0,200,{"v":6166,"d":"6,166"},83,0,"2.4","2.4",0,0,30]
["10200202001","Fentanilo, 0.1  mg / 2ml, Inyectable, Ampolla x 2 ml","Ampolla",27.92,0,0,300,{"v":8376,"d":"8,376"},0,0,200,{"v":5584,"d":"5,584"},0,0,0,0,100,{"v":2792,"d":"2,792"},125,0,"0.8","0.8",150,4188,461]
["10200202002","Fentanilo, 0.5  mg / 10ml, Inyectable, Ampolla x 10ml","Ampolla",59.37,0,0,450,{"v":26716.5,"d":"26,717"},0,0,300,{"v":17811,"d":"17,811"},0,0,0,0,150,{"v":8905.5,"d":"8,906"},200,0,"0.8","0.8",250,14842.5,639]
["10400204004","Fitomenadiona (vit.k), 10 mg/ml, Inyectable, Ampolla x 5 ml","Ampolla",13.53,200,{"v":2706,"d":"2,706"},100,{"v":1353,"d":"1,353"},0,0,0,0,0,0,0,0,300,{"v":4059,"d":"4,059"},100,0,"3.0","3.0",0,0,26]
["10600302001","Fluconazol, 150 mg, Cápsula oral, Blister","Cápsula",4.16,369,{"v":1535.04,"d":"1,535"},0,0,0,0,0,0,0,0,0,0,369,{"v":1535.04,"d":"1,535"},86,0,"4.3","4.3",0,0,52]
["10600302002","Fluconazol, 2 mg/mL, Inyectable, Vial x 100 ml","Vial",44.27,37,{"v":1637.99,"d":"1,638"},0,0,0,0,0,0,0,0,0,0,37,{"v":1637.99,"d":"1,638"},18,0,"2.1","2.1",0,0,53]
["12400103001","Flufenazina decanoato, 25 mg/ml, Inyectable, Ampolla x 1 ml","Ampolla",682,{"v":1809,"d":"1,809"},{"v":1233738,"d":"1,233,738"},0,0,0,0,0,0,0,0,75,{"v":51150,"d":"51,150"},{"v":1734,"d":"1,734"},{"v":1182588,"d":"1,182,588"},200,200,"8.7","0.0",0,0,109]
["10400205005","Flumazenilo, 1 mg, Inyectable, Ampolla x 10 ml","Ampolla",665.5,45,{"v":29947.5,"d":"29,948"},0,0,0,0,0,0,0,0,35,{"v":23292.5,"d":"23,293"},10,{"v":6655,"d":"6,655"},25,0,"0.4","0.4",40,26620,947]
["12400203001","Fluoxetina, 20 mg, Comprimido oral, Blister","Comprimido",0.77,0,0,200,154,0,0,0,0,0,0,0,0,200,154,500,0,"0.4","0.4",800,616,381]
["10600225001","Fosfomicina, 1 g, Polvo para inyección, Vial","Vial",132,100,{"v":13200,"d":"13,200"},0,0,0,0,0,0,0,0,0,0,100,{"v":13200,"d":"13,200"},45,0,"2.2","1.0",0,0,782]
["11600005001","Furosemida, 10 mg/ml, Inyectable, Ampolla x 2 ml","Ampolla",2.15,500,{"v":1075,"d":"1,075"},100,215,0,0,0,0,0,0,0,0,600,{"v":1290,"d":"1,290"},134,0,"4.5","4.5",0,0,366]
["11600005002","Furosemida, 40 mg, Comprimido oral, Blister","Comprimido",0.42,600,252,0,0,0,0,0,0,0,0,0,0,600,252,0,0,"00","00",0,0,90]
["10600226003","Gentamicina sulfato, 40 mg/ml, Inyectable, Ampolla x 2 ml","Ampolla",4.74,300,{"v":1422,"d":"1,422"},100,474,0,0,0,0,0,0,300,{"v":1422,"d":"1,422"},100,474,100,0,"1.0","1.0",100,474,43]
["10600226004","Gentamicina sulfato, 80 mg/ml, Inyectable, Vial x 2 ml","Vial",2.29,900,{"v":2061,"d":"2,061"},0,0,0,0,0,0,0,0,900,{"v":2061,"d":"2,061"},0,0,100,0,"0.0","0.0",200,458,783]
["12600206001","Gluconato de calcio, 100 mg/ml, Inyectable, Ampolla x 10 ml","Ampolla",28.82,100,{"v":2882,"d":"2,882"},0,0,0,0,0,0,0,0,0,0,100,{"v":2882,"d":"2,882"},100,0,"1.0","1.0",100,2882,554]
["11500204001","Glutaraldehido, 0.02, Solución, Galón","Galón",1787.47,19,{"v":33961.93,"d":"33,962"},0,0,0,0,1,{"v":1787.47,"d":"1,787"},0,0,0,0,18,{"v":32174.46,"d":"32,174"},2,0,"9.0","9.0",0,0,365]
["12400104005","Haloperidol, 5 mg/ml, Inyectable, Ampolla x 1 ml","Ampolla",110.2,0,0,0,0,0,0,0,0,0,0,0,0,0,0,129,0,"0.0","0.0",258,28431.6,432]
["12400104006","Haloperidol, 5 mg/ml, Inyectable, Ampolla x 2 ml","Ampolla",13.73,0,0,0,0,0,0,0,0,0,0,0,0,0,0,100,0,"0.0","0.0",200,2746,110]
["11000204005","Heparina soldica, 25000 UI/ ml, Inyectable, Vial  5 ml","Vial",0,0,0,0,0,0,0,0,0,0,0,0,0,0,0,20,0,"0.0","0.0",40,0,67]
["11000204001","Heparina soldica, 5000 UI/ ml, Inyectable, Vial  1 ml","Vial",156.59,65,{"v":10178.35,"d":"10,178"},0,0,0,0,0,0,0,0,0,0,65,{"v":10178.35,"d":"10,178"},18,0,"3.6","3.6",0,0,357]
["11600006002","Hidroclorotiazida, 50 mg, Comprimido oral, Blister","Comprimido",0.79,200,158,0,0,0,0,0,0,0,0,0,0,200,158,0,0,"00","00",0,0,1161]
["10300205001","Hidrocortisona sucinato sodico, 100 mg, Polvo para inyección, Vial","Vial",14.61,{"v":1700,"d":"1,700"},{"v":24837,"d":"24,837"},{"v":2000,"d":"2,000"},{"v":29220,"d":"29,220"},0,0,200,{"v":2922,"d":"2,922"},0,0,0,0,{"v":3500,"d":"3,500"},{"v":51135,"d":"51,135"},741,0,"4.7","4.7",0,0,25]
["11100103001","Hierro dextrano, 50 mg / ml, Inyectable, Ampolla x 2 ml","Ampolla",16.16,100,{"v":1616,"d":"1,616"},0,0,0,0,0,0,0,0,0,0,100,{"v":1616,"d":"1,616"},0,0,"00","00",0,0,765]
["11100105001","Hierro sacarosa, 100 mg/5 ml, Inyectable, Ampolla x 5 ml","Ampolla",0,0,0,0,0,0,0,0,0,0,0,0,0,0,0,100,0,"0.0","0.0",200,0,936]
["11700501001","Hioscina butilbromuro, 20 mg/ml, Inyectable, Ampolla x 1 ml","Ampolla",37.07,400,{"v":14828,"d":"14,828"},0,0,0,0,0,0,0,0,0,0,400,{"v":14828,"d":"14,828"},50,0,"8.0","8.0",0,0,95]
["10200103004","Ibuprofeno, 400 mg, Comprimido oral, Blister","Comprimido",1.1,0,0,0,0,0,0,0,0,0,0,0,0,0,0,133,0,"0.0","0.0",266,292.6,12]
["10200103005","Ibuprofeno, 600 mg, Comprimido oral, Blister","Comprimido",0.6,100,60,0,0,0,0,0,0,0,0,0,0,100,60,60,0,"1.7","1.7",20,12,1200]
["10600246001","Imipenem + cilastatina, 500 mg + 500 mg, Polvo para inyección, Vial","Vial",156.04,180,{"v":28087.2,"d":"28,087"},0,0,0,0,0,0,0,0,0,0,180,{"v":28087.2,"d":"28,087"},25,0,"7.2","7.2",0,0,348]
["11900206001","Inmunoglobulina tetánica, 250 UI, Inyectable, Vial","Vial",728.75,60,{"v":43725,"d":"43,725"},60,{"v":43725,"d":"43,725"},0,0,120,{"v":87450,"d":"87,450"},0,0,0,0,0,0,59,0,"0.0","0.0",118,85992.5,375]
["11800802001","Insulina intermedia nph , 100 UI/ml, Inyectable, Vial x 10 ml","Vial",198.35,20,{"v":3967,"d":"3,967"},0,0,0,0,0,0,0,0,0,0,20,{"v":3967,"d":"3,967"},10,0,"2.0","2.0",0,0,372]
["11800802003","Insulina mixta 70 / 30 humana, 100 UI/ml, Inyectable, Vial x 10 ml","Vial",189.82,60,{"v":11389.2,"d":"11,389"},0,0,0,0,0,0,0,0,0,0,60,{"v":11389.2,"d":"11,389"},30,0,"2.0","2.0",0,0,373]
["11800802004","Insulina regular (cristalina), 100 UI/ml, Inyectable, Vial x 10 ml","Vial",240.9,10,{"v":2409,"d":"2,409"},0,0,0,0,0,0,0,0,0,0,10,{"v":2409,"d":"2,409"},0,0,"00","00",0,0,374]
["10100104001","Ketamina, 50 mg /ml, Inyectable, Vial x 10 ml","Vial",60.5,0,0,600,{"v":36300,"d":"36,300"},0,0,400,{"v":24200,"d":"24,200"},0,0,0,0,200,{"v":12100,"d":"12,100"},145,0,"1.4","1.4",90,5445,337]
["10200104002","Ketorolaco trometamol, 30 mg / ml, Inyectable, Ampolla x 1 ml","Ampolla",8.71,250,{"v":2177.5,"d":"2,178"},300,{"v":2613,"d":"2,613"},0,0,0,0,0,0,0,0,550,{"v":4790.5,"d":"4,791"},143,0,"3.8","3.8",0,0,14]
["10200104001","Ketorolaco trometamol, 30 mg / ml, Inyectable, Ampolla x 2 ml","Ampolla",29.7,200,{"v":5940,"d":"5,940"},300,{"v":8910,"d":"8,910"},0,0,0,0,0,0,0,0,500,{"v":14850,"d":"14,850"},100,0,"5.0","5.0",0,0,13]
["11200305005","Labetalol clorhidrato, 5 mg / ml, Inyectable, Ampolla","Ampolla",483.5,70,{"v":33845,"d":"33,845"},0,0,0,0,0,0,0,0,0,0,70,{"v":33845,"d":"33,845"},13,0,"5.4","4.0",0,0,824]
["12600207001","Lactato de ringer (hartmann), , Inyectable, Frasco x 1000 ml","Frasco",67.52,252,{"v":17015.04,"d":"17,015"},0,0,0,0,240,{"v":16204.8,"d":"16,205"},0,0,0,0,12,{"v":810.24,"d":"810"},440,204,"0.0","0.0",868,58607.36,386]
["12600207002","Lactato de ringer (hartmann), , Inyectable, Frasco x 500 ml","Frasco",37.93,2,{"v":75.86,"d":"76"},0,0,0,0,0,0,0,0,0,0,2,{"v":75.86,"d":"76"},80,48,"0.0","0.0",158,5992.94,959]
["10600229001","Levofloxacina, 5 mg/ml, Inyectable, Vial x 100 ml","Vial",24.6,0,0,50,{"v":1230,"d":"1,230"},0,0,0,0,0,0,0,0,50,{"v":1230,"d":"1,230"},15,0,"3.3","3.3",0,0,459]
["10600229002","Levofloxacina, 500 mg, Comprimido oral, Blister","Comprimido",13.97,60,{"v":838.2,"d":"838"},0,0,0,0,0,0,0,0,0,0,60,{"v":838.2,"d":"838"},0,0,"00","00",0,0,690]
["11800305002","Levonorgestrel, 30 mcg, Comprimido oral, Blister","Comprimido",0,0,0,0,0,0,0,0,0,0,0,0,0,0,0,27,0,"0.0","0.0",54,0,99]
["11800305003","Levonorgestrel, 750 mcg, Comprimido oral, Blister","Comprimido",0,0,0,0,0,0,0,0,0,0,0,0,0,0,0,8,0,"0.0","0.0",16,0,1066]
["11801102003","Levotiroxina sal sodica, 25 mcg, Comprimido oral, Blister","Comprimido",1.89,0,0,0,0,0,0,0,0,0,0,0,0,0,0,100,0,"0.0","0.0",200,378,1096]
["10100205002","Lidocaina clorhidrato + epinefrina, 1 % + 1:200, Inyectable, Vial x 50 ml","Vial",103.55,44,{"v":4556.2,"d":"4,556"},0,0,0,0,0,0,0,0,0,0,44,{"v":4556.2,"d":"4,556"},3,0,"14.7","14.0",0,0,5]
["10100204004","Lidocaina clorhidrato, 0.02, Inyectable, Vial x 20 ml","Vial",27.5,100,{"v":2750,"d":"2,750"},50,{"v":1375,"d":"1,375"},0,0,5,{"v":137.5,"d":"138"},0,0,0,0,145,{"v":3987.5,"d":"3,988"},11,7,"13.2","13.2",0,0,1265]
["10100204005","Lidocaina clorhidrato, 0.02, Inyectable, Vial x 50 ml","Vial",60.5,7,{"v":423.5,"d":"424"},0,0,0,0,5,{"v":302.5,"d":"303"},0,0,0,0,2,121,7,0,"0.3","0.3",12,726,4]
["10300103002","Loratadina, 1 mg/ml, Jarabe, Frasco x 90 ml","Frasco",22.35,49,{"v":1095.15,"d":"1,095"},0,0,0,0,0,0,0,0,0,0,49,{"v":1095.15,"d":"1,095"},6,0,"8.2","8.2",0,0,1266]
["10300103001","Loratadina, 10 mg, Comprimido oral, Blister","Comprimido",0.83,100,83,0,0,0,0,0,0,0,0,0,0,100,83,50,0,"2.0","2.0",0,0,1267]
["12400303003","Lorazepam, 2 mg/ml, Inyectable, Ampolla x 1 ml","Ampolla",0,0,0,0,0,0,0,0,0,0,0,0,0,0,0,96,0,"0.0","0.0",192,0,1291]
["11200306001","Losartan, 50 mg, Comprimido oral, Blister","Comprimido",0.36,0,0,0,0,0,0,0,0,0,0,0,0,0,0,100,0,"0.0","0.0",200,72,362]
["11600007002","Manitol, 0.2, Inyectable, Frasco x 250 ml","Frasco",198,0,0,0,0,0,0,0,0,0,0,0,0,0,0,24,0,"0.0","0.0",48,9504,1175]
["10600230001","Meropenem, 1 g, Polvo para inyección, Vial","Vial",192.79,100,{"v":19279,"d":"19,279"},50,{"v":9639.5,"d":"9,640"},0,0,0,0,0,0,0,0,150,{"v":28918.5,"d":"28,919"},40,0,"3.8","3.8",0,0,44]
["11700501002","Metamizol, 1 g/2 ml, Inyectable, Ampolla x 1 ml","Ampolla",123.89,0,0,0,0,0,0,0,0,0,0,0,0,0,0,100,0,"0.0","0.0",200,24778,1220]
["11800803001","Metformina, 500 mg, Comprimido oral, Blister","Comprimido",0.36,0,0,0,0,0,0,0,0,0,0,0,0,0,0,200,0,"0.0","0.0",400,144,1158]
["11800803002","Metformina, 850 mg, Comprimido oral, Blister","Comprimido",0.68,200,136,0,0,0,0,0,0,0,0,0,0,200,136,100,0,"2.0","0.0",0,0,1093]
["11200307002","Metildopa, 500 mg, Comprimido oral, Blister","Comprimido",0,100,0,0,0,0,0,0,0,0,0,0,0,100,0,0,0,"00","00",0,0,1095]
["11800103001","Metilprednisolona, 40 mg /ml, Polvo para inyección, Vial x 1 ml","Vial",58.4,0,0,200,{"v":11680,"d":"11,680"},0,0,150,{"v":8760,"d":"8,760"},0,0,0,0,50,{"v":2920,"d":"2,920"},175,0,"0.3","0.3",300,17520,793]
["11800103002","Metilprednisolona, 500 mg, Polvo para inyección, Vial","Vial",113.23,713,{"v":80732.99,"d":"80,733"},0,0,0,0,105,{"v":11889.15,"d":"11,889"},0,0,0,0,608,{"v":68843.84,"d":"68,844"},49,0,"12.4","7.6",0,0,96]
["11800103003","Metilprednisolona, 80 mg /ml, Polvo para inyección, Vial x 1 ml","Vial",417.21,55,{"v":22946.55,"d":"22,947"},400,{"v":166884,"d":"166,884"},0,0,140,{"v":58409.4,"d":"58,409"},0,0,0,0,315,{"v":131421.15,"d":"131,421"},81,15,"3.9","3.9",0,0,369]
["11700201003","Metoclopramida clorhidrato, 5 mg/ml, Inyectable, Ampolla x 2 ml","Ampolla",3.55,200,710,100,355,0,0,0,0,0,0,0,0,300,{"v":1065,"d":"1,065"},140,0,"2.1","2.1",0,0,93]
["10600231002","Metronidazol, 5 mg/ml, Inyectable, Vial x 100 ml","Vial",17.1,140,{"v":2394,"d":"2,394"},200,{"v":3420,"d":"3,420"},0,0,50,855,0,0,0,0,290,{"v":4959,"d":"4,959"},55,0,"5.3","5.3",0,0,45]
["10100302003","Midazolam, 5 mg/ml, Inyectable, Ampolla x 3 ml","Ampolla",74.53,0,0,600,{"v":44718,"d":"44,718"},0,0,400,{"v":29812,"d":"29,812"},0,0,0,0,200,{"v":14906,"d":"14,906"},250,0,"0.8","0.8",300,22359,7]
["10200204001","Morfina sulfato o clorhidrato, 10 mg / ml, Inyectable, Ampolla x 1 ml","Ampolla",121,0,0,300,{"v":36300,"d":"36,300"},0,0,200,{"v":24200,"d":"24,200"},0,0,0,0,100,{"v":12100,"d":"12,100"},133,0,"0.8","0.8",166,20086,1253]
["10200205002","Nalbufina, 10 mg / ml, Inyectable, Ampolla x 2 ml","Ampolla",64.9,0,0,0,0,0,0,0,0,0,0,0,0,0,0,237,0,"0.0","0.0",474,30762.6,19]
["10400207007","Naloxona clorhidrato, 400 mcg/ml, Inyectable, Ampolla x 1 ml","Ampolla",548.9,0,0,240,{"v":131736,"d":"131,736"},0,0,40,{"v":21956,"d":"21,956"},0,0,0,0,200,{"v":109780,"d":"109,780"},40,0,"5.0","5.0",0,0,708]
["12000002002","Neostigmina metilsulfato, 0.5 mg/ml, Inyectable, Ampolla x 1 ml","Ampolla",15.09,200,{"v":3018,"d":"3,018"},0,0,0,0,100,{"v":1509,"d":"1,509"},0,0,0,0,100,{"v":1509,"d":"1,509"},80,0,"1.3","1.3",60,905.4,102]
["12200201001","Nifedipina, 10 mg, Comprimido oral de liberación inmediata, Blister","Comprimido",0.15,0,0,0,0,0,0,0,0,0,0,0,0,0,0,100,0,"0.0","0.0",200,30,103]
["10600306004","Nistatina, 100000 UI/ml, Suspensión oral, Frasco x 30 ml","Frasco",38.55,12,{"v":462.6,"d":"463"},0,0,0,0,0,0,0,0,0,0,12,{"v":462.6,"d":"463"},7,0,"1.7","1.7",2,77.1,1191]
["11300207002","Nitrofurazona, 0.2%, Crema tópica, Tarro x 1 lb","Tarro",156.12,3,{"v":468.36,"d":"468"},5,{"v":780.6,"d":"781"},0,0,2,{"v":312.24,"d":"312"},0,0,0,0,6,{"v":936.72,"d":"937"},2,0,"3.0","3.0",0,0,80]
["11200104001","Nitroglicerina, 5 mg/ml, Inyectable, Ampolla x 5 ml","Ampolla",170.5,20,{"v":3410,"d":"3,410"},0,0,0,0,0,0,0,0,0,0,20,{"v":3410,"d":"3,410"},0,0,"00","00",0,0,70]
["10300204003","Norepinefrina (noradrenalina), 1 mg/ml , Inyectable, Ampolla x 10 ml","Ampolla",143.27,240,{"v":34384.8,"d":"34,385"},50,{"v":7163.5,"d":"7,164"},0,0,0,0,0,0,0,0,290,{"v":41548.3,"d":"41,548"},63,0,"4.6","4.6",0,0,24]
["12400105001","Olanzapina, 10 mg, Comprimido oral, Blister","Comprimido",2.64,600,{"v":1584,"d":"1,584"},300,792,0,0,300,792,0,0,0,0,600,{"v":1584,"d":"1,584"},286,0,"2.1","2.1",0,0,113]
["12400105003","Olanzapina, 5 mg, Comprimido oral, Blister","Comprimido",1.07,{"v":2000,"d":"2,000"},{"v":2140,"d":"2,140"},0,0,0,0,0,0,0,0,0,0,{"v":2000,"d":"2,000"},{"v":2140,"d":"2,140"},447,100,"4.5","4.5",0,0,114]
["11700101001","Omeprazol, 20 mg, Cápsula oral, Blister","Cápsula",0.43,400,172,0,0,0,0,0,0,0,0,0,0,400,172,160,0,"2.5","2.5",0,0,825]
["11700101003","Omeprazol, 40 mg/ml, Polvo para inyección, Vial","Vial",16.1,150,{"v":2415,"d":"2,415"},600,{"v":9660,"d":"9,660"},0,0,250,{"v":4025,"d":"4,025"},0,0,0,0,500,{"v":8050,"d":"8,050"},303,50,"1.7","1.7",106,1706.6,91]
["11300305001","Oxido de zinc, , Loción, Frasco","Frasco",599.75,0,0,0,0,0,0,0,0,0,0,0,0,0,0,9,0,"0.0","0.0",18,10795.5,1091]
["10200107006","Paracetamol, 10 mg/ml, Inyectable, Ampolla x 10ml","Ampolla",52.38,270,{"v":14142.6,"d":"14,143"},480,{"v":25142.4,"d":"25,142"},0,0,165,{"v":8642.7,"d":"8,643"},0,0,180,{"v":9428.4,"d":"9,428"},405,{"v":21213.9,"d":"21,214"},145,0,"2.8","2.8",0,0,18]
["10200107001","Paracetamol, 100 mg, Supositorio, Blister","Supositorio",29.04,300,{"v":8712,"d":"8,712"},0,0,0,0,0,0,0,0,0,0,300,{"v":8712,"d":"8,712"},133,0,"2.3","2.0",0,0,15]
["10200107003","Paracetamol, 125 mg/5ml, Jarabe, Frasco x 120 ml","Frasco",28.05,270,{"v":7573.5,"d":"7,574"},0,0,0,0,0,0,0,0,0,0,270,{"v":7573.5,"d":"7,574"},17,0,"15.9","14.9",0,0,16]
["10200107005","Paracetamol, 500 mg, Comprimido oral, Blister","Comprimido",0.6,400,240,0,0,0,0,200,120,0,0,0,0,200,120,255,0,"0.8","0.8",310,186,17]
["10600234001","Penicilina g benzatinica (bencil penicilina) , 1,200,000 UI, Polvo para inyección, Vial","Vial",15.56,250,{"v":3890,"d":"3,890"},0,0,0,0,50,778,0,0,0,0,200,{"v":3112,"d":"3,112"},50,0,"4.0","4.0",0,0,46]
["10600234002","Penicilina g benzatinica (bencil penicilina) , 2,400,000 UI, Polvo para inyección, Vial","Vial",37.4,50,{"v":1870,"d":"1,870"},50,{"v":1870,"d":"1,870"},0,0,50,{"v":1870,"d":"1,870"},0,0,0,0,50,{"v":1870,"d":"1,870"},50,0,"1.0","1.0",50,1870,47]
["10600234003","Penicilina g benzatinica (bencil penicilina) , 600,000 UI, Polvo para inyección, Vial","Vial",20.79,100,{"v":2079,"d":"2,079"},0,0,0,0,0,0,0,0,0,0,100,{"v":2079,"d":"2,079"},0,0,"00","00",0,0,1268]
["10600235001","Penicilina g cristalina (bencilpenicilina) en sal sodica o potasica, 1,000,000 UI, Polvo para inyección, Vial","Vial",15.4,100,{"v":1540,"d":"1,540"},0,0,0,0,0,0,0,0,0,0,100,{"v":1540,"d":"1,540"},0,0,"00","00",0,0,1309]
["10600235002","Penicilina g cristalina (bencilpenicilina) en sal sodica o potasica, 5,000,000 UI, Polvo para inyección, Vial","Vial",41.69,100,{"v":4169,"d":"4,169"},200,{"v":8338,"d":"8,338"},0,0,50,{"v":2084.5,"d":"2,085"},0,0,0,0,250,{"v":10422.5,"d":"10,423"},58,0,"4.3","4.3",0,0,48]
["10600236003","Penicilina g procainica(bencilpenicilina procainica), 4,000,000  UI, Polvo para inyección, Vial","Vial",39.85,150,{"v":5977.5,"d":"5,978"},0,0,0,0,0,0,0,0,0,0,150,{"v":5977.5,"d":"5,978"},0,0,"00","00",0,0,49]
["10600236004","Penicilina g procainica(bencilpenicilina procainica), 400,000 UI, Polvo para inyección, Vial","Vial",19.32,50,966,0,0,0,0,0,0,0,0,0,0,50,966,0,0,"00","00",0,0,1174]
["10600237001","Piperacilina + tazobactam, 4.0 g + 500 mg, Polvo para inyección, Vial","Vial",82.59,135,{"v":11149.65,"d":"11,150"},25,{"v":2064.75,"d":"2,065"},0,0,1,{"v":82.59,"d":"83"},0,0,0,0,159,{"v":13131.81,"d":"13,132"},22,0,"7.2","7.2",0,0,1179]
["12700014001","Piridoxina (vit. B6) clorhidrato, 25 mg, Comprimido oral, Blister","Comprimido",0,0,0,2,0,0,0,2,0,0,0,0,0,0,0,3,0,"0.0","0.0",6,0,814]
["11800104003","Prednisona, 50 mg, Comprimido oral, Blister","Comprimido",1.43,0,0,0,0,0,0,0,0,0,0,0,0,0,0,100,0,"0.0","0.0",200,286,97]
["10100106001","Propofol, 10 mg / ml, Inyectable, Ampolla x 20 ml","Ampolla",49.02,150,{"v":7353,"d":"7,353"},50,{"v":2451,"d":"2,451"},0,0,100,{"v":4902,"d":"4,902"},0,0,0,0,100,{"v":4902,"d":"4,902"},93,0,"1.1","1.1",86,4215.72,338]
["10700203001","Propranolol clorhidrato, 20 mg, Comprimido oral, Blister","Comprimido",0,100,0,0,0,0,0,0,0,0,0,100,0,0,0,0,0,"0","0",0,0,356]
["12700010003","Proteina pediatrica, , Polvo oral, Lata","Lata",0,0,0,48,0,0,0,24,0,0,0,0,0,24,0,24,0,"1.0","1.0",24,0,1348]
["12400106001","Quetiapina, 100 mg, Comprimido oral, Blister","Comprimido",4.57,{"v":1300,"d":"1,300"},{"v":5941,"d":"5,941"},0,0,0,0,0,0,0,0,{"v":1000,"d":"1,000"},{"v":4570,"d":"4,570"},300,{"v":1371,"d":"1,371"},150,0,"2.0","2.0",0,0,380]
["12400106003","Quetiapina, 25 mg, Comprimido oral, Blister","Comprimido",3.55,220,781,0,0,0,0,0,0,0,0,0,0,220,781,167,0,"1.3","0.1",114,404.7,115]
["12400106005","Quetiapina, 300 mg, Comprimido oral, Blister","Comprimido",3.92,70,{"v":274.4,"d":"274"},0,0,0,0,0,0,0,0,0,0,70,{"v":274.4,"d":"274"},100,0,"0.7","0.7",130,509.6,952]
["11700102003","Ranitidina clorhidrato, 25 mg/ml, Inyectable, Ampolla x 2 ml","Ampolla",9.6,350,{"v":3360,"d":"3,360"},0,0,0,0,0,0,0,0,0,0,350,{"v":3360,"d":"3,360"},150,0,"2.3","2.3",0,0,367]
["10600240003","Rifampicina, 300 mg, Cápsula oral, Blister","Cápsula",0,0,0,0,0,0,0,0,0,0,0,0,0,0,0,100,0,"0.0","0.0",200,0,50]
["12400107001","Risperidona, 1 mg, Comprimido oral, Blister","Comprimido",0,0,0,0,0,0,0,0,0,0,0,0,0,0,0,200,0,"0.0","0.0",400,0,116]
["12400107002","Risperidona, 2 mg, Comprimido oral, Blister","Comprimido",0.48,600,288,0,0,0,0,0,0,0,0,0,0,600,288,220,0,"2.7","2.7",0,0,117]
["12500104006","Salbutamol sulfato, 10 mg/ml, Solución para inhalación, Frasco","Frasco",0,0,0,0,0,0,0,0,0,0,0,0,0,0,0,100,100,"0.0","0.0",200,0,1240]
["12500104005","Salbutamol sulfato, 5 mg/ml, Solución para inhalación, Frasco x 10 ml","Frasco",79,300,{"v":23700,"d":"23,700"},0,0,0,0,300,{"v":23700,"d":"23,700"},0,0,0,0,0,0,172,0,"0.0","0.0",344,27176,122]
["12600101001","Sales de rehidratacion oral con citrato , 27.9 g/L, Polvo oral, Sobre","Sobre",7.83,50,{"v":391.5,"d":"392"},0,0,0,0,50,{"v":391.5,"d":"392"},0,0,0,0,0,0,155,50,"0.0","0.0",310,2427.3,128]
["12400104012","Sertralina, 100 mg, Tableta, Blister","Tableta",3.88,500,{"v":1940,"d":"1,940"},0,0,0,0,0,0,0,0,0,0,500,{"v":1940,"d":"1,940"},267,0,"1.9","1.9",34,131.92,1076]
["12400104007","Sertralina, 50 mg, Tableta, Blister","Tableta",2.57,100,257,100,257,0,0,0,0,0,0,0,0,200,514,450,0,"0.4","0.4",700,1799,1290]
["10100107001","Sevofluorano, , Solución para inhalación, Frasco  x 250 ml","Frasco",2722.5,22,{"v":59895,"d":"59,895"},4,{"v":10890,"d":"10,890"},0,0,4,{"v":10890,"d":"10,890"},0,0,0,0,22,{"v":59895,"d":"59,895"},5,0,"4.4","4.4",0,0,1]
["11700102004","Sucralfato granulado, 1 g, , Sobre","Sobre",10.73,140,{"v":1502.2,"d":"1,502"},0,0,0,0,0,0,0,0,0,0,140,{"v":1502.2,"d":"1,502"},50,0,"2.8","2.8",0,0,92]
["11300206003","Sulfadiazina argentica, 0.01, Pomada tópica, Tarro x 400 g","Tarro",350.47,4,{"v":1401.88,"d":"1,402"},2,{"v":700.94,"d":"701"},0,0,0,0,0,0,0,0,6,{"v":2102.82,"d":"2,103"},2,0,"3.0","3.0",0,0,79]
["10600244005","Sulfametoxazol +trimetoprim (co-trimoxazol), 800 mg + 160 mg, Comprimido oral, Blister","Comprimido",2.18,380,{"v":828.4,"d":"828"},100,218,0,0,0,0,0,0,0,0,480,{"v":1046.4,"d":"1,046"},{"v":1129,"d":"1,129"},0,"0.4","0.4",{"v":1778,"d":"1,778"},3876.04,457]
["10500006005","Sulfato de magnesio, 0.2, Inyectable, Ampolla x 10 ml","Ampolla",28.19,325,{"v":9161.75,"d":"9,162"},200,{"v":5638,"d":"5,638"},0,0,0,0,0,0,0,0,525,{"v":14799.75,"d":"14,800"},138,0,"3.8","3.8",0,0,31]
["11000105003","Sulfato ferroso, 300 mg, Comprimido oral, Blister","Comprimido",0.19,0,0,800,152,0,0,0,0,0,0,0,0,800,152,0,0,"00","00",0,0,1147]
["11000106001","Sulfato ferroso+acido folico, 300 mg + 5 mg, Comprimido oral, Blister","Comprimido",0.9,0,0,0,0,0,0,0,0,0,0,0,0,0,0,675,0,"0.0","0.0",{"v":1350,"d":"1,350"},1215,65]
["12000005001","Suxametonio cloruro, 50 mg/ml, Inyectable, Ampolla x 2 ml","Ampolla",380.46,150,{"v":57069,"d":"57,069"},0,0,0,0,0,0,0,0,150,{"v":57069,"d":"57,069"},0,0,0,0,"0","0",0,0,1271]
["12000004003","Suxametonio cloruro, 500 mg, Polvo para inyección, Vial","Vial",0,0,0,0,0,0,0,0,0,0,0,0,0,0,0,40,0,"0.0","0.0",80,0,377]
["10600418001","Tenofovir + emtricitabina, 300 mg + 200 mg, Comprimido oral, Frasco","Comprimido",0,10,0,0,0,0,0,10,0,0,0,0,0,0,0,83,0,"0.0","0.0",166,0,354]
["10600417001","Tenofovir, 300 mg, Comprimido oral, Frasco x 30 tabletas","Comprimido",0,0,0,20,0,0,0,20,0,0,0,0,0,0,0,19,0,"0.0","0.0",38,0,353]
["10600419004","Tenofovir/emtricitabina/dolutegravir, 25 mg + 200 mg + 50 mg, Tableta, Frasco","Tableta",0,864,0,864,0,0,0,648,0,0,0,0,0,{"v":1080,"d":"1,080"},0,648,0,"1.7","1.7",216,0,61]
["10600419003","Tenofovir/lamivudina/efavirenz, 300 mg + 300 mg + 400 mg, Tableta, Frasco","Tableta",0,10,0,48,0,0,0,58,0,0,0,0,0,0,0,43,0,"0.0","0.0",86,0,786]
["12100105001","Tobramicina, 0.3%, Solución oftálmica, Frasco x 10 ml","Frasco",0,0,0,0,0,0,0,0,0,0,0,0,0,0,0,6,0,"0.0","0.0",12,0,1243]
["12100105002","Tobramicina, 0.3%, Solución oftálmica, Frasco x 5 ml","Frasco",60.5,14,847,0,0,0,0,0,0,0,0,0,0,14,847,7,0,"2.0","2.0",0,0,1242]
["10600245001","Vancomicina, 1 g, Polvo para inyección, Vial","Vial",96.47,100,{"v":9647,"d":"9,647"},200,{"v":19294,"d":"19,294"},0,0,0,0,0,0,0,0,300,{"v":28941,"d":"28,941"},78,0,"3.8","3.8",0,0,430]
["10600245002","Vancomicina, 500 mg, Polvo para inyección, Vial","Vial",58.88,50,{"v":2944,"d":"2,944"},100,{"v":5888,"d":"5,888"},0,0,0,0,0,0,0,0,150,{"v":8832,"d":"8,832"},110,0,"1.4","1.4",70,4121.6,51]
["11500106002","Yodopovidona (povidona yodada), 0.1, Solución tópica, Frasco x 1 l","Frasco",389.33,17,{"v":6618.61,"d":"6,619"},0,0,0,0,0,0,0,0,0,0,17,{"v":6618.61,"d":"6,619"},7,0,"2.4","2.4",0,0,86]
["11500106004","Yodopovidona (povidona yodada), 0.1, Solución tópica, Galón","Galón",1081.2,8,{"v":8649.6,"d":"8,650"},0,0,0,0,0,0,0,0,0,0,8,{"v":8649.6,"d":"8,650"},2,0,"4.0","4.0",0,0,87]
["20639704001","Agua bidestilada para laboratorio","Galón",213.29,88,{"v":18769.52,"d":"18,770"},0,0,0,0,0,0,0,0,0,0,88,{"v":18769.52,"d":"18,770"},0,0,"00","00",0,0,452]
["21000403002","Aguja raquidea descartable n° 16 g x 3 1/2\"","Empaque",0,0,0,0,0,0,0,0,0,0,0,0,0,0,0,15,0,"0.0","0.0",30,0,397]
["21000403012","Aguja raquidea descartable n° 26 g x 3 1/2\"","Empaque",15.62,50,781,0,0,0,0,0,0,0,0,0,0,50,781,0,0,"00","00",0,0,398]
["21029801001","Algodon absorbentex 1 lb","Unidad",137.63,53,{"v":7294.39,"d":"7,294"},100,{"v":13763,"d":"13,763"},0,0,25,{"v":3440.75,"d":"3,441"},0,0,0,0,128,{"v":17616.64,"d":"17,617"},22,9,"5.8","5.8",0,0,232]
["21029801002","Algodon planchado 4 x 4 rollo","Unidad",10.02,0,0,36,{"v":360.72,"d":"361"},0,0,24,{"v":240.48,"d":"240"},36,{"v":360.72,"d":"361"},0,0,48,{"v":480.96,"d":"481"},29,0,"1.7","1.7",10,100.2,233]
["21029801003","Algodon planchado 6 x 4 rollo","Unidad",13.3,229,{"v":3045.7,"d":"3,046"},0,0,0,0,0,0,0,0,0,0,229,{"v":3045.7,"d":"3,046"},31,0,"7.4","7.4",0,0,234]
["21029801005","Algodon torunda 0.5 g x 1000 bolitas","Paquete",8.32,200,{"v":1664,"d":"1,664"},0,0,0,0,0,0,0,0,0,0,200,{"v":1664,"d":"1,664"},0,0,"00","00",0,0,235]
["21029801007","Algodon torunda 0.7 g x 1000 bolitas","Paquete",8.02,400,{"v":3208,"d":"3,208"},0,0,0,0,0,0,0,0,0,0,400,{"v":3208,"d":"3,208"},0,0,"00","00",0,0,1140]
["21601701001","Aplicador de madera","Unidad",311.08,{"v":2954,"d":"2,954"},{"v":918930.32,"d":"918,930"},0,0,0,0,0,0,0,0,{"v":1000,"d":"1,000"},{"v":311080,"d":"311,080"},{"v":1954,"d":"1,954"},{"v":607850.32,"d":"607,850"},0,0,"00","00",0,0,257]
["21027701001","Baja lengua madera","Unidad",24.02,{"v":4100,"d":"4,100"},{"v":98482,"d":"98,482"},{"v":1000,"d":"1,000"},{"v":24020,"d":"24,020"},0,0,{"v":4100,"d":"4,100"},{"v":98482,"d":"98,482"},0,0,0,0,{"v":1000,"d":"1,000"},{"v":24020,"d":"24,020"},{"v":2913,"d":"2,913"},0,"0.3","0.3",{"v":4826,"d":"4,826"},115920.52,226]
["21019101001","Bajante de sangre","Sobre",0,5,0,0,0,0,0,0,0,0,0,5,0,0,0,18,0,"0.0","0.0",36,0,196]
["21038203001","Bajante de suero con control de flujo cuantificable descartable","Sobre",144.73,250,{"v":36182.5,"d":"36,183"},0,0,0,0,0,0,0,0,0,0,250,{"v":36182.5,"d":"36,183"},103,0,"2.4","2.4",0,0,237]
["21038203002","Bajante de suero descartable","Sobre",10.82,{"v":6235,"d":"6,235"},{"v":67462.7,"d":"67,463"},0,0,0,0,275,{"v":2975.5,"d":"2,976"},0,0,0,0,{"v":5960,"d":"5,960"},{"v":64487.2,"d":"64,487"},314,0,"19.0","19.0",0,0,415]
["21003101001","Bata para examen paciente descartable","Paquete",360.52,130,{"v":46867.6,"d":"46,868"},0,0,0,0,100,{"v":36052,"d":"36,052"},0,0,0,0,30,{"v":10815.6,"d":"10,816"},87,0,"0.3","0.3",144,51914.88,179]
["21003102001","Bata quirurgica esteril descartable","Funda",61.09,372,{"v":22725.48,"d":"22,725"},0,0,0,0,10,{"v":610.9,"d":"611"},0,0,72,{"v":4398.48,"d":"4,398"},290,{"v":17716.1,"d":"17,716"},42,0,"6.9","6.9",0,0,180]
["20903401006","Bisturi con mango 20","Sobre",0,0,0,0,0,0,0,0,0,0,0,0,0,0,0,20,0,"0.0","0.0",40,0,1247]
["21012405001","Bolsa colectora de orina  2 l","Funda",10.89,490,{"v":5336.1,"d":"5,336"},0,0,0,0,100,{"v":1089,"d":"1,089"},0,0,0,0,390,{"v":4247.1,"d":"4,247"},35,0,"11.1","11.1",0,0,191]
["21012405002","Bolsa colectora de orina 100 ml","Funda",3.08,{"v":1000,"d":"1,000"},{"v":3080,"d":"3,080"},100,308,0,0,0,0,0,0,0,0,{"v":1100,"d":"1,100"},{"v":3388,"d":"3,388"},100,0,"11.0","11.0",0,0,192]
["21012406002","Bolsa colectora de sangre 450 - 500 ml","Funda",125.4,100,{"v":12540,"d":"12,540"},0,0,0,0,0,0,0,0,0,0,100,{"v":12540,"d":"12,540"},2,0,"50.0","12.0",0,0,1173]
["21024901002","Brazalete pediatrico azul","Sobre",1.65,100,165,0,0,0,0,0,0,0,0,0,0,100,165,0,0,"00","00",0,0,766]
["21024901003","Brazalete pediatrico rosado","Sobre",1.43,100,143,0,0,0,0,0,0,0,0,0,0,100,143,0,0,"00","00",0,0,767]
["21239504003","Cal sodada","Unidad",0,0,0,0,0,0,0,0,0,0,0,0,0,0,0,1,0,"0.0","0.0",2,0,254]
["21029703002","Campo desechable (steri drape) fenestrado","Unidad",8.95,0,0,200,{"v":1790,"d":"1,790"},0,0,150,{"v":1342.5,"d":"1,343"},0,0,0,0,50,{"v":447.5,"d":"448"},131,0,"0.4","0.4",212,1897.4,231]
["20205101022","Canula de succion # 8","Unidad",0,0,0,0,0,0,0,0,0,0,0,0,0,0,0,12,0,"0.0","0.0",24,0,143]
["20205102001","Canula nasal oxigeno  pediatrica","Funda",11.88,480,{"v":5702.4,"d":"5,702"},100,{"v":1188,"d":"1,188"},0,0,25,297,0,0,0,0,555,{"v":6593.4,"d":"6,593"},57,0,"9.7","9.7",0,0,144]
["20205102003","Canula nasal oxigeno adulto","Funda",18.51,290,{"v":5367.9,"d":"5,368"},100,{"v":1851,"d":"1,851"},0,0,75,{"v":1388.25,"d":"1,388"},0,0,0,0,315,{"v":5830.65,"d":"5,831"},41,0,"7.7","7.7",0,0,145]
["20205102008","Canula nasal oxigeno recien nacido (ram)  n4902","Funda",12.49,205,{"v":2560.45,"d":"2,560"},0,0,0,0,0,0,0,0,0,0,205,{"v":2560.45,"d":"2,560"},25,0,"8.2","8.2",0,0,1168]
["21005101001","Canula yankauer descartable","Sobre",36.88,225,{"v":8298,"d":"8,298"},200,{"v":7376,"d":"7,376"},0,0,30,{"v":1106.4,"d":"1,106"},0,0,0,0,395,{"v":14567.6,"d":"14,568"},25,0,"15.8","15.8",0,0,400]
["20205501001","Cateter epidural descartable n° 16","Sobre",0,0,0,0,0,0,0,0,0,0,0,0,0,0,0,10,0,"0.0","0.0",20,0,146]
["20205501002","Cateter epidural descartable n° 17","Sobre",0,0,0,0,0,0,0,0,0,0,0,0,0,0,0,10,0,"0.0","0.0",20,0,147]
["20205501003","Cateter epidural descartable n° 18","Sobre",3.35,300,{"v":1005,"d":"1,005"},0,0,0,0,0,0,0,0,0,0,300,{"v":1005,"d":"1,005"},23,0,"13.0","13.0",0,0,148]
["21005508002","Cateter venoso central  n° 5.0 fr x 13/16 cm","Empaque",1119.82,4,{"v":4479.28,"d":"4,479"},0,0,0,0,0,0,0,0,0,0,4,{"v":4479.28,"d":"4,479"},3,0,"1.3","1.3",2,2239.64,434]
["21005508004","Cateter venoso central doble lumen n° 4.0 fr x 13 cm","Empaque",5415.01,4,{"v":21660.04,"d":"21,660"},6,{"v":32490.06,"d":"32,490"},0,0,0,0,4,{"v":21660.04,"d":"21,660"},0,0,14,{"v":75810.14,"d":"75,810"},5,0,"2.8","2.8",0,0,435]
["21005508005","Cateter venoso central doble lumen n° 4.0 fr x 5/8/13/16 cm","Empaque",0,0,0,0,0,0,0,0,0,0,0,0,0,0,0,5,0,"0.0","0.0",10,0,401]
["21005508006","Cateter venoso central doble lumen n° 5.0 fr x 13/16 cm","Empaque",1841.16,0,0,45,{"v":82852.2,"d":"82,852"},0,0,0,0,0,0,20,{"v":36823.2,"d":"36,823"},25,{"v":46029,"d":"46,029"},7,0,"3.6","3.6",0,0,402]
["21005508007","Cateter venoso central triple lumen n° 7.0 fr x 16/20/30 cm","Empaque",767.06,41,{"v":31449.46,"d":"31,449"},0,0,0,0,0,0,0,0,0,0,41,{"v":31449.46,"d":"31,449"},5,0,"8.2","4.6",0,0,403]
["21005503003","Cateter venoso periferico (corto) nº 18 g x 2\"","Empaque",8.36,400,{"v":3344,"d":"3,344"},0,0,0,0,0,0,0,0,0,0,400,{"v":3344,"d":"3,344"},117,0,"3.4","3.4",0,0,185]
["21005503004","Cateter venoso periferico (corto) nº 20 g x 1 ¼”","Empaque",10.06,{"v":1850,"d":"1,850"},{"v":18611,"d":"18,611"},0,0,0,0,200,{"v":2012,"d":"2,012"},0,0,0,0,{"v":1650,"d":"1,650"},{"v":16599,"d":"16,599"},125,0,"13.2","13.2",0,0,186]
["21005503005","Cateter venoso periferico (corto) nº 22 g x 1\"","Empaque",8.15,0,0,0,0,0,0,200,{"v":1630,"d":"1,630"},200,{"v":1630,"d":"1,630"},0,0,0,0,527,200,"0.0","0.0",{"v":1054,"d":"1,054"},8590.1,187]
["21005503006","Cateter venoso periferico (corto) nº 24 g x 3/4\"","Empaque",10.4,600,{"v":6240,"d":"6,240"},{"v":2000,"d":"2,000"},{"v":20800,"d":"20,800"},0,0,600,{"v":6240,"d":"6,240"},0,0,0,0,{"v":2000,"d":"2,000"},{"v":20800,"d":"20,800"},595,0,"3.4","3.4",0,0,188]
["21005701001","Cepillo para muestra cervical de 2 cm con mango de 19 - 20 cm","Empaque",3.7,430,{"v":1591,"d":"1,591"},0,0,0,0,0,0,0,0,0,0,430,{"v":1591,"d":"1,591"},0,0,"00","00",0,0,189]
["21618801001","Cinta de autoclave 19 mm x 50 m","Unidad",81.64,117,{"v":9551.88,"d":"9,552"},0,0,0,0,0,0,0,0,0,0,117,{"v":9551.88,"d":"9,552"},7,0,"16.7","16.7",0,0,258]
["21047701002","Cinta esterilizacion gas 1\" x 60 yd","Unidad",94.98,20,{"v":1899.6,"d":"1,900"},0,0,0,0,0,0,0,0,0,0,20,{"v":1899.6,"d":"1,900"},6,0,"3.3","3.3",0,0,1202]
["20232902001","Circuito de anestesia adulto","Kit",0,14,0,0,0,0,0,0,0,0,0,0,0,14,0,3,0,"4.7","4.7",0,0,1263]
["20232902002","Circuito de anestesia pediatrico","Kit",205.57,24,{"v":4933.68,"d":"4,934"},0,0,0,0,0,0,3,{"v":616.71,"d":"617"},3,{"v":616.71,"d":"617"},24,{"v":4933.68,"d":"4,934"},4,0,"6.0","6.0",0,0,1262]
["20232902003","Circuito de ventilacion neonatal","Kit",0,0,0,0,0,0,0,0,0,0,0,0,0,0,0,5,0,"0.0","0.0",10,0,1292]
["21106601002","Collarin reutilizable cervical blando pequeño","Caja",87.13,3,{"v":261.39,"d":"261"},0,0,0,0,0,0,0,0,0,0,3,{"v":261.39,"d":"261"},0,0,"00","00",0,0,1081]
["21007001008","Compresa hemostatica quirurgica","Unidad",158.62,370,{"v":58689.4,"d":"58,689"},0,0,0,0,0,0,0,0,180,{"v":28551.6,"d":"28,552"},190,{"v":30137.8,"d":"30,138"},10,0,"19.0","19.0",0,0,1236]
["21007301001","Condon femenino","Unidad",0,0,0,0,0,0,0,0,0,0,0,0,0,0,0,30,0,"0.0","0.0",60,0,1274]
["21007301002","Condon masculino","Unidad",0,0,0,0,0,0,0,0,0,0,0,0,0,0,0,216,0,"0.0","0.0",432,0,190]
["21017602002","Curitas largas","Unidad",90.2,63,{"v":5682.6,"d":"5,683"},0,0,0,0,3,{"v":270.6,"d":"271"},0,0,0,0,60,{"v":5412,"d":"5,412"},52,0,"1.2","1.2",44,3968.8,194]
["20413601001","Electrodo con gel conductor con botón central adulto","Caja",2.26,0,0,0,0,0,0,300,678,400,904,0,0,100,226,329,300,"0.3","0.3",558,1261.08,393]
["21036001001","Empapador de cama tipo movible descartable","Unidad",8.63,0,0,0,0,0,0,0,0,0,0,0,0,0,0,205,100,"0.0","0.0",410,3538.3,450]
["21038204001","Equipo microgotero con camara graduada 100 ml","Sobre",35.78,290,{"v":10376.2,"d":"10,376"},300,{"v":10734,"d":"10,734"},0,0,200,{"v":7156,"d":"7,156"},0,0,0,0,390,{"v":13954.2,"d":"13,954"},234,0,"1.7","1.7",78,2790.84,238]
["21038204002","Equipo microgotero con camara graduada 150 ml","Sobre",37.53,{"v":1660,"d":"1,660"},{"v":62299.8,"d":"62,300"},100,{"v":3753,"d":"3,753"},0,0,0,0,0,0,0,0,{"v":1760,"d":"1,760"},{"v":66052.8,"d":"66,053"},20,0,"88.0","46.0",0,0,239]
["21017601004","Esparadrapo base plastica 1\" x 10 yd","Unidad",91.82,60,{"v":5509.2,"d":"5,509"},0,0,0,0,0,0,0,0,0,0,60,{"v":5509.2,"d":"5,509"},0,0,"00","00",0,0,193]
["21017601006","Esparadrapo base seda (z-o) 1 x 10, 2 x 10, 3 x 10 (tubo x 6 unidades, 2 de cada medida)","Caja",116.88,36,{"v":4207.68,"d":"4,208"},0,0,0,0,30,{"v":3506.4,"d":"3,506"},0,0,0,0,6,{"v":701.28,"d":"701"},149,150,"0.0","0.0",292,34128.96,404]
["21017901002","Especulo vaginal descartable mediano","Empaque",12.66,352,{"v":4456.32,"d":"4,456"},0,0,0,0,0,0,0,0,0,0,352,{"v":4456.32,"d":"4,456"},50,0,"7.0","7.0",0,0,195]
["20601121001","Estandar (calibrador) humano liofilizado multiparametros, Frasco x 5 ml","Frasco",0,0,0,0,0,0,0,0,0,0,0,0,0,0,0,1,0,"0.0","0.0",2,0,167]
["21022902001","Gasa no esteril 36 \"x 100 yd trama (20 x 12)","Unidad",502.07,227,{"v":113969.89,"d":"113,970"},0,0,0,0,9,{"v":4518.63,"d":"4,519"},0,0,0,0,218,{"v":109451.26,"d":"109,451"},6,0,"36.3","36.3",0,0,197]
["20629902002","Gel de sonografía","Galón",1190,2,{"v":2380,"d":"2,380"},0,0,0,0,0,0,0,0,0,0,2,{"v":2380,"d":"2,380"},0,0,"00","00",0,0,171]
["21029702001","Gorro de cirugia descartable para hombre","Unidad",1.29,500,645,300,387,0,0,0,0,0,0,0,0,800,{"v":1032,"d":"1,032"},360,0,"2.2","2.2",0,0,413]
["21029702002","Gorro de cirugia descartable para mujer","Unidad",0.7,0,0,200,140,0,0,0,0,0,0,0,0,200,140,570,900,"0.4","0.4",940,658,230]
["21547901003","Guante de goma nitrilo, Caja x 2000","Caja",2520,{"v":1000,"d":"1,000"},{"v":2520000,"d":"2,520,000"},0,0,0,0,0,0,0,0,0,0,{"v":1000,"d":"1,000"},{"v":2520000,"d":"2,520,000"},0,0,"00","00",0,0,255]
["21023401002","Guante examen de latex con polvo talla large (l)","Unidad",47.75,{"v":76400,"d":"76,400"},{"v":3648100,"d":"3,648,100"},0,0,0,0,{"v":7000,"d":"7,000"},{"v":334250,"d":"334,250"},0,0,0,0,{"v":69400,"d":"69,400"},{"v":3313850,"d":"3,313,850"},{"v":3667,"d":"3,667"},0,"18.9","18.9",0,0,198]
["21023401004","Guante examen de latex con polvo talla medium (m)","Unidad",31.26,{"v":2600,"d":"2,600"},{"v":81276,"d":"81,276"},0,0,0,0,{"v":13000,"d":"13,000"},{"v":406380,"d":"406,380"},{"v":37400,"d":"37,400"},{"v":1169124,"d":"1,169,124"},0,0,{"v":27000,"d":"27,000"},{"v":844020,"d":"844,020"},{"v":12167,"d":"12,167"},{"v":4000,"d":"4,000"},"2.2","2.2",0,0,199]
["21023401005","Guante examen de latex con polvo talla small (s)","Unidad",1.49,{"v":162000,"d":"162,000"},{"v":241380,"d":"241,380"},0,0,0,0,0,0,0,0,0,0,{"v":162000,"d":"162,000"},{"v":241380,"d":"241,380"},{"v":1444,"d":"1,444"},0,"112.2","32.0",0,0,406]
["21023402001","Guante quirurgico de latex con polvo n° 6 1/2 (par)","Empaque",0,0,0,0,0,0,0,0,0,0,0,0,0,0,0,75,0,"0.0","0.0",150,0,407]
["21023402002","Guante quirurgico de latex con polvo n° 7 (par)","Empaque",14.66,300,{"v":4398,"d":"4,398"},0,0,0,0,50,733,0,0,0,0,250,{"v":3665,"d":"3,665"},167,0,"1.5","1.5",84,1231.44,200]
["21023402003","Guante quirurgico de latex con polvo n° 7 1/2 (par)","Empaque",13.38,550,{"v":7359,"d":"7,359"},0,0,0,0,0,0,0,0,0,0,550,{"v":7359,"d":"7,359"},108,0,"5.1","5.1",0,0,201]
["21023402004","Guante quirurgico de latex con polvo n° 8 (par)","Empaque",8.07,{"v":3050,"d":"3,050"},{"v":24613.5,"d":"24,614"},0,0,0,0,0,0,0,0,300,{"v":2421,"d":"2,421"},{"v":2750,"d":"2,750"},{"v":22192.5,"d":"22,193"},100,0,"27.5","9.6",0,0,408]
["21023402005","Guante quirurgico de latex con polvo n° 8 1/2 (par)","Empaque",11.66,600,{"v":6996,"d":"6,996"},0,0,0,0,0,0,0,0,0,0,600,{"v":6996,"d":"6,996"},0,0,"00","00",0,0,202]
["21003401003","Hoja bisturi descartable n° 11","Sobre",0,0,0,0,0,0,0,0,0,0,0,0,0,0,0,78,100,"0.0","0.0",156,0,399]
["21003401005","Hoja bisturi descartable n° 15","Sobre",3.89,0,0,0,0,0,0,0,0,0,0,0,0,0,0,100,0,"0.0","0.0",200,778,181]
["21003401006","Hoja bisturi descartable n° 20","Sobre",184.8,0,0,0,0,0,0,0,0,0,0,0,0,0,0,75,0,"0.0","0.0",150,27720,182]
["21003401007","Hoja bisturi descartable n° 21","Sobre",1.52,0,0,0,0,0,0,0,0,0,0,0,0,0,0,167,100,"0.0","0.0",334,507.68,183]
["21003401008","Hoja bisturi descartable n° 22","Sobre",1.74,300,522,0,0,0,0,0,0,0,0,0,0,300,522,100,0,"3.0","3.0",0,0,184]
["20235501001","Humidificador de oxigeno","Funda",62.89,420,{"v":26413.8,"d":"26,414"},50,{"v":3144.5,"d":"3,145"},0,0,100,{"v":6289,"d":"6,289"},0,0,0,0,370,{"v":23269.3,"d":"23,269"},41,0,"9.0","9.0",0,0,153]
["21026105001","Jeringa descartable 1 ml con aguja  29 g x 1/2\"","Sobre",0,500,0,0,0,0,0,0,0,0,0,0,0,500,0,0,0,"00","00",0,0,1322]
["21026105013","Jeringa descartable 1 ml con aguja 22 g x 1\" autobloqueante","Sobre",0,20,0,0,0,0,0,0,0,0,0,0,0,20,0,20,0,"1.0","1.0",20,0,1303]
["21026105003","Jeringa descartable 1 ml con aguja 25 g x 5/8\"","Sobre",0,600,0,0,0,0,0,0,0,0,0,0,0,600,0,0,0,"00","00",0,0,1324]
["21026105005","Jeringa descartable 1 ml con aguja 27 g x 1/2\"","Sobre",0,{"v":2300,"d":"2,300"},0,0,0,0,0,300,0,0,0,0,0,{"v":2000,"d":"2,000"},0,200,0,"10.0","10.0",0,0,1321]
["21026105006","Jeringa descartable 10 ml con aguja 21 g x 1 1/2\"","Sobre",2.19,700,{"v":1533,"d":"1,533"},0,0,0,0,600,{"v":1314,"d":"1,314"},0,0,0,0,100,219,{"v":2842,"d":"2,842"},{"v":2000,"d":"2,000"},"0.0","0.0",{"v":5584,"d":"5,584"},12228.96,222]
["21026105007","Jeringa descartable 20 ml con aguja  21 g x 1 1/2\"","Sobre",3.72,{"v":1350,"d":"1,350"},{"v":5022,"d":"5,022"},0,0,0,0,250,930,0,0,0,0,{"v":1100,"d":"1,100"},{"v":4092,"d":"4,092"},495,0,"2.2","2.2",0,0,223]
["21026105008","Jeringa descartable 3 ml con aguja  23 g x 1 1/2\"","Sobre",0,{"v":1900,"d":"1,900"},0,0,0,0,0,200,0,0,0,0,0,{"v":1700,"d":"1,700"},0,{"v":1150,"d":"1,150"},0,"1.5","1.5",600,0,1320]
["21026105009","Jeringa descartable 3 ml con aguja 21 g x 1 1/2\"","Sobre",1.48,{"v":17200,"d":"17,200"},{"v":25456,"d":"25,456"},{"v":5000,"d":"5,000"},{"v":7400,"d":"7,400"},0,0,{"v":1300,"d":"1,300"},{"v":1924,"d":"1,924"},0,0,0,0,{"v":20900,"d":"20,900"},{"v":30932,"d":"30,932"},{"v":2017,"d":"2,017"},0,"10.4","10.4",0,0,224]
["21026105011","Jeringa descartable 5 ml con aguja 21 g x 1 1/2\"","Sobre",1.65,{"v":5000,"d":"5,000"},{"v":8250,"d":"8,250"},0,0,0,0,{"v":1800,"d":"1,800"},{"v":2970,"d":"2,970"},0,0,0,0,{"v":3200,"d":"3,200"},{"v":5280,"d":"5,280"},{"v":1809,"d":"1,809"},0,"1.8","1.8",418,689.7,225]
["21026105012","Jeringa descartable 50 ml con aguja 16 g","Sobre",10.09,75,{"v":756.75,"d":"757"},50,{"v":504.5,"d":"505"},0,0,0,0,0,0,0,0,125,{"v":1261.25,"d":"1,261"},38,0,"3.3","3.3",0,0,1326]
["21026102001","Jeringa descartable 50 ml de bulbo sin aguja","Sobre",13.32,500,{"v":6660,"d":"6,660"},0,0,0,0,0,0,0,0,0,0,500,{"v":6660,"d":"6,660"},0,0,"00","00",0,0,221]
["21026101001","Jeringa descartable de insulina 1 ml con aguja  27 g x  1/2\"","Sobre",1.55,0,0,0,0,0,0,0,0,0,0,0,0,0,0,288,300,"0.0","0.0",576,892.8,220]
["20629901001","Lanceta descartable","Unidad",69.16,0,0,2,{"v":138.32,"d":"138"},0,0,0,0,0,0,0,0,2,{"v":138.32,"d":"138"},100,100,"0.0","0.0",198,13693.68,686]
["20413401001","Lapiz para electro cauterio","Empaque",54.33,700,{"v":38031,"d":"38,031"},100,{"v":5433,"d":"5,433"},0,0,0,0,0,0,0,0,800,{"v":43464,"d":"43,464"},29,0,"27.6","27.6",0,0,392]
["21038202002","Llave de paso de tres vias descartable","Sobre",12.38,0,0,50,619,0,0,50,619,0,0,0,0,0,0,33,0,"0.0","0.0",66,817.08,236]
["20229601001","Mascarilla de oxigeno adulto","Funda",21.46,318,{"v":6824.28,"d":"6,824"},0,0,0,0,0,0,0,0,0,0,318,{"v":6824.28,"d":"6,824"},32,0,"9.9","9.9",0,0,480]
["20229603001","Mascarilla de oxigeno con bolsa de reservorio pediatrica","Kit",27.19,562,{"v":15280.78,"d":"15,281"},0,0,0,0,0,0,0,0,0,0,562,{"v":15280.78,"d":"15,281"},45,0,"12.5","12.5",0,0,622]
["20229603002","Mascarilla de oxigeno con bolsa reservorio adulto","Kit",89.9,310,{"v":27869,"d":"27,869"},0,0,0,0,0,0,0,0,0,0,310,{"v":27869,"d":"27,869"},18,0,"17.2","9.0",0,0,152]
["20229601002","Mascarilla de oxigeno neonatal","Funda",30.77,28,{"v":861.56,"d":"862"},0,0,0,0,0,0,0,0,0,0,28,{"v":861.56,"d":"862"},22,0,"1.3","1.3",16,492.32,1170]
["20229601003","Mascarilla de oxigeno pediatrica","Funda",20.82,{"v":3100,"d":"3,100"},{"v":64542,"d":"64,542"},0,0,0,0,0,0,0,0,0,0,{"v":3100,"d":"3,100"},{"v":64542,"d":"64,542"},43,0,"72.1","50.0",0,0,388]
["21029601002","Mascarilla descartable n95","Unidad",23.1,842,{"v":19450.2,"d":"19,450"},0,0,0,0,0,0,0,0,0,0,842,{"v":19450.2,"d":"19,450"},86,0,"9.8","9.8",0,0,228]
["20229602001","Mascarilla para nebulizacion adulto (kit)","Kit",27.94,835,{"v":23329.9,"d":"23,330"},0,0,0,0,600,{"v":16764,"d":"16,764"},0,0,0,0,235,{"v":6565.9,"d":"6,566"},283,0,"0.8","0.8",331,9248.14,150]
["20229602002","Mascarilla para nebulizacion pediatrico (kit)","Kit",23.06,0,0,0,0,0,0,20,{"v":461.2,"d":"461"},20,{"v":461.2,"d":"461"},0,0,0,0,529,0,"0.0","0.0",{"v":1058,"d":"1,058"},24397.48,151]
["21029601001","Mascarilla quirurgica descartable","Unidad",5.3,{"v":57300,"d":"57,300"},{"v":303690,"d":"303,690"},0,0,0,0,{"v":3350,"d":"3,350"},{"v":17755,"d":"17,755"},0,0,0,0,{"v":53950,"d":"53,950"},{"v":285935,"d":"285,935"},{"v":2392,"d":"2,392"},0,"22.6","17.0",0,0,227]
["20534602001","Orinal para hombre","Unidad",50.31,34,{"v":1710.54,"d":"1,711"},0,0,0,0,0,0,0,0,0,0,34,{"v":1710.54,"d":"1,711"},4,0,"8.5","8.5",0,0,718]
["21047902001","Pañal descartable para adulto (l)","Unidad",34.67,110,{"v":3813.7,"d":"3,814"},0,0,0,0,0,0,0,0,0,0,110,{"v":3813.7,"d":"3,814"},15,0,"7.3","7.3",0,0,420]
["21047902002","Pañal descartable para adulto (m)","Unidad",29.96,60,{"v":1797.6,"d":"1,798"},0,0,0,0,0,0,0,0,30,{"v":898.8,"d":"899"},30,{"v":898.8,"d":"899"},19,0,"1.6","1.6",8,239.68,1180]
["21047901001","Pañal descartable para neonato","Unidad",0,40,0,0,0,0,0,0,0,0,0,0,0,40,0,20,0,"2.0","2.0",0,0,1182]
["21047901002","Pañal descartable para niños (l)","Unidad",9.14,84,{"v":767.76,"d":"768"},0,0,0,0,0,0,0,0,0,0,84,{"v":767.76,"d":"768"},25,0,"3.4","3.4",0,0,1183]
["21047901003","Pañal descartable para niños (m)","Unidad",8.12,734,{"v":5960.08,"d":"5,960"},0,0,0,0,0,0,0,0,0,0,734,{"v":5960.08,"d":"5,960"},24,0,"30.6","23.0",0,0,1184]
["21047901004","Pañal descartable para niños (s)","Unidad",7.3,316,{"v":2306.8,"d":"2,307"},0,0,0,0,0,0,0,0,0,0,316,{"v":2306.8,"d":"2,307"},40,0,"7.9","7.9",0,0,1185]
["20436106001","Papel de sonografia 110 mm x 20  m","Unidad",322.78,70,{"v":22594.6,"d":"22,595"},0,0,0,0,0,0,0,0,0,0,70,{"v":22594.6,"d":"22,595"},0,0,"00","00",0,0,448]
["20436102002","Papel ekg 80mm por 20mm","Unidad",600.05,58,{"v":34802.9,"d":"34,803"},0,0,0,0,28,{"v":16801.4,"d":"16,801"},0,0,30,{"v":18001.5,"d":"18,002"},0,0,20,2,"0.0","0.0",40,24002,395]
["21029701001","Papel para camilla (20 \" x 50 yda)","Unidad",84.02,60,{"v":5041.2,"d":"5,041"},0,0,0,0,60,{"v":5041.2,"d":"5,041"},0,0,0,0,0,0,201,96,"0.0","0.0",402,33776.04,229]
["20436102006","Papel sonografico upp 110s sony 110mm po 20 mm","Unidad",836.8,0,0,0,0,0,0,0,0,0,0,0,0,0,0,10,0,"0.0","0.0",20,16736,396]
["20534601001","Pato para mujer","Unidad",73.54,0,0,0,0,0,0,0,0,0,0,0,0,0,0,3,0,"0.0","0.0",6,441.24,1152]
["21000405002","Pericraneal n° 21","Sobre",4.23,400,{"v":1692,"d":"1,692"},200,846,0,0,0,0,0,0,0,0,600,{"v":2538,"d":"2,538"},233,0,"2.6","2.6",0,0,177]
["21000405003","Pericraneal n° 23","Sobre",2.23,700,{"v":1561,"d":"1,561"},300,669,0,0,200,446,0,0,0,0,800,{"v":1784,"d":"1,784"},371,0,"2.2","2.2",0,0,453]
["21000405004","Pericraneal n° 25","Sobre",2.72,{"v":1100,"d":"1,100"},{"v":2992,"d":"2,992"},200,544,0,0,300,816,0,0,0,0,{"v":1000,"d":"1,000"},{"v":2720,"d":"2,720"},370,0,"2.7","2.7",0,0,178]
["20942901001","Perita nasal","Caja",18.06,373,{"v":6736.38,"d":"6,736"},0,0,0,0,60,{"v":1083.6,"d":"1,084"},0,0,0,0,313,{"v":5652.78,"d":"5,653"},60,0,"5.2","5.2",0,0,174]
["20413602001","Placa para electro cauterio","Empaque",161.61,241,{"v":38948.01,"d":"38,948"},200,{"v":32322,"d":"32,322"},0,0,0,0,0,0,0,0,441,{"v":71270.01,"d":"71,270"},15,0,"29.4","17.5",0,0,394]
["20639714002","Prueba confirmatoria","Frasco",0,4,0,0,0,0,0,0,0,0,0,0,0,4,0,0,0,"00","00",0,0,173]
["20639714001","Prueba tamizaje","Frasco",0,13,0,0,0,0,0,0,0,0,0,0,0,13,0,0,0,"00","00",0,0,172]
["20239801001","Resucitador manual adulto","Caja",306.94,6,{"v":1841.64,"d":"1,842"},0,0,0,0,0,0,0,0,0,0,6,{"v":1841.64,"d":"1,842"},2,0,"3.0","3.0",0,0,154]
["20239801002","Resucitador manual neonatal","Caja",311,12,{"v":3732,"d":"3,732"},0,0,0,0,4,{"v":1244,"d":"1,244"},0,0,0,0,8,{"v":2488,"d":"2,488"},3,0,"2.7","2.7",0,0,567]
["20239801003","Resucitador manual pediatrico","Caja",301.25,6,{"v":1807.5,"d":"1,808"},0,0,0,0,4,{"v":1205,"d":"1,205"},0,0,0,0,2,{"v":602.5,"d":"603"},5,0,"0.4","0.4",8,2410,566]
["20540002001","Riñonera plastica","Unidad",0,28,0,0,0,0,0,0,0,0,0,0,0,28,0,0,0,"00","00",0,0,1332]
["21012409001","Sello de agua","Unidad",704,0,0,0,0,0,0,0,0,0,0,0,0,0,0,3,0,"0.0","0.0",6,4224,509]
["21042603001","Sonda alimentacion nasoduodenal n° 10","Funda",1595,87,{"v":138765,"d":"138,765"},0,0,0,0,0,0,0,0,0,0,87,{"v":138765,"d":"138,765"},20,0,"4.4","4.4",0,0,1269]
["21042603002","Sonda alimentacion nasoduodenal n° 12","Funda",1754.5,50,{"v":87725,"d":"87,725"},0,0,0,0,0,0,0,0,0,0,50,{"v":87725,"d":"87,725"},20,0,"2.5","2.5",0,0,711]
["21042606004","Sonda aspiracion o succion esteril n° 16","Funda",6,0,0,0,0,0,0,0,0,0,0,0,0,0,0,20,0,"0.0","0.0",40,240,712]
["21042604001","Sonda de alimentacion nasogastrica tipo levin n° 10 fr (levin)","Funda",66.76,0,0,0,0,0,0,0,0,0,0,0,0,0,0,14,10,"0.0","0.0",28,1869.28,245]
["21042604002","Sonda de alimentacion nasogastrica tipo levin n° 12 fr (levin)","Funda",391.5,192,{"v":75168,"d":"75,168"},0,0,0,0,10,{"v":3915,"d":"3,915"},0,0,0,0,182,{"v":71253,"d":"71,253"},11,0,"16.5","2.5",0,0,246]
["21042604003","Sonda de alimentacion nasogastrica tipo levin n° 14 fr (levin)","Funda",19.53,30,{"v":585.9,"d":"586"},0,0,0,0,0,0,0,0,0,0,30,{"v":585.9,"d":"586"},12,10,"2.5","2.5",0,0,247]
["21042604004","Sonda de alimentacion nasogastrica tipo levin n° 16 fr (levin)","Funda",7.44,229,{"v":1703.76,"d":"1,704"},0,0,0,0,0,0,0,0,0,0,229,{"v":1703.76,"d":"1,704"},25,0,"9.2","9.2",0,0,713]
["21042604005","Sonda de alimentacion nasogastrica tipo levin n° 18 fr (levin)","Funda",6.96,43,{"v":299.28,"d":"299"},0,0,0,0,0,0,0,0,0,0,43,{"v":299.28,"d":"299"},0,0,"00","00",0,0,714]
["21042604006","Sonda de alimentacion nasogastrica tipo levin n° 20 fr (levin)","Funda",5.68,24,{"v":136.32,"d":"136"},0,0,0,0,0,0,0,0,24,{"v":136.32,"d":"136"},0,0,0,0,"0","0",0,0,715]
["21042604007","Sonda de alimentacion nasogastrica tipo levin n° 5 fr","Funda",5.83,64,{"v":373.12,"d":"373"},0,0,0,0,0,0,0,0,0,0,64,{"v":373.12,"d":"373"},10,0,"6.4","6.4",0,0,248]
["21042604008","Sonda de alimentacion nasogastrica tipo levin n° 6 fr (levin)","Funda",5.3,606,{"v":3211.8,"d":"3,212"},0,0,0,0,0,0,0,0,0,0,606,{"v":3211.8,"d":"3,212"},150,0,"4.0","4.0",0,0,1246]
["21042604009","Sonda de alimentacion nasogastrica tipo levin n° 8 fr (levin)","Funda",5.32,200,{"v":1064,"d":"1,064"},0,0,0,0,0,0,0,0,0,0,200,{"v":1064,"d":"1,064"},93,0,"2.2","2.2",0,0,249]
["21042604011","Sonda nutricion enteral n° 10","Funda",2090.05,0,0,0,0,0,0,0,0,0,0,0,0,0,0,3,0,"0.0","0.0",6,12540.3,1255]
["21042604012","Sonda nutricion enteral n° 8","Funda",2585.11,0,0,0,0,0,0,0,0,0,0,0,0,0,0,12,0,"0.0","0.0",24,62042.64,1256]
["21042602001","Sonda vesical tipo foley 2 vias n° 10","Funda",51.41,46,{"v":2364.86,"d":"2,365"},0,0,0,0,0,0,0,0,0,0,46,{"v":2364.86,"d":"2,365"},7,0,"6.6","6.6",0,0,240]
["21042602002","Sonda vesical tipo foley 2 vias n° 12","Funda",49.86,32,{"v":1595.52,"d":"1,596"},0,0,0,0,0,0,0,0,0,0,32,{"v":1595.52,"d":"1,596"},8,0,"4.0","4.0",0,0,241]
["21042602003","Sonda vesical tipo foley 2 vias n° 14","Funda",26.35,80,{"v":2108,"d":"2,108"},0,0,0,0,10,{"v":263.5,"d":"264"},0,0,0,0,70,{"v":1844.5,"d":"1,845"},10,0,"7.0","7.0",0,0,242]
["21042602004","Sonda vesical tipo foley 2 vias n° 16","Funda",32.21,40,{"v":1288.4,"d":"1,288"},0,0,0,0,0,0,0,0,0,0,40,{"v":1288.4,"d":"1,288"},0,0,"00","00",0,0,243]
["21042602005","Sonda vesical tipo foley 2 vias n° 18","Funda",18.56,24,{"v":445.44,"d":"445"},0,0,0,0,0,0,0,0,0,0,24,{"v":445.44,"d":"445"},10,0,"2.4","2.4",0,0,416]
["21042602007","Sonda vesical tipo foley 2 vias n° 22","Funda",65.75,10,{"v":657.5,"d":"658"},0,0,0,0,0,0,0,0,0,0,10,{"v":657.5,"d":"658"},0,0,"00","00",0,0,1318]
["21042602009","Sonda vesical tipo foley 2 vias n° 8","Funda",80.46,10,{"v":804.6,"d":"805"},0,0,0,0,10,{"v":804.6,"d":"805"},0,0,0,0,0,0,10,0,"0.0","0.0",20,1609.2,244]
["20601128001","Suero anti a , Frasco x 10 ml","Frasco",1750,3,{"v":5250,"d":"5,250"},0,0,0,0,0,0,0,0,3,{"v":5250,"d":"5,250"},0,0,0,0,"0","0",0,0,168]
["21024102003","Sutura antimicrobiana de poliglactina trenzado 0 con aguja curva roma 1/2 de 22 mm x 70 cm","Sobre",77,288,{"v":22176,"d":"22,176"},0,0,0,0,0,0,0,0,0,0,288,{"v":22176,"d":"22,176"},0,0,"00","00",0,0,610]
["21024102004","Sutura antimicrobiana de poliglactina trenzado 1 con aguja curva cortante 1/2 de 26 mm x 70 cm","Sobre",68.2,0,0,72,{"v":4910.4,"d":"4,910"},0,0,0,0,0,0,0,0,72,{"v":4910.4,"d":"4,910"},0,0,"00","00",0,0,1351]
["21024102006","Sutura antimicrobiana de poliglactina trenzado 2-0 con aguja curva cortante 1/2 de 27 mm x 70 cm","Sobre",51.7,48,{"v":2481.6,"d":"2,482"},72,{"v":3722.4,"d":"3,722"},0,0,24,{"v":1240.8,"d":"1,241"},0,0,0,0,96,{"v":4963.2,"d":"4,963"},36,24,"2.7","2.7",0,0,1258]
["21024102002","Sutura antimicrobiana de poliglactina trenzado 3-0 con aguja curva roma 1/2 de 26 mm x 70 cm","Sobre",121.28,{"v":1620,"d":"1,620"},{"v":196473.6,"d":"196,474"},0,0,0,0,0,0,0,0,0,0,{"v":1620,"d":"1,620"},{"v":196473.6,"d":"196,474"},96,0,"16.9","7.4",0,0,203]
["21024102010","Sutura antimicrobiana de poliglactina trenzado 4-0 con aguja curva cortante 3/8 de 19 mm x 45 cm","Sobre",63.48,0,0,24,{"v":1523.52,"d":"1,524"},0,0,0,0,0,0,0,0,24,{"v":1523.52,"d":"1,524"},0,0,"00","00",0,0,1352]
["21024102012","Sutura antimicrobiana de poliglactina trenzado 4-0 con aguja curva roma 1/2 de 26 mm x 70 cm","Sobre",72.6,0,0,24,{"v":1742.4,"d":"1,742"},0,0,48,{"v":3484.8,"d":"3,485"},24,{"v":1742.4,"d":"1,742"},0,0,0,0,48,0,"0.0","0.0",96,6969.6,204]
["21024102014","Sutura antimicrobiana de poliglactina trenzado 5-0 con aguja curva roma 1/2 de 17 mm x 70 cm","Sobre",84.96,0,0,0,0,0,0,0,0,0,0,0,0,0,0,36,0,"0.0","0.0",72,6117.12,449]
["21024102015","Sutura antimicrobiana de poliglactina trenzado 6-0 con aguja curva cortante 3/8 de 13 mm x 45 cm","Sobre",69.37,0,0,24,{"v":1664.88,"d":"1,665"},0,0,0,0,0,0,0,0,24,{"v":1664.88,"d":"1,665"},0,0,"00","00",0,0,1353]
["21024104003","Sutura de acido poliglicolico 1-0 con  aguja curva roma 1/2 de 35 mm x 75 cm","Sobre",43.99,0,0,24,{"v":1055.76,"d":"1,056"},0,0,0,0,0,0,0,0,24,{"v":1055.76,"d":"1,056"},0,0,"00","00",0,0,1355]
["21024104002","Sutura de acido poliglicolico 2-0 con  aguja curva cortante 3/8 de 24 mm x 75 cm","Sobre",60.5,24,{"v":1452,"d":"1,452"},0,0,0,0,0,0,0,0,0,0,24,{"v":1452,"d":"1,452"},0,0,"00","00",0,0,438]
["21024104008","Sutura de acido poliglicolico 3-0 con aguja curva roma 1/2 de 26 mm x 75 cm","Sobre",46.32,0,0,24,{"v":1111.68,"d":"1,112"},0,0,0,0,0,0,0,0,24,{"v":1111.68,"d":"1,112"},0,0,"00","00",0,0,1349]
["21024105010","Sutura de catgut cromado 0 con aguja curva roma 1/2 de 25 mm x 70 mm","Sobre",36.56,288,{"v":10529.28,"d":"10,529"},0,0,0,0,0,0,0,0,0,0,288,{"v":10529.28,"d":"10,529"},0,0,"00","00",0,0,1319]
["21024105002","Sutura de catgut cromado 1-0 con aguja curva roma 1/2 de 36.4 mm x 70 cm","Sobre",32.66,0,0,0,0,0,0,0,0,0,0,0,0,0,0,24,0,"0.0","0.0",48,1567.68,208]
["21024105004","Sutura de catgut cromado 2-0 con aguja curva roma 1/2 de 36.4 mm x 70 cm","Sobre",47.29,192,{"v":9079.68,"d":"9,080"},0,0,0,0,0,0,0,0,0,0,192,{"v":9079.68,"d":"9,080"},24,0,"8.0","8.0",0,0,209]
["21024105006","Sutura de catgut cromado 3-0 con aguja curva roma 1/2  de 25 mm x 70 cm","Sobre",69.65,72,{"v":5014.8,"d":"5,015"},0,0,0,0,0,0,0,0,0,0,72,{"v":5014.8,"d":"5,015"},48,0,"1.5","1.5",24,1671.6,210]
["21024105007","Sutura de catgut cromado 4-0 con aguja curva roma 1/2 de 25 mm x 70 cm","Sobre",34.9,192,{"v":6700.8,"d":"6,701"},0,0,0,0,0,0,0,0,0,0,192,{"v":6700.8,"d":"6,701"},24,0,"8.0","8.0",0,0,211]
["21024106003","Sutura de nailon monofilamento 2-0 con aguja curva cortante 3/8 de 18.7 mm x 75 cm","Sobre",24.04,0,0,0,0,0,0,0,0,0,0,0,0,0,0,30,0,"0.0","0.0",60,1442.4,212]
["21024106004","Sutura de nailon monofilamento 2-0 con aguja curva cortante 3/8 de 26 mm x 45 cm (tendones)","Sobre",22.55,48,{"v":1082.4,"d":"1,082"},0,0,0,0,0,0,0,0,0,0,48,{"v":1082.4,"d":"1,082"},0,0,"00","00",0,0,1341]
["21024106005","Sutura de nailon monofilamento 2-0 con aguja curva cortante 3/8 de 63 mm x 45 cm","Sobre",39.72,264,{"v":10486.08,"d":"10,486"},0,0,0,0,0,0,0,0,0,0,264,{"v":10486.08,"d":"10,486"},36,0,"7.3","7.3",0,0,609]
["21024106006","Sutura de nailon monofilamento 3-0  con aguja curva cortante 3/8 de 24.3 mm x 45 cm","Sobre",76.62,480,{"v":36777.6,"d":"36,778"},0,0,0,0,0,0,0,0,0,0,480,{"v":36777.6,"d":"36,778"},50,0,"9.6","9.6",0,0,608]
["21024106012","Sutura de nailon monofilamento 4-0 con aguja curva cortante 3/8 de 13 mm x 45 cm (tendones)","Sobre",27.14,792,{"v":21494.88,"d":"21,495"},0,0,0,0,0,0,0,0,22,{"v":597.08,"d":"597"},770,{"v":20897.8,"d":"20,898"},34,0,"22.6","22.6",0,0,409]
["21024106013","Sutura de nailon monofilamento 4-0 con aguja curva cortante 3/8 de 20 mm x 45 cm (piel)","Sobre",29.4,240,{"v":7056,"d":"7,056"},0,0,0,0,0,0,0,0,0,0,240,{"v":7056,"d":"7,056"},30,0,"8.0","8.0",0,0,213]
["21024106014","Sutura de nailon monofilamento 5-0 con aguja curva cortante 3/8 de 13 mm x 45 cm (tendones)","Sobre",451.97,12,{"v":5423.64,"d":"5,424"},0,0,0,0,0,0,0,0,0,0,12,{"v":5423.64,"d":"5,424"},34,0,"0.4","0.4",56,25310.32,410]
["21024106016","Sutura de nailon monofilamento 5-0 con aguja curva cortante 3/8 de 20 mm x 45 cm (piel)","Sobre",48.94,108,{"v":5285.52,"d":"5,286"},0,0,0,0,0,0,0,0,0,0,108,{"v":5285.52,"d":"5,286"},24,0,"4.5","4.5",0,0,411]
["21024106017","Sutura de nailon monofilamento 6-0 con aguja curva cortante 3/8 de 13 mm x 45 cm (piel)","Sobre",31.35,144,{"v":4514.4,"d":"4,514"},0,0,0,0,0,0,0,0,0,0,144,{"v":4514.4,"d":"4,514"},0,0,"00","00",0,0,214]
["21024108004","Sutura de polipropileno 2-0  con aguja curva cortante 3/8 de 26 mm x 45 cm","Sobre",1850,96,{"v":177600,"d":"177,600"},0,0,0,0,0,0,0,0,0,0,96,{"v":177600,"d":"177,600"},0,0,"00","00",0,0,611]
["21024108005","Sutura de polipropileno 2-0 con aguja curva roma 1/2 de 26 mm x 75 cm (gastrointestinal/fascia)","Sobre",54.33,72,{"v":3911.76,"d":"3,912"},24,{"v":1303.92,"d":"1,304"},0,0,0,0,0,0,0,0,96,{"v":5215.68,"d":"5,216"},30,0,"3.2","3.2",0,0,412]
["21024108010","Sutura de polipropileno 4-0 con aguja curva roma 1/2 de 17 mm x 75 cm","Sobre",42.11,48,{"v":2021.28,"d":"2,021"},0,0,0,0,0,0,0,0,0,0,48,{"v":2021.28,"d":"2,021"},0,0,"00","00",0,0,1014]
["21024110002","Sutura de seda esteril 0 con aguja curva roma 1/2 de 26 mm x 75 cm","Sobre",36.75,768,{"v":28224,"d":"28,224"},0,0,0,0,0,0,0,0,0,0,768,{"v":28224,"d":"28,224"},0,0,"00","00",0,0,215]
["21024110003","Sutura de seda esteril 1-0 con aguja curva roma 1/2 de 26 mm x 75 cm (conductos y vasos)","Sobre",35.59,180,{"v":6406.2,"d":"6,406"},0,0,0,0,0,0,0,0,0,0,180,{"v":6406.2,"d":"6,406"},0,0,"00","00",0,0,784]
["21024110004","Sutura de seda esteril 2-0 con aguja curva cortante de 3/8 de 26 mm x 45 cm","Sobre",26.4,120,{"v":3168,"d":"3,168"},0,0,0,0,36,{"v":950.4,"d":"950"},0,0,0,0,84,{"v":2217.6,"d":"2,218"},36,0,"2.3","2.3",0,0,1345]
["21024110013","Sutura de seda esteril 2-0 con aguja curva cortante de 3/8 de 26 mm x 75 cm","Sobre",36.73,144,{"v":5289.12,"d":"5,289"},0,0,0,0,0,0,0,0,0,0,144,{"v":5289.12,"d":"5,289"},60,0,"2.4","2.4",0,0,613]
["21024110006","Sutura de seda esteril 2-0 con aguja curva roma 1/2 de 25 mm x 75 cm","Sobre",27.49,0,0,24,{"v":659.76,"d":"660"},0,0,0,0,0,0,0,0,24,{"v":659.76,"d":"660"},0,0,"00","00",0,0,1350]
["21024110009","Sutura de seda esteril 3-0 con aguja curva roma 1/2 de 22 mm x 75 cm (gastrointestinal)","Sobre",39.73,408,{"v":16209.84,"d":"16,210"},0,0,0,0,0,0,0,0,0,0,408,{"v":16209.84,"d":"16,210"},24,0,"17.0","17.0",0,0,216]
["21024110011","Sutura de seda esteril 4-0 con aguja curva roma 1/2 de 26 mm x 75 cm(conductos y vasos)","Sobre",31.08,120,{"v":3729.6,"d":"3,730"},0,0,0,0,0,0,0,0,0,0,120,{"v":3729.6,"d":"3,730"},0,0,"00","00",0,0,218]
["21024110012","Sutura de seda esteril 5-0 con aguja curva-roma 1/2 de 17 mm x 75 cm (conductos y vasos)","Sobre",35.93,144,{"v":5173.92,"d":"5,174"},0,0,0,0,0,0,0,0,0,0,144,{"v":5173.92,"d":"5,174"},0,0,"00","00",0,0,219]
["21120106002","Tablilla para inmovilizacion de tobillo (m)","Unidad",36.46,50,{"v":1823,"d":"1,823"},0,0,0,0,50,{"v":1823,"d":"1,823"},0,0,0,0,0,0,84,50,"0.0","0.0",168,6125.28,1273]
["21120106003","Tablilla para inmovilizacion de tobillo (s)","Unidad",31.9,200,{"v":6380,"d":"6,380"},0,0,0,0,75,{"v":2392.5,"d":"2,393"},0,0,0,0,125,{"v":3987.5,"d":"3,988"},88,25,"1.4","1.4",51,1626.9,1342]
["20943901003","Termometro digital","Unidad",89.43,20,{"v":1788.6,"d":"1,789"},0,0,0,0,20,{"v":1788.6,"d":"1,789"},0,0,0,0,0,0,41,60,"0.0","0.0",82,7333.26,772]
["20943901001","Termometro oral","Unidad",200,0,0,0,0,0,0,0,0,0,0,0,0,0,0,79,0,"0.0","0.0",158,31600,175]
["21029704001","Tirillas p/ glucometro caja x 50","Caja",245,{"v":1574,"d":"1,574"},{"v":385630,"d":"385,630"},0,0,0,0,200,{"v":49000,"d":"49,000"},0,0,0,0,{"v":1374,"d":"1,374"},{"v":336630,"d":"336,630"},150,0,"9.2","0.5",0,0,414]
["21547901001","Traje desechable (overol de cuerpo completo) m","Caja",0.01,967,{"v":9.67,"d":"10"},0,0,0,0,0,0,0,0,0,0,967,{"v":9.67,"d":"10"},15,0,"64.5","51.0",0,0,421]
["21045802002","Tubo de drenaje toraxico n° 12 fr","Empaque",1328.57,9,{"v":11957.13,"d":"11,957"},0,0,0,0,0,0,0,0,0,0,9,{"v":11957.13,"d":"11,957"},5,0,"1.8","1.8",1,1328.57,1244]
["21045802003","Tubo de drenaje toraxico n° 14 fr","Empaque",159,9,{"v":1431,"d":"1,431"},0,0,0,0,0,0,0,0,9,{"v":1431,"d":"1,431"},0,0,3,0,"0.0","0.0",6,954,1156]
["21045802004","Tubo de drenaje toraxico n° 16 fr","Empaque",0,0,0,0,0,0,0,0,0,0,0,0,0,0,0,4,4,"0.0","0.0",8,0,417]
["21045802005","Tubo de drenaje toraxico n° 20 fr","Empaque",728.5,8,{"v":5828,"d":"5,828"},0,0,0,0,0,0,0,0,8,{"v":5828,"d":"5,828"},0,0,2,0,"0.0","0.0",4,2914,618]
["21045802008","Tubo de drenaje toraxico n° 8 fr","Empaque",0,0,0,0,0,0,0,0,0,0,0,0,0,0,0,5,0,"0.0","0.0",10,0,418]
["20245801001","Tubo endotraqueal  descartable n° 7.5 con balon","Empaque",54.5,10,545,0,0,0,0,0,0,0,0,0,0,10,545,0,0,"00","00",0,0,155]
["20245801004","Tubo endotraqueal descartable n° 2.5 sin balon","Empaque",21.56,90,{"v":1940.4,"d":"1,940"},0,0,0,0,0,0,0,0,0,0,90,{"v":1940.4,"d":"1,940"},10,0,"9.0","9.0",0,0,389]
["20245801005","Tubo endotraqueal descartable n° 3.0 sin balon","Empaque",83.33,180,{"v":14999.4,"d":"14,999"},0,0,0,0,0,0,0,0,10,{"v":833.3,"d":"833"},170,{"v":14166.1,"d":"14,166"},13,0,"13.1","13.1",0,0,156]
["20245801006","Tubo endotraqueal descartable n° 3.5 sin balon","Empaque",49.5,30,{"v":1485,"d":"1,485"},0,0,0,0,0,0,0,0,0,0,30,{"v":1485,"d":"1,485"},17,0,"1.8","1.8",4,198,157]
["20245801007","Tubo endotraqueal descartable n° 4.0 sin balon","Empaque",22.64,33,{"v":747.12,"d":"747"},0,0,0,0,0,0,0,0,0,0,33,{"v":747.12,"d":"747"},17,0,"1.9","1.9",1,22.64,390]
["20245801008","Tubo endotraqueal descartable n° 4.5 con balon","Empaque",45.66,30,{"v":1369.8,"d":"1,370"},0,0,0,0,10,{"v":456.6,"d":"457"},10,{"v":456.6,"d":"457"},0,0,30,{"v":1369.8,"d":"1,370"},17,0,"1.8","1.8",4,182.64,158]
["20245801009","Tubo endotraqueal descartable n° 5 con balon","Empaque",88,0,0,0,0,0,0,0,0,0,0,0,0,0,0,14,0,"0.0","0.0",28,2464,159]
["20245801010","Tubo endotraqueal descartable n° 5.5 con balon","Empaque",52.8,20,{"v":1056,"d":"1,056"},0,0,0,0,0,0,0,0,0,0,20,{"v":1056,"d":"1,056"},12,0,"1.7","1.7",4,211.2,160]
["20245801011","Tubo endotraqueal descartable n° 6.5 con balon","Empaque",49.5,21,{"v":1039.5,"d":"1,040"},0,0,0,0,0,0,0,0,0,0,21,{"v":1039.5,"d":"1,040"},20,0,"1.1","1.1",19,940.5,791]
["20245801012","Tubo endotraqueal descartable n° 7.0 con balon","Empaque",83.33,20,{"v":1666.6,"d":"1,667"},0,0,0,0,0,0,0,0,0,0,20,{"v":1666.6,"d":"1,667"},10,0,"2.0","2.0",0,0,600]
["20245801013","Tubo endotraqueal descartable n° 8.0 con balon","Empaque",35.26,29,{"v":1022.54,"d":"1,023"},0,0,0,0,0,0,0,0,0,0,29,{"v":1022.54,"d":"1,023"},0,0,"00","00",0,0,161]
["20245801015","Tubo endotraqueal descartable n° 9.0 con balon","Empaque",13.5,15,{"v":202.5,"d":"203"},0,0,0,0,0,0,0,0,0,0,15,{"v":202.5,"d":"203"},0,0,"00","00",0,0,391]
["20245801017","Tubo endotraqueal descartable nº 6.0 con balon","Empaque",49.5,30,{"v":1485,"d":"1,485"},0,0,0,0,0,0,0,0,0,0,30,{"v":1485,"d":"1,485"},23,0,"1.3","1.3",16,792,162]
["21046702009","Venda de yeso 4\" x 5 yd","Sobre",20.66,12,{"v":247.92,"d":"248"},0,0,0,0,24,{"v":495.84,"d":"496"},48,{"v":991.68,"d":"992"},0,0,36,{"v":743.76,"d":"744"},23,0,"1.6","1.6",10,206.6,716]
["21046702013","Venda de yeso 6\" x 5 yd","Sobre",40.44,99,{"v":4003.56,"d":"4,004"},0,0,0,0,0,0,0,0,0,0,99,{"v":4003.56,"d":"4,004"},27,0,"3.7","3.7",0,0,253]
["21046701003","Venda elastica 4\" x 5 yd","Funda",165.29,90,{"v":14876.1,"d":"14,876"},0,0,0,0,34,{"v":5619.86,"d":"5,620"},0,0,0,0,56,{"v":9256.24,"d":"9,256"},33,0,"1.7","1.7",10,1652.9,250]
["21046701005","Venda elastica 6\" x 5 yd","Funda",21.87,0,0,0,0,0,0,0,0,0,0,0,0,0,0,28,0,"0.0","0.0",56,1224.72,251]
["21047601001","Zapato de cirugia descartable","Caja",2.35,{"v":1000,"d":"1,000"},{"v":2350,"d":"2,350"},0,0,0,0,0,0,0,0,0,0,{"v":1000,"d":"1,000"},{"v":2350,"d":"2,350"},871,0,"1.1","1.1",742,1743.7,419]
["OP5","AGUJA EPIDURAL NO. 23 UNIDAD","Unidad",178,50,{"v":8900,"d":"8,900"},0,0,0,0,0,0,0,0,0,0,50,{"v":8900,"d":"8,900"},0,0,"00","00",0,0,472]
["OM111","Agujas Hipodermicas 18g x 1","Unidad",5.1,900,{"v":4590,"d":"4,590"},0,0,0,0,100,510,0,0,0,0,800,{"v":4080,"d":"4,080"},133,0,"6.0","4.5",0,0,1225]
["OM100","Albendazol 400 mg/10ml suspension sobres (Dosis unica)","Unidad",4.56,150,684,0,0,0,0,0,0,0,0,0,0,150,684,20,0,"7.5","7.5",0,0,1139]
["OM80","Albuterol 2.5 mg/3ml para nebulizar inhalacion Ampollas","Unidad",92.87,0,0,0,0,0,0,0,0,0,0,0,0,0,0,75,0,"0.0","0.0",150,13930.5,957]
["OM74","ANESTESIA 3% LIDOCAINA OD","Caja",1247,8,{"v":9976,"d":"9,976"},0,0,0,0,0,0,0,0,8,{"v":9976,"d":"9,976"},0,0,0,0,"0","0",0,0,938]
["OM141","ANFOTERICINA B X1 VIAL","Vial",5800,0,0,0,0,0,0,0,0,0,0,0,0,0,0,14,0,"0.0","0.0",28,162400,1334]
["OM104","BRAZALETES PACIENTE VERDE ADULTOS","Unidad",8.5,900,{"v":7650,"d":"7,650"},0,0,200,{"v":1700,"d":"1,700"},0,0,0,0,0,0,700,{"v":5950,"d":"5,950"},200,0,"3.5","3.5",0,0,1172]
["OM71","BUDESODIDA 0.75 MG/3ML/ NEBULIZAR-SOL.","Unidad",156.73,108,{"v":16926.84,"d":"16,927"},0,0,0,0,96,{"v":15046.08,"d":"15,046"},0,0,0,0,12,{"v":1880.76,"d":"1,881"},282,204,"0.0","0.0",552,86514.96,932]
["OM49","budesonida p/nebulizar 0.25 mg/ml ampolla","Unidad",0,0,0,0,0,0,0,0,0,0,0,0,0,0,0,120,0,"0.0","0.0",240,0,710]
["OM82","budesonide 0.75 mg neb/inhalacion","Unidad",0,0,0,0,0,0,0,0,0,0,0,0,0,0,0,83,0,"0.0","0.0",166,0,966]
["OM124","CITRATO DE CAFEINA, SOLUCION ORAL, PD 20MG/3ML","Frasco",847.99,2,{"v":1695.98,"d":"1,696"},2,{"v":1695.98,"d":"1,696"},0,0,0,0,0,0,0,0,4,{"v":3391.96,"d":"3,392"},2,0,"2.0","2.0",0,0,1295]
["OM126","CLONIDINA, TABLETA, 0.1MG","Tableta",23.56,0,0,0,0,0,0,0,0,0,0,0,0,0,0,60,0,"0.0","0.0",120,2827.2,1297]
["OM117","CLORURO DE SODIO 0.45%, BOLSA X 1000 ML, UNIDAD","Bolsa",167.68,0,0,0,0,0,0,0,0,0,0,0,0,0,0,86,0,"0.0","0.0",172,28840.96,1248]
["OM118","CLORURO DE SODIO 0.45%, FRASCO X 500 ML, UNIDAD","Frasco",150,0,0,0,0,0,0,0,0,0,0,0,0,0,0,60,0,"0.0","0.0",120,18000,1250]
["OM110","Dexketoprofeno Trometamol 50 mg/2ml Iny","Unidad",0,0,0,0,0,0,0,0,0,0,0,0,0,0,0,5,0,"0.0","0.0",10,0,1224]
["OM144","DICLOFENACO  IV/IM  75MG/3ML","Ampolla",100,0,0,0,0,0,0,0,0,0,0,0,0,0,0,50,0,"0.0","0.0",100,10000,1347]
["OM135","DIPIRONA","Unidad",129.97,0,0,0,0,0,0,0,0,0,0,0,0,0,0,25,0,"0.0","0.0",50,6498.5,1310]
["OP27","DISCO DE SENSIBILIDAD FOSFOMICINA FOS-200 200MCG  V/50 LAB","Unidad",408,3,{"v":1224,"d":"1,224"},0,0,0,0,0,0,0,0,0,0,3,{"v":1224,"d":"1,224"},0,0,"00","00",0,0,505]
["OP25","DISCO DE SENSIBILIDAD GENTAMICINA 10 MCG /50 BD LAB","Unidad",402,3,{"v":1206,"d":"1,206"},0,0,0,0,0,0,0,0,0,0,3,{"v":1206,"d":"1,206"},0,0,"00","00",0,0,498]
["OM99","Enoxaparina 40 mg/0.4 ml Jeringa recargable IV","Unidad",151.8,89,{"v":13510.2,"d":"13,510"},0,0,0,0,0,0,0,0,79,{"v":11992.2,"d":"11,992"},10,{"v":1518,"d":"1,518"},0,0,"00","00",0,0,1137]
["OM60","ENTEROGERMINA","Unidad",138.55,0,0,0,0,0,0,0,0,0,0,0,0,0,0,60,0,"0.0","0.0",120,16626,922]
["OM95","ENTEROGERMINA 2000 millones (2 millardos)/5 mL Suspensión oral","Unidad",0,0,0,0,0,0,0,0,0,0,0,0,0,0,0,45,0,"0.0","0.0",90,0,1027]
["OM38","EYECTOR PLASTICO ENDODONTICO DE SALIVA 1X100 JPS PAQUETES","Empaque",274.41,5,{"v":1372.05,"d":"1,372"},0,0,0,0,0,0,0,0,3,{"v":823.23,"d":"823"},2,{"v":548.82,"d":"549"},0,0,"00","00",0,0,514]
["OM106","fentanilo 0.05/ml 0,0785 x1 ml ampolla","Unidad",76.98,0,0,0,0,0,0,0,0,0,0,0,0,0,0,50,0,"0.0","0.0",100,7698,1178]
["OM56","Glutapak- R","Unidad",1353.2,0,0,0,0,0,0,0,0,0,0,0,0,0,0,20,0,"0.0","0.0",40,54128,917]
["OM52","HIDRALAZINA CLORHIDRATO INY. 20 MG/ML","Ampolla",29.56,50,{"v":1478,"d":"1,478"},100,{"v":2956,"d":"2,956"},0,0,20,{"v":591.2,"d":"591"},0,0,0,0,130,{"v":3842.8,"d":"3,843"},20,0,"6.5","6.5",0,0,822]
["OM67","hidroclorotiazida 25 mg ORAL","Unidad",0.6,200,120,0,0,0,0,0,0,0,0,0,0,200,120,0,0,"00","00",0,0,929]
["OM131","IMIPENEM + CILASTATINA SODICA INY.500MG VIAL","Vial",148.46,328,{"v":48694.88,"d":"48,695"},0,0,0,0,0,0,0,0,0,0,328,{"v":48694.88,"d":"48,695"},0,0,"00","00",0,0,1306]
["OM129","ION-K ELIXIR 240ML","Unidad",4975.05,0,0,0,0,0,0,0,0,0,0,0,0,0,0,10,0,"0.0","0.0",20,99501,1301]
["OM102","Isoniazida+Rifampicina 300+300 mg tabletas","Unidad",0,0,0,576,0,0,0,0,0,0,0,576,0,0,0,0,0,"0","0",0,0,1153]
["OM132","ITRACONAZOL 100MG BLISTER UNIDAD","Cápsula",2.08,100,208,0,0,0,0,0,0,0,0,0,0,100,208,0,0,"00","00",0,0,1307]
["OM77","ketorolaco 60mg/2ml inyectable","Unidad",8.25,200,{"v":1650,"d":"1,650"},0,0,0,0,0,0,0,0,0,0,200,{"v":1650,"d":"1,650"},100,0,"2.0","2.0",0,0,942]
["OM96","Lactulosa jarabe 66.7 g/100 ml/240 ml.","Unidad",206.73,34,{"v":7028.82,"d":"7,029"},10,{"v":2067.3,"d":"2,067"},0,0,0,0,0,0,0,0,44,{"v":9096.12,"d":"9,096"},7,0,"6.3","5.9",0,0,1073]
["OM116","Levetiracetam 500 mg amp iny unidad","Unidad",5284.5,0,0,0,0,0,0,0,0,0,0,0,0,0,0,38,0,"0.0","0.0",76,401622,1238]
["OM86","levofloxacina 500 mg/100 ml infusion frasco vial","Unidad",32.8,199,{"v":6527.2,"d":"6,527"},0,0,0,0,0,0,0,0,0,0,199,{"v":6527.2,"d":"6,527"},0,0,"00","00",0,0,968]
["OM120","LISOZIMA 250 MG, 30 CAPSULAS","Cápsula",0,0,0,0,0,0,0,0,0,0,0,0,0,0,0,80,0,"0.0","0.0",160,0,1251]
["OP7","LUBRICANTE GEL TUBO 80 G UNIDAD","Tubo",44.09,0,0,0,0,0,0,0,0,0,0,0,0,0,0,19,5,"0.0","0.0",38,1675.42,474]
["OM97","metronidazol benzoato suspension frasco 120 ml","Unidad",40.39,0,0,20,{"v":807.8,"d":"808"},0,0,0,0,0,0,0,0,20,{"v":807.8,"d":"808"},6,0,"3.3","3.3",0,0,1074]
["OM133","NIFEDIPINA 20MG BLISTER UNIDAD","Cápsula",0.2,0,0,0,0,0,0,0,0,0,0,0,0,0,0,100,0,"0.0","0.0",200,40,1308]
["OP9","NITROGLICERINA 0.4 MG/ HR PANCHE UNIDAD","Unidad",1.25,30,{"v":37.5,"d":"38"},0,0,0,0,0,0,0,0,0,0,30,{"v":37.5,"d":"38"},0,0,"00","00",0,0,476]
["OM92","Nor-Crezinc Jarabe","Unidad",0,0,0,0,0,0,0,0,0,0,0,0,0,0,0,4,0,"0.0","0.0",8,0,1024]
["OM81","Olanzapina 10 mg inyectable intra.","Unidad",4912.5,0,0,30,{"v":147375,"d":"147,375"},0,0,35,{"v":171937.5,"d":"171,938"},5,{"v":24562.5,"d":"24,563"},0,0,0,0,28,0,"0.0","0.0",56,275100,958]
["OM121","ONDANSETRON INYRCCION BP 8 MG/4ML, VIAL, UND","Vial",713.82,0,0,0,0,0,0,0,0,0,0,0,0,0,0,10,0,"0.0","0.0",20,14276.4,1252]
["OM113","Papel para esterilizar envolturas de gasas.","Unidad",14880,4,{"v":59520,"d":"59,520"},0,0,0,0,0,0,0,0,0,0,4,{"v":59520,"d":"59,520"},0,0,"00","00",0,0,1233]
["OM123","PENICILINA G. CRISTALINA INY.IM 1,000,000 UI, VIAL","Vial",15.4,100,{"v":1540,"d":"1,540"},0,0,0,0,150,{"v":2310,"d":"2,310"},50,770,0,0,0,0,150,0,"0.0","0.0",300,4620,1294]
["OM122","PIPERAZINA JARABE 120 ML, UNIDAD","Unidad",149.08,2,{"v":298.16,"d":"298"},0,0,0,0,0,0,0,0,0,0,2,{"v":298.16,"d":"298"},3,0,"0.7","0.7",4,596.32,1279]
["OM119","PLEUROVAC, UNIDAD","Unidad",3792.86,0,0,0,0,0,0,0,0,0,0,0,0,0,0,5,0,"0.0","0.0",10,37928.6,1249]
["OM59","PREGABALINA 75 MG ORAL","Unidad",1.32,0,0,0,0,0,0,0,0,0,0,0,0,0,0,100,0,"0.0","0.0",200,264,921]
["OM98","Prueba treponemica frascos","Unidad",0,36,0,0,0,0,0,0,0,0,0,0,0,36,0,0,0,"00","00",0,0,1092]
["OM134","ROCURONIO, AMPOLLA, UNIDAD","Ampolla",2043.08,0,0,0,0,0,0,0,0,0,0,0,0,0,0,20,0,"0.0","0.0",40,81723.2,1311]
["OM125","SILDENALFIL 50MG","Unidad",625.6,0,0,0,0,0,0,0,0,0,0,0,0,0,0,20,0,"0.0","0.0",40,25024,1296]
["OM127","SISTEMA DE DRENAJE DE HERIDA JP 200ML","Unidad",700,0,0,0,0,0,0,0,0,0,0,0,0,0,0,10,0,"0.0","0.0",20,14000,1298]
["OM83","Sucralfato 1g polvo granulado sobres","Unidad",16.5,40,660,0,0,0,0,0,0,0,0,0,0,40,660,100,0,"0.4","0.4",160,2640,963]
["OP14","TIRILLA PARA GLUCOMENTRO UNIDAD","Unidad",1550,1,{"v":1550,"d":"1,550"},0,0,0,0,1,{"v":1550,"d":"1,550"},0,0,0,0,0,0,70,49,"0.0","0.0",140,217000,487]
["OM44","TIRILLAS DE ORINA (106)","Unidad",1080.92,74,{"v":79988.08,"d":"79,988"},0,0,0,0,0,0,0,0,27,{"v":29184.84,"d":"29,185"},47,{"v":50803.24,"d":"50,803"},0,0,"00","00",0,0,564]
["OM137","VALACOCLOVIR 500MG X1","Unidad",323,0,0,0,0,0,0,0,0,0,0,0,0,0,0,30,0,"0.0","0.0",60,19380,1312]
["OM130","VASOPRESINA 20UI INY 10ML","Unidad",3000,0,0,0,0,0,0,0,0,0,0,0,0,0,0,10,0,"0.0","0.0",20,60000,1302]
["OM136","VECURONIO, AMPOLLA, UNIDAD","Ampolla",1595.08,0,0,0,0,0,0,0,0,0,0,0,0,0,0,20,0,"0.0","0.0",40,63803.2,1313]
["OM114","Verapamilo 80 mg iny Amp.","Unidad",0,0,0,0,0,0,0,0,0,0,0,0,0,0,0,100,0,"0.0","0.0",200,0,1234]
["OM107","VITAMINAS NEUROTROPICAS+DEXAMETASONA B1 100+B6,B12. INY","Unidad",52.25,2,{"v":104.5,"d":"105"},0,0,0,0,2,{"v":104.5,"d":"105"},0,0,0,0,0,0,4,0,"0.0","0.0",8,418,1206]
["OI589","Aceite de higado de bacalao emulsion 0.10+0.15/ml fcos","Unidad",0,0,0,0,0,0,0,0,0,0,0,0,0,0,0,10,0,"0.0","0.0",20,0,1188]
["OI302","acido acetilisalicilico tabl.325 mg","Unidad",1.31,440,{"v":576.4,"d":"576"},0,0,0,0,0,0,0,0,40,{"v":52.4,"d":"52"},400,524,0,0,"00","00",0,0,771]
["OI159","ACIDO URICO LQ 3X30ML CAJA","Unidad",5596,1,{"v":5596,"d":"5,596"},0,0,0,0,0,0,0,0,0,0,1,{"v":5596,"d":"5,596"},0,0,"00","00",0,0,730]
["OI647","AGAR GC","Unidad",17819.08,2,{"v":35638.16,"d":"35,638"},0,0,0,0,0,0,0,0,0,0,2,{"v":35638.16,"d":"35,638"},0,0,"00","00",0,0,1337]
["OI646","AGAR MONITOR SALADO","Unidad",10377.85,2,{"v":20755.7,"d":"20,756"},0,0,0,0,0,0,0,0,0,0,2,{"v":20755.7,"d":"20,756"},0,0,"00","00",0,0,1336]
["OI161","AGUJA EPIDURAL NO.16 CAJA","Unidad",76.67,120,{"v":9200.4,"d":"9,200"},0,0,0,0,0,0,0,0,0,0,120,{"v":9200.4,"d":"9,200"},0,0,"00","00",0,0,599]
["OI188","ALGINATO CROMATICO IMPRESION DENTAL FUNDA","Unidad",406,2,812,0,0,0,0,0,0,0,0,2,812,0,0,0,0,"0","0",0,0,635]
["OI383","ALGINATOS ALGINPLUS  OD","Unidad",750,1,750,0,0,0,0,0,0,0,0,1,750,0,0,0,0,"0","0",0,0,832]
["OI343","ALGODON ROLLO CAJA 1X2000 ADEL-PRODUCT OD","Unidad",391.5,62,{"v":24273,"d":"24,273"},0,0,0,0,0,0,0,0,59,{"v":23098.5,"d":"23,099"},3,{"v":1174.5,"d":"1,175"},0,0,"00","00",0,0,833]
["OI344","ALGODON ROLLO TORUNDA CAJA 1X2000","Unidad",1280,234,{"v":299520,"d":"299,520"},0,0,0,0,0,0,0,0,234,{"v":299520,"d":"299,520"},0,0,0,0,"0","0",0,0,834]
["OI180","AMILASA LQ-CNPG3 6X30 ML UNIDAD","Caja",20527,1,{"v":20527,"d":"20,527"},0,0,0,0,0,0,0,0,0,0,1,{"v":20527,"d":"20,527"},0,0,"00","00",0,0,624]
["OI619","ANT-B FCOS LAB","Unidad",350,1,350,0,0,0,0,0,0,0,0,1,350,0,0,0,0,"0","0",0,0,1227]
["OI426","ANT-D TIPIFICACION LAB","Unidad",583,6,{"v":3498,"d":"3,498"},0,0,0,0,0,0,0,0,5,{"v":2915,"d":"2,915"},1,583,0,0,"00","00",0,0,940]
["ON8","ANTI HUMAN GLOBULIN GREEN","Unidad",616,1,616,0,0,0,0,0,0,0,0,1,616,0,0,0,0,"0","0",0,0,264]
["OI154","ANTI-A TIPIFICACION CAJA (16)","Unidad",530.25,7,{"v":3711.75,"d":"3,712"},0,0,0,0,0,0,0,0,1,{"v":530.25,"d":"530"},6,{"v":3181.5,"d":"3,182"},0,0,"00","00",0,0,591]
["OI341","APLICADOR MICROBRUSH EXTRAFINO ADEL OD","Unidad",330,3,990,0,0,0,0,0,0,0,0,3,990,0,0,0,0,"0","0",0,0,831]
["OI460","ARCO NITINOL NATURAL 0.12 SUP Y YAMEI 1X10 OD","Unidad",950,4,{"v":3800,"d":"3,800"},0,0,0,0,0,0,0,0,4,{"v":3800,"d":"3,800"},0,0,0,0,"0","0",0,0,999]
["OI153","ASO TEST KIT (22)","Unidad",2100,1,{"v":2100,"d":"2,100"},0,0,0,0,0,0,0,0,0,0,1,{"v":2100,"d":"2,100"},0,0,"00","00",0,0,590]
["OI567","BAJANTE DE INFUSION AGILIA VL-ST22","Unidad",0,60,0,0,0,0,0,0,0,0,0,0,0,60,0,48,0,"1.3","1.3",36,0,1127]
["OI571","BAJANTE DE SUERO AGILIA VLST02","Unidad",0,0,0,0,0,0,0,0,0,0,0,0,0,0,0,145,0,"0.0","0.0",290,0,1132]
["OI546","BANDA MATRIX 1/4 7X0.0.5CM.","Unidad",180,1,180,0,0,0,0,0,0,0,0,0,0,1,180,0,0,"00","00",0,0,1111]
["OI297","BASE IT 2G OD CAJA","Unidad",1165,6,{"v":6990,"d":"6,990"},0,0,0,0,0,0,0,0,0,0,6,{"v":6990,"d":"6,990"},0,0,"00","00",0,0,761]
["OI420","BAXTER BAJANTE DE SANGRE 2C7462 SOBRE","Unidad",0,61,0,0,0,0,0,0,0,0,0,0,0,61,0,0,0,"00","00",0,0,913]
["OI422","BAXTER BAJANTE PARA TRANSFUSION 2C8751","Unidad",0,40,0,0,0,0,0,0,0,0,0,0,0,40,0,0,0,"00","00",0,0,914]
["OI365","BIODINAMICA PARAMONOCLOROFENOL OD","Unidad",620,1,620,0,0,0,0,0,0,0,0,1,620,0,0,0,0,"0","0",0,0,864]
["OI615","Biperideno hidrocloruro  2 mg   (Akinetón)","Unidad",0,0,0,0,0,0,0,0,0,0,0,0,0,0,0,1,0,"0.0","0.0",2,0,1219]
["ON79","BOLSA DE CADAVER","Unidad",1,11,11,0,0,0,0,0,0,0,0,0,0,11,11,18,0,"0.6","0.6",25,25,423]
["OI566","BOMBA DE INFUSION VOLUMAT AGILIA VP-MC-CO","Unidad",0,0,0,0,0,0,0,0,0,0,0,0,0,0,0,15,0,"0.0","0.0",30,0,1126]
["OI252","BOTAS BLANCA","Unidad",0.01,56,{"v":0.56,"d":"1"},0,0,0,0,0,0,0,0,0,0,56,{"v":0.56,"d":"1"},0,0,"00","00",0,0,700]
["OI586","BRAZALETE PEDIATRICO VERDE INDENTIFICACION","Unidad",0,600,0,0,0,0,0,0,0,0,0,0,0,600,0,0,0,"00","00",0,0,1177]
["OI264","CALIBRADOR DIRECTO 4X0.5ML LB. CAJA","Unidad",0,0,0,0,0,0,0,0,0,0,0,0,0,0,0,75,0,"0.0","0.0",150,0,726]
["OI95","CANULA DE MAYO 50MM 5CM","Unidad",42.47,1,{"v":42.47,"d":"42"},0,0,0,0,0,0,0,0,1,{"v":42.47,"d":"42"},0,0,10,0,"0.0","0.0",20,849.4,526]
["OI261","CANULA DE MAYO GUEDEL 100mm ROJA PQ","Unidad",41.12,90,{"v":3700.8,"d":"3,701"},0,0,0,0,0,0,0,0,0,0,90,{"v":3700.8,"d":"3,701"},10,0,"9.0","9.0",0,0,723]
["OI262","CANULA DE MAYO GUEDEL No. 90mm AMARILLA PQ","Unidad",45,1,45,0,0,0,0,0,0,0,0,0,0,1,45,10,0,"0.1","0.1",19,855,724]
["OI260","CANULA DE MAYO GUEDEL No.000 mm 3.5cm PQ","Unidad",43.1,25,{"v":1077.5,"d":"1,078"},0,0,0,0,0,0,0,0,0,0,25,{"v":1077.5,"d":"1,078"},10,0,"2.5","2.5",0,0,722]
["OI259","CANULA DE MAYO NO. 00# 50 MM PQ","Unidad",60,0,0,0,0,0,0,0,0,0,0,0,0,0,0,8,0,"0.0","0.0",16,960,721]
["OI610","CANULA DE MAYO No.3","Unidad",60,0,0,0,0,0,0,0,0,0,0,0,0,0,0,8,0,"0.0","0.0",16,960,1212]
["OI608","CANULA DE MAYO No.4","Unidad",60,301,{"v":18060,"d":"18,060"},0,0,0,0,0,0,0,0,301,{"v":18060,"d":"18,060"},0,0,16,0,"0.0","0.0",32,1920,1213]
["OI607","CANULA DE MAYO No.5","Unidad",0,0,0,0,0,0,0,0,0,0,0,0,0,0,0,5,0,"0.0","0.0",10,0,1214]
["OI577","CARTUCHO P/MAQ.GASES ARTERIALES UNIDAD","Caja",555.5,200,{"v":111100,"d":"111,100"},0,0,0,0,100,{"v":55550,"d":"55,550"},0,0,0,0,100,{"v":55550,"d":"55,550"},104,0,"1.0","1.0",108,59994,1146]
["OI595","Cateter corto periferico jelco No.18","Unidad",120.5,250,{"v":30125,"d":"30,125"},100,{"v":12050,"d":"12,050"},0,0,0,0,0,0,50,{"v":6025,"d":"6,025"},300,{"v":36150,"d":"36,150"},50,0,"6.0","6.0",0,0,1195]
["OI596","Cateter corto periferico jelco No.20","Unidad",50.25,150,{"v":7537.5,"d":"7,538"},0,0,0,0,0,0,0,0,0,0,150,{"v":7537.5,"d":"7,538"},75,0,"2.0","2.0",0,0,1196]
["OI597","Cateter corto periferico jelco No.22","Unidad",99.89,300,{"v":29967,"d":"29,967"},100,{"v":9989,"d":"9,989"},0,0,200,{"v":19978,"d":"19,978"},0,0,50,{"v":4994.5,"d":"4,995"},150,{"v":14983.5,"d":"14,984"},92,0,"1.6","1.6",34,3396.26,1197]
["OI598","Cateter corto periferico jelco No.24","Unidad",122.94,0,0,100,{"v":12294,"d":"12,294"},0,0,0,0,0,0,50,{"v":6147,"d":"6,147"},50,{"v":6147,"d":"6,147"},192,0,"0.3","0.3",334,41061.96,1198]
["OI590","Cateter Jelco No. 24","Unidad",50.18,150,{"v":7527,"d":"7,527"},0,0,0,0,0,0,0,0,0,0,150,{"v":7527,"d":"7,527"},50,0,"3.0","3.0",0,0,1190]
["OI376","CEMENTO RESINOSO FOTOCURABLE ALL CEM CORE FGM  OD","Unidad",4120,1,{"v":4120,"d":"4,120"},0,0,0,0,0,0,0,0,1,{"v":4120,"d":"4,120"},0,0,0,0,"0","0",0,0,848]
["OI167","CEPILLO HUMEDOS DE CIRUJANOS CAJA","Unidad",18.13,75,{"v":1359.75,"d":"1,360"},0,0,0,0,0,0,0,0,0,0,75,{"v":1359.75,"d":"1,360"},40,0,"1.9","1.9",5,90.65,605]
["OI491","CERA ROSADA LAMINA OD.","Unidad",27.33,14,{"v":382.62,"d":"383"},0,0,0,0,0,0,0,0,14,{"v":382.62,"d":"383"},0,0,0,0,"0","0",0,0,1040]
["OI165","CIRCUITOS CON BOLSA PARA MAQUINA DE ANESTESIA KIT","Unidad",1558.21,14,{"v":21814.94,"d":"21,815"},0,0,0,0,0,0,0,0,0,0,14,{"v":21814.94,"d":"21,815"},0,0,"00","00",0,0,602]
["ON6","CLEANSER CONCENTRATE","Unidad",2950,1,{"v":2950,"d":"2,950"},0,0,0,0,0,0,0,0,0,0,1,{"v":2950,"d":"2,950"},0,0,"00","00",0,0,273]
["OI138","COLESTEROL -LQ 6X30ML CAJA (31)","Unidad",7295.9,4,{"v":29183.6,"d":"29,184"},0,0,0,0,0,0,0,0,0,0,4,{"v":29183.6,"d":"29,184"},0,0,"00","00",0,0,581]
["OI251","CONECTORES DE ARBOLITOS CAJA","Unidad",250,0,0,0,0,0,0,0,0,0,0,0,0,0,0,28,0,"0.0","0.0",56,14000,770]
["OI363","CONO DE PAPEL #30 META (B5)  OD","Unidad",152.54,10,{"v":1525.4,"d":"1,525"},0,0,0,0,0,0,0,0,0,0,10,{"v":1525.4,"d":"1,525"},0,0,"00","00",0,0,866]
["OI510","CONO PAPEL 45-80 OD","Unidad",252.45,1,{"v":252.45,"d":"252"},0,0,0,0,0,0,0,0,0,0,1,{"v":252.45,"d":"252"},0,0,"00","00",0,0,1060]
["OI437","CONO PAPEL NO.40 META","Unidad",445,4,{"v":1780,"d":"1,780"},0,0,0,0,0,0,0,0,2,890,2,890,0,0,"00","00",0,0,977]
["OI183","CUBRE OBJETO MICROSCOPE COVER CAJA","Unidad",1.68,{"v":1000,"d":"1,000"},{"v":1680,"d":"1,680"},0,0,0,0,0,0,0,0,{"v":1000,"d":"1,000"},{"v":1680,"d":"1,680"},0,0,0,0,"0","0",0,0,628]
["OI169","CURITAS FLEXIBLE ALARGADA CAJA","Unidad",23.67,10,{"v":236.7,"d":"237"},0,0,0,0,0,0,0,0,0,0,10,{"v":236.7,"d":"237"},0,0,"00","00",0,0,606]
["OI181","CURITAS REDONDAS LAB UNIDAD","Caja",18.79,50,{"v":939.5,"d":"940"},0,0,0,0,0,0,0,0,0,0,50,{"v":939.5,"d":"940"},0,0,"00","00",0,0,626]
["ON16","DENGUE (MEMBRANA)","Unidad",6900,110,{"v":759000,"d":"759,000"},0,0,0,0,0,0,0,0,0,0,110,{"v":759000,"d":"759,000"},0,0,"00","00",0,0,279]
["OI406","DENTALASTIC LIGATURE TIE ASST 1X40 IMD  OD","Unidad",490,5,{"v":2450,"d":"2,450"},0,0,0,0,0,0,0,0,5,{"v":2450,"d":"2,450"},0,0,0,0,"0","0",0,0,903]
["OI202","DISCO DE SENSIBILIDAD CEFTRIAXONA CAJA LB","Unidad",410,3,{"v":1230,"d":"1,230"},0,0,0,0,0,0,0,0,0,0,3,{"v":1230,"d":"1,230"},0,0,"00","00",0,0,646]
["OI213","DISCO DE SENSIBILIDAD PIPERACELINA/TAX LB CAJA","Unidad",420,3,{"v":1260,"d":"1,260"},0,0,0,0,0,0,0,0,0,0,3,{"v":1260,"d":"1,260"},0,0,"00","00",0,0,654]
["OI214","DISCO DE SENSIBILIDAD TOBRAMICINA LB CAJA","Unidad",411,3,{"v":1233,"d":"1,233"},0,0,0,0,0,0,0,0,0,0,3,{"v":1233,"d":"1,233"},0,0,"00","00",0,0,655]
["OI579","DISCO SENSIBILIDAD OPTOQUINA LAB","Unidad",450,2,900,0,0,0,0,0,0,0,0,0,0,2,900,0,0,"00","00",0,0,1148]
["OI628","ENEMA FLEET ADULTO, UNIDAD","Frasco",329.85,7,{"v":2308.95,"d":"2,309"},0,0,0,0,0,0,0,0,0,0,7,{"v":2308.95,"d":"2,309"},3,0,"2.3","2.3",0,0,1278]
["OI627","ENEMA FLEET PEDIATRICO, UNIDAD","Frasco",416,0,0,0,0,0,0,0,0,0,0,0,0,0,0,6,0,"0.0","0.0",12,4992,1277]
["OI621","Es-citalopram 20 mg comprimido","Unidad",0,0,0,0,0,0,0,0,0,0,0,0,0,0,0,30,0,"0.0","0.0",60,0,1230]
["OI385","ESPEJO CON MANGO VISTA FRONTAL MILTEX   OD","Unidad",3,89,267,0,0,0,0,0,0,0,0,89,267,0,0,0,0,"0","0",0,0,894]
["OI309","Estetoscopio","Unidad",1019,1,{"v":1019,"d":"1,019"},0,0,0,0,0,0,0,0,0,0,1,{"v":1019,"d":"1,019"},0,0,"00","00",0,0,789]
["OI616","Estoquinete","Unidad",1200,0,0,0,0,0,0,2,{"v":2400,"d":"2,400"},2,{"v":2400,"d":"2,400"},0,0,0,0,4,0,"0.0","0.0",8,9600,1222]
["OI282","EUGENOL PREVEST 15ML OD CAJA","Unidad",320,3,960,0,0,0,0,0,0,0,0,3,960,0,0,0,0,"0","0",0,0,745]
["OI537","formaldehido (formal) 40% GALON/FCOS","Unidad",0,0,0,0,0,0,0,0,0,0,0,0,0,0,0,2,0,"0.0","0.0",4,0,1103]
["ON19","FOSFATASA ALCALINA","Unidad",5656,1,{"v":5656,"d":"5,656"},0,0,0,0,0,0,0,0,0,0,1,{"v":5656,"d":"5,656"},0,0,"00","00",0,0,285]
["ON20","FRASCO ESTERIL","Unidad",12.32,346,{"v":4262.72,"d":"4,263"},0,0,0,0,0,0,0,0,0,0,346,{"v":4262.72,"d":"4,263"},0,0,"00","00",0,0,286]
["OI346","FRESA 1014 REDONDA MEDIANA MICRODONT OD","Unidad",28,21,588,0,0,0,0,0,0,0,0,0,0,21,588,0,0,"00","00",0,0,835]
["OI345","FRESA 1016 REDONDA MICRODON OD","Unidad",125,10,{"v":1250,"d":"1,250"},0,0,0,0,0,0,0,0,10,{"v":1250,"d":"1,250"},0,0,0,0,"0","0",0,0,836]
["OI170","FRESA ALTA 3118 PULIDO LLAMA MICRODONT (8) CAJA","Unidad",28,20,560,0,0,0,0,0,0,0,0,0,0,20,560,0,0,"00","00",0,0,612]
["OI269","FRESA CARBURO FG NO 702C PRIMA DENTAL CAJA","Unidad",195,4,780,0,0,0,0,0,0,0,0,0,0,4,780,0,0,"00","00",0,0,732]
["OI492","FRESA DIAMANTADA KGS FG 1034 OD","Unidad",112.27,16,{"v":1796.32,"d":"1,796"},0,0,0,0,0,0,0,0,0,0,16,{"v":1796.32,"d":"1,796"},0,0,"00","00",0,0,1041]
["OI431","FRESA FG 2200FF MICROOODNT","Unidad",59.5,6,357,0,0,0,0,0,0,0,0,0,0,6,357,0,0,"00","00",0,0,971]
["OI399","FRESA QUIRURGICA  RG-702 USA  OD","Unidad",110,10,{"v":1100,"d":"1,100"},0,0,0,0,0,0,0,0,0,0,10,{"v":1100,"d":"1,100"},0,0,"00","00",0,0,840]
["OI497","FRESA QUIRURGICA FG NO.7O2 MICRODONT","Unidad",246.19,6,{"v":1477.14,"d":"1,477"},0,0,0,0,0,0,0,0,6,{"v":1477.14,"d":"1,477"},0,0,0,0,"0","0",0,0,1046]
["OI400","FRESA QUIRURGICA FG-702 USA  OD","Unidad",156,10,{"v":1560,"d":"1,560"},0,0,0,0,0,0,0,0,0,0,10,{"v":1560,"d":"1,560"},0,0,"00","00",0,0,841]
["OI348","FRESA SHOFU BLANCA BESQUAL OD","Unidad",90,10,900,0,0,0,0,0,0,0,0,10,900,0,0,0,0,"0","0",0,0,842]
["OI288","FRESON METALICO HP OD CAJA","Unidad",350,5,{"v":1750,"d":"1,750"},0,0,0,0,0,0,0,0,5,{"v":1750,"d":"1,750"},0,0,0,0,"0","0",0,0,752]
["OI564","Gasa precortada 4x4 sobres","Unidad",8.5,253,{"v":2150.5,"d":"2,151"},0,0,0,0,0,0,0,0,0,0,253,{"v":2150.5,"d":"2,151"},0,0,"00","00",0,0,1124]
["OI638","GEL LUBRICANTE CARPOL 0.350G+ GLICERINA 0.85ML/100G","Unidad",44.87,250,{"v":11217.5,"d":"11,218"},20,{"v":897.4,"d":"897"},0,0,0,0,0,0,0,0,270,{"v":12114.9,"d":"12,115"},0,0,"00","00",0,0,1305]
["OI88","GLUCOMETROS APARATO UNIDAD","Unidad",0,2,0,0,0,0,0,1,0,0,0,0,0,1,0,2,0,"0.5","0.5",3,0,518]
["OI114","GRABADO ACIDO FOSFORICO 37% AZUL 12G *41*","Unidad",209.74,2,{"v":419.48,"d":"419"},0,0,0,0,0,0,0,0,0,0,2,{"v":419.48,"d":"419"},0,0,"00","00",0,0,544]
["OI463","GUANTE NITRILOS CAJA OD","Unidad",333.27,4,{"v":1333.08,"d":"1,333"},0,0,0,0,0,0,0,0,0,0,4,{"v":1333.08,"d":"1,333"},0,0,"00","00",0,0,1002]
["OI356","GUTTA PERCHA PROTAPER F1,F2,F3 OD","Unidad",650,3,{"v":1950,"d":"1,950"},0,0,0,0,0,0,0,0,3,{"v":1950,"d":"1,950"},0,0,0,0,"0","0",0,0,856]
["OI271","GUTTAPERCHA NO.15/40 SPIDENT CAJA","Unidad",351.77,1,{"v":351.77,"d":"352"},0,0,0,0,0,0,0,0,0,0,1,{"v":351.77,"d":"352"},0,0,"00","00",0,0,734]
["ON24","HBSAG (MEMBRANA)","Unidad",3320,5,{"v":16600,"d":"16,600"},0,0,0,0,0,0,0,0,0,0,5,{"v":16600,"d":"16,600"},0,0,"00","00",0,0,290]
["ON25","HCG (MEMBRANA)","Unidad",1600,50,{"v":80000,"d":"80,000"},0,0,0,0,0,0,0,0,0,0,50,{"v":80000,"d":"80,000"},0,0,"00","00",0,0,291]
["ON26","HDL","Kit",32805.59,2,{"v":65611.18,"d":"65,611"},0,0,0,0,0,0,0,0,0,0,2,{"v":65611.18,"d":"65,611"},0,0,"00","00",0,0,292]
["OI620","Hilo de sutura monocryl No. 4","Unidad",129.6,168,{"v":21772.8,"d":"21,773"},0,0,0,0,36,{"v":4665.6,"d":"4,666"},0,0,0,0,132,{"v":17107.2,"d":"17,107"},36,0,"3.7","0.8",0,0,1229]
["OI624","Hilo Monocryl no. 3.0 crg","Unidad",129.6,24,{"v":3110.4,"d":"3,110"},0,0,0,0,0,0,0,0,0,0,24,{"v":3110.4,"d":"3,110"},48,0,"0.5","0.0",72,9331.2,1237]
["OI126","HISOPOS TRANCULT ESTERILES (64)","Unidad",2027,900,{"v":1824300,"d":"1,824,300"},0,0,0,0,0,0,0,0,0,0,900,{"v":1824300,"d":"1,824,300"},0,0,"00","00",0,0,558]
["ON30","HIV DETERMINE SET (MEMBRANA)","Unidad",1320,300,{"v":396000,"d":"396,000"},0,0,0,0,0,0,0,0,0,0,300,{"v":396000,"d":"396,000"},0,0,"00","00",0,0,296]
["ON31","HIV UNI GOLD","Unidad",1350,60,{"v":81000,"d":"81,000"},0,0,0,0,0,0,0,0,0,0,60,{"v":81000,"d":"81,000"},0,0,"00","00",0,0,297]
["OI611","HOJA DE BISTURI NO.10 CON MANGO","Unidad",104.14,0,0,0,0,0,0,0,0,0,0,0,0,0,0,23,0,"0.0","0.0",46,4790.44,1215]
["OI612","HOJA DE BISTURI NO.20 CON MANGO","Unidad",0,20,0,0,0,0,0,0,0,0,0,0,0,20,0,0,0,"00","00",0,0,1216]
["OI617","Isoniazida300 mg/Rifapentina 300 mg Tabletas frascos","Unidad",0,0,0,576,0,0,0,576,0,0,0,0,0,0,0,432,0,"0.0","0.0",864,0,1223]
["OI648","ISOPOS ESTERILES","Empaque",1046.15,2,{"v":2092.3,"d":"2,092"},0,0,0,0,0,0,0,0,0,0,2,{"v":2092.3,"d":"2,092"},0,0,"00","00",0,0,1338]
["OI645","ISOVITALEX","Unidad",17868.31,3,{"v":53604.93,"d":"53,605"},0,0,0,0,0,0,0,0,0,0,3,{"v":53604.93,"d":"53,605"},0,0,"00","00",0,0,1335]
["OI255","JABON NEUTRO GALON UNIDAD","Caja",1810,8,{"v":14480,"d":"14,480"},0,0,0,0,0,0,0,0,0,0,8,{"v":14480,"d":"14,480"},0,0,"00","00",0,0,703]
["OI642","JERINGA DESCARTABLE DE 50ML HIPODERMICA","Unidad",0,50,0,0,0,0,0,0,0,0,0,0,0,50,0,0,0,"00","00",0,0,1327]
["OI641","JERINGA DESCARTABLE DE 50ML X21G. 1 1/2","Unidad",0,275,0,0,0,0,0,0,0,0,0,0,0,275,0,50,0,"5.5","5.5",0,0,1328]
["OI643","JERINGA DESCARTABLE DE INSULINA 1ML CON AGUJA 29GX12.7","Unidad",0,200,0,0,0,0,0,0,0,0,0,0,0,200,0,0,0,"00","00",0,0,1330]
["OI640","JERINGA DESCARTABLE DE INSULINA 1ML CON AGUJA 31 5ML 5/16","Unidad",0,500,0,0,0,0,0,0,0,0,0,0,0,500,0,0,0,"00","00",0,0,1329]
["ON72","JERINGA PARA DEPOVERA","Unidad",0,0,0,0,0,0,0,0,0,0,0,0,0,0,0,40,0,"0.0","0.0",80,0,300]
["OI603","jeringuilla 50 ml x1 sin agujas","Unidad",36.45,30,{"v":1093.5,"d":"1,094"},0,0,0,0,0,0,0,0,0,0,30,{"v":1093.5,"d":"1,094"},0,0,"00","00",0,0,1208]
["OI622","Lamotrigina 50 mg tabletas","Unidad",0,0,0,0,0,0,0,0,0,0,0,0,0,0,0,30,0,"0.0","0.0",60,0,1231]
["OI195","LDH-LQ IFCC. KINETIC-UV 5X25 ML CAJA","Unidad",5171,1,{"v":5171,"d":"5,171"},0,0,0,0,0,0,0,0,0,0,1,{"v":5171,"d":"5,171"},0,0,"00","00",0,0,644]
["OI174","LLAVES DE TRES VIAS","Unidad",26.98,100,{"v":2698,"d":"2,698"},0,0,0,0,100,{"v":2698,"d":"2,698"},0,0,0,0,0,0,51,0,"0.0","0.0",102,2751.96,617]
["OI644","LUBRICANTE GEL TUBO 60 G UNIDAD","Unidad",0,179,0,0,0,0,0,20,0,0,0,0,0,159,0,23,0,"6.9","6.9",0,0,1331]
["OI614","MASCARILLA CPR","Unidad",890,0,0,0,0,0,0,0,0,0,0,0,0,0,0,5,0,"0.0","0.0",10,8900,1218]
["OI320","MASCARILLAS LARINGEAS No.2.5","Unidad",0,0,0,0,0,0,0,0,0,0,0,0,0,0,0,4,0,"0.0","0.0",8,0,801]
["OI305","Mascarillas para anestesia Adulto RCI PAQ","Unidad",0,0,0,0,0,0,0,0,0,0,0,0,0,0,0,20,0,"0.0","0.0",40,0,774]
["OI480","MATERIAL BASE FOTO EN JERINGA SPIDENT OD","Unidad",1113,6,{"v":6678,"d":"6,678"},0,0,0,0,0,0,0,0,0,0,6,{"v":6678,"d":"6,678"},0,0,"00","00",0,0,1029]
["OI275","MODELINA BARRA VERDE 1X12 OD CAJA","Unidad",1150,1,{"v":1150,"d":"1,150"},0,0,0,0,0,0,0,0,1,{"v":1150,"d":"1,150"},0,0,0,0,"0","0",0,0,738]
["OI444","MODELING RESINA BISCO 1X2","Unidad",1450,1,{"v":1450,"d":"1,450"},0,0,0,0,0,0,0,0,0,0,1,{"v":1450,"d":"1,450"},0,0,"00","00",0,0,984]
["OI428","NEBULIZADOR DE COMPRESOR","Unidad",3211.86,4,{"v":12847.44,"d":"12,847"},0,0,0,0,0,0,0,0,0,0,4,{"v":12847.44,"d":"12,847"},0,0,"00","00",0,0,949]
["OI623","Ondansetron tabletas 8 mg","Unidad",0,0,0,0,0,0,0,0,0,0,0,0,0,0,0,1,0,"0.0","0.0",2,0,1228]
["OI185","OTOSCOPIO UNDAD","Unidad",52569,1,{"v":52569,"d":"52,569"},0,0,0,0,0,0,0,0,0,0,1,{"v":52569,"d":"52,569"},0,0,"00","00",0,0,631]
["OI90","Oxímetros de pulso","Unidad",0,4,0,0,0,0,0,0,0,0,0,4,0,0,0,0,0,"0","0",0,0,521]
["OI535","Pañal para adulto (m)","Unidad",0,0,0,0,0,0,0,0,0,0,0,0,0,0,0,10,0,"0.0","0.0",20,0,1101]
["OI334","PAPEL ARTICULAR BK80 OD","Unidad",336.51,10,{"v":3365.1,"d":"3,365"},0,0,0,0,0,0,0,0,0,0,10,{"v":3365.1,"d":"3,365"},0,0,"00","00",0,0,817]
["OI493","PAPEL ARTICULAR RECTO OD","Unidad",336.5,2,673,0,0,0,0,0,0,0,0,2,673,0,0,0,0,"0","0",0,0,1042]
["OI92","PAPEL DE EKG ROLLO NO.12","Unidad",654,21,{"v":13734,"d":"13,734"},0,0,0,0,0,0,0,0,0,0,21,{"v":13734,"d":"13,734"},0,0,"00","00",0,0,523]
["ON37","PCR","Unidad",1550,8,{"v":12400,"d":"12,400"},0,0,0,0,0,0,0,0,8,{"v":12400,"d":"12,400"},0,0,0,0,"0","0",0,0,310]
["OI152","PCR TEST KIT (79)","Unidad",2100,4,{"v":8400,"d":"8,400"},0,0,0,0,0,0,0,0,0,0,4,{"v":8400,"d":"8,400"},0,0,"00","00",0,0,589]
["OI568","PIES DE SUERO NIQUELADO DOS GANCHOS","Unidad",0,5,0,0,0,0,0,0,0,0,0,0,0,5,0,0,0,"00","00",0,0,1128]
["OI256","PIPETAS PARA ERITRO UNIDAD","Caja",49.38,550,{"v":27159,"d":"27,159"},0,0,0,0,0,0,0,0,0,0,550,{"v":27159,"d":"27,159"},0,0,"00","00",0,0,704]
["OI207","PLACAS DE PEDRI 2 DIVISIONES LB CAJA","Unidad",7149.93,1,{"v":7149.93,"d":"7,150"},0,0,0,0,0,0,0,0,0,0,1,{"v":7149.93,"d":"7,150"},0,0,"00","00",0,0,658]
["OI327","PLASMA COAGULASA LAB.","Unidad",30890.31,2,{"v":61780.62,"d":"61,781"},0,0,0,0,0,0,0,0,0,0,2,{"v":61780.62,"d":"61,781"},0,0,"00","00",0,0,810]
["ON38","PORTA OBJETO","Paquete",484.28,{"v":1572,"d":"1,572"},{"v":761288.16,"d":"761,288"},0,0,0,0,0,0,0,0,0,0,{"v":1572,"d":"1,572"},{"v":761288.16,"d":"761,288"},0,0,"00","00",0,0,312]
["OI530","QUITA FRESA STANDARD","Unidad",281.2,2,{"v":562.4,"d":"562"},0,0,0,0,0,0,0,0,0,0,2,{"v":562.4,"d":"562"},0,0,"00","00",0,0,1090]
["OI116","RESINA ESMALTE A2/B2 BRILLANT *21*","Unidad",690,2,{"v":1380,"d":"1,380"},0,0,0,0,0,0,0,0,2,{"v":1380,"d":"1,380"},0,0,0,0,"0","0",0,0,547]
["OI121","RESINA ESMALTE A3/B3 BRILLANTE *43*","Unidad",690,2,{"v":1380,"d":"1,380"},0,0,0,0,0,0,0,0,2,{"v":1380,"d":"1,380"},0,0,0,0,"0","0",0,0,551]
["OI543","RESINA FLOW A3.5","Unidad",395,2,790,0,0,0,0,0,0,0,0,0,0,2,790,0,0,"00","00",0,0,1109]
["OI119","RESINA FLOW A3.5/B3 BRILLANTINA *42*","Unidad",520,1,520,0,0,0,0,0,0,0,0,1,520,0,0,0,0,"0","0",0,0,548]
["OI381","RESINA LUNA A3.5  OD","Unidad",388,1,388,0,0,0,0,0,0,0,0,0,0,1,388,0,0,"00","00",0,0,886]
["OI629","SET 2 ACCESOS, BAJANTE DE INFUSION AGILIA VL-ST22","Unidad",0,60,0,0,0,0,0,0,0,0,0,0,0,60,0,50,0,"1.2","1.2",40,0,1280]
["OI601","SET DE ENTENSION TIPO Y EXTENSION 32..103675","Unidad",0,250,0,0,0,0,0,0,0,0,0,0,0,250,0,0,0,"00","00",0,0,1205]
["OI626","SET DE INFUSION CONTINUO (AGILIA VLST02)","Unidad",0,400,0,0,0,0,0,120,0,0,0,0,0,280,0,248,0,"1.1","1.1",216,0,1275]
["OI599","SET DE INFUSION MICROGOTERO BURETRA AGILIA VLPA92","Unidad",0,260,0,0,0,0,0,0,0,0,0,0,0,260,0,0,0,"00","00",0,0,1203]
["OI625","SET DE TRANSFUSION SANGUINEA, LINEA DE INFUCION AGILIA (VLTR00)","Unidad",0,660,0,0,0,0,0,0,0,0,0,0,0,660,0,40,0,"16.5","16.0",0,0,1276]
["OI600","SET LINEA FOTOSENSIBLES DE INFUSION EPIDURAL AGILIA VL-ON90","Unidad",0,60,0,0,0,0,0,0,0,0,0,0,0,60,0,0,0,"00","00",0,0,1204]
["OI273","SILICOCONA I-SIL LIGT DOBY SPIDENT CAJA OD","Unidad",1781,1,{"v":1781,"d":"1,781"},0,0,0,0,0,0,0,0,0,0,1,{"v":1781,"d":"1,781"},0,0,"00","00",0,0,736]
["OI368","SILICONA ELITE HD+GRUESA ZHERMACK  OD","Unidad",4892,1,{"v":4892,"d":"4,892"},0,0,0,0,0,0,0,0,1,{"v":4892,"d":"4,892"},0,0,0,0,"0","0",0,0,871]
["OI594","Sonda de alimentación nasogástrica CORFLO ULTRA Lite de 6 Fr. 22 levin ped.","Unidad",1313.95,0,0,0,0,0,0,0,0,0,0,0,0,0,0,10,0,"0.0","0.0",20,26279,1199]
["OI155","SUTURA HILO CROMICO NO.5 CAJA","Unidad",38.24,0,0,0,0,0,0,0,0,0,0,0,0,0,0,48,0,"0.0","0.0",96,3671.04,592]
["OI649","TABLA PARA INMOVILIZAR SMALL","Unidad",31.9,0,0,0,0,0,0,0,0,0,0,0,0,0,0,58,0,"0.0","0.0",116,3700.4,1339]
["OI157","TABLILLAS PARA CANALIZAR SMOLL CAJA","Unidad",39.93,17,{"v":678.81,"d":"679"},0,0,0,0,0,0,0,0,0,0,17,{"v":678.81,"d":"679"},115,0,"0.1","0.1",213,8505.09,594]
["OI122","TERMOMETRO INFLAROJO","Unidad",780,97,{"v":75660,"d":"75,660"},0,0,0,0,0,0,0,0,95,{"v":74100,"d":"74,100"},2,{"v":1560,"d":"1,560"},1,0,"2.0","2.0",0,0,553]
["OI340","TIRA DE LIJA POLIESTER 1X100 RITE-DENT OD","Unidad",472,2,944,0,0,0,0,0,0,0,0,2,944,0,0,0,0,"0","0",0,0,828]
["OI481","TIRA LIJA DE METAL DOBLE CARA 6 MM 1X12 OD","Unidad",423.56,2,{"v":847.12,"d":"847"},0,0,0,0,0,0,0,0,0,0,2,{"v":847.12,"d":"847"},0,0,"00","00",0,0,1030]
["OI290","TIRA LIJA METAL 6MM 1X12 MICRODONT OD CAJA","Unidad",290,1,290,0,0,0,0,0,0,0,0,0,0,1,290,0,0,"00","00",0,0,756]
["OI478","TORNIQUETES PLANOS LAB","Unidad",126.5,0,0,0,0,0,0,0,0,0,0,0,0,0,0,2,0,"0.0","0.0",4,506,1018]
["OI482","TUBO DE BONDABLE NO.6 0.22 PAQUETES OD.","Unidad",170,1,170,0,0,0,0,0,0,0,0,0,0,1,170,0,0,"00","00",0,0,1031]
["OI112","TUBO DE DRENAJE TORAXICO NO. 16","Unidad",1328.57,0,0,0,0,0,0,0,0,0,0,0,0,0,0,4,0,"0.0","0.0",8,10628.56,541]
["OI97","TUBO DE DRENAJE TORAXICO NO.28","Unidad",144.16,8,{"v":1153.28,"d":"1,153"},0,0,0,0,0,0,0,0,0,0,8,{"v":1153.28,"d":"1,153"},2,0,"4.0","4.0",0,0,528]
["OI573","TUBO DRENAJE TORAXICO NO.24","Unidad",728.58,0,0,0,0,0,0,0,0,0,0,0,0,0,0,3,0,"0.0","0.0",6,4371.48,1134]
["OI613","TUBO ENDOTRAQUEAL CON BALON 4.","Unidad",83.33,50,{"v":4166.5,"d":"4,167"},0,0,0,0,0,0,0,0,0,0,50,{"v":4166.5,"d":"4,167"},10,0,"5.0","5.0",0,0,1217]
["OI605","TUBO ENDOTRAQUEAL CON BALON3.5","Unidad",87.36,16,{"v":1397.76,"d":"1,398"},0,0,0,0,0,0,0,0,0,0,16,{"v":1397.76,"d":"1,398"},10,0,"1.6","1.6",4,349.44,1210]
["OI606","TUBO ENDOTRAQUEAL No. 2 CON BALON","Unidad",83.33,180,{"v":14999.4,"d":"14,999"},0,0,0,0,0,0,0,0,180,{"v":14999.4,"d":"14,999"},0,0,0,0,"0","0",0,0,1211]
["OI588","Tubo endotraqueal No.3.5 c/ balon","Unidad",88,26,{"v":2288,"d":"2,288"},0,0,0,0,10,880,0,0,0,0,16,{"v":1408,"d":"1,408"},10,0,"1.6","1.6",4,352,1187]
["OI438","TUBO ROTH SIMPLE C/GANP/ CEM NO.16","Unidad",625,0,0,0,0,0,0,0,0,0,0,0,0,0,0,1,0,"0.0","0.0",2,1250,978]
["ON54","TUBO TAPA ROJA","Paquete",724.97,5,{"v":3624.85,"d":"3,625"},0,0,0,0,0,0,0,0,0,0,5,{"v":3624.85,"d":"3,625"},0,0,"00","00",0,0,331]
["OI501","TURBINA PUSH BOTON, DELMA OD.","Unidad",6160,1,{"v":6160,"d":"6,160"},0,0,0,0,0,0,0,0,1,{"v":6160,"d":"6,160"},0,0,0,0,"0","0",0,0,1050]
["OI293","ULTRASONIDO UDS-A LED WOODPECKER OD CAJA","Unidad",12800,1,{"v":12800,"d":"12,800"},0,0,0,0,0,0,0,0,0,0,1,{"v":12800,"d":"12,800"},0,0,"00","00",0,0,757]
["ON55","UREA","Unidad",0,234,0,0,0,0,0,0,0,0,0,0,0,234,0,0,0,"00","00",0,0,332]
["OI240","VENDA ELASTICA 2X5 COBAN 2 PULGADA 1/100 CAJA","Unidad",81.02,20,{"v":1620.4,"d":"1,620"},0,0,0,0,0,0,0,0,0,0,20,{"v":1620.4,"d":"1,620"},52,0,"0.4","0.4",84,6805.68,682]
["OI242","VENDA KERLIX 4.5X4.1 .1/12 CAJA","Unidad",145,11,{"v":1595,"d":"1,595"},0,0,0,0,0,0,0,0,0,0,11,{"v":1595,"d":"1,595"},0,0,"00","00",0,0,684]
["OI436","VIOPEX 2.2G HIDROXIDO CALCIO CON YODOFORMO","Unidad",1650,2,{"v":3300,"d":"3,300"},0,0,0,0,0,0,0,0,0,0,2,{"v":3300,"d":"3,300"},0,0,"00","00",0,0,976]
["OI520","XILOL PAPANICOLAOU SOLUCION GALON.","Unidad",3200,1,{"v":3200,"d":"3,200"},0,0,0,0,0,0,0,0,0,0,1,{"v":3200,"d":"3,200"},0,0,"00","00",0,0,1070]
["OI384","YESO PIEDRA AMARILLO LIBRA","Unidad",130,3,390,0,0,0,0,0,0,0,0,3,390,0,0,0,0,"0","0",0,0,893]
[]
["Observaciones:",{"$nulls":15},"Firma:"]
[]
[]
[]
["Elaborado por:","ANYER PEREZ RODRIGUEZ",null,null,"Fecha:",null,{"$f":"TODAY()","v":"2025-12-05"}]

{"sheet":"Hoja1","index":1,"n_rows":708,"n_cols":26,"rows_kept":708,"merged":[[0,1,0,23],[2,19,2,23],[4,2,4,3],[4,9,4,17],[4,21,4,23],[5,2,5,3],[5,9,5,17],[5,21,5,23],[6,2,6,3],[6,9,6,17],[6,21,6,23],[8,1,9,1],[8,2,9,2],[8,3,9,3],[8,13,8,15],[8,19,9,19],[8,20,9,20],[8,21,9,21],[8,22,9,22],[8,23,9,23],[703,2,705,15],[703,19,707,23],[707,2,707,3],[707,7,707,15]]}
[null,"INFORME MENSUAL ALMACÉN (IMA)"]
[]
[{"$nulls":17},"Clasificación:",null,"REPORTE"]
[]
[null,"Est. de Salud:","HOSP HOSP INFANTIL DR. JOSE MANUEL RODRIGUEZ JIME",{"$nulls":4},"Región de Salud:",null,"Servicio Regional de Salud Metropolitano",{"$nulls":10},"Distribución Promedio:",12]
[null,"Elaborado por:","ANYER PEREZ RODRIGUEZ",{"$nulls":4},"Módulo:",null,"ALMACEN CENTRAL",{"$nulls":10},"Nivel Máximo:",2]
[null,"Mes :","NOVIEMBRE",{"$nulls":4},"Gestión:",null,2025,{"$nulls":10},"Nivel Mínimo:",1]
[]
[null,"Código","Suministro","UDE",null,"A",null,"B",null,"C",null,"C",null,"D",{"$nulls":3},"A+B-C+/-D",null,"Distribución\nPromedio","Distribución\nInsatisfecha","MED","MUD","Cantidad\nRequerida"]
[{"$nulls":5},"Saldo Inicio",null,"Entradas",null,"Consumo",null,"Distribución",null,"Ajuste (+)",null,"Ajuste (-)",null,"Saldo Final"]
[null,"10600402001","Abacavir + lamivudina, 600 + 300 mg, Comprimido oral, Frasco x 30 tabletas","Comprimido",0,37,0,52,0,0,0,89,0,0,0,0,0,0,0,76,0,"0.0","0.0",152,0,54]
[null,"11800301001","Acetato de medroxiprogesterona , 150 mg/ml, Inyectable, Vial x 1ml","Vial",0,0,0,0,0,0,0,0,0,0,0,0,0,0,0,27,0,"0.0","0.0",54,0,98]
[null,"11800101002","Acetato de megestrol, 40 mg, Suspensión oral, Frasco","Frasco",0,0,0,5,0,0,0,5,0,0,0,0,0,0,0,5,0,"0.0","0.0",10,0,1135]
[null,"12500201002","Acetilcisteina, 100 mg /ml, Inyectable, Ampolla x 3 ml","Ampolla",15.59,100,{"v":1559,"d":"1,559"},50,{"v":779.5,"d":"780"},0,0,50,{"v":779.5,"d":"780"},0,0,0,0,100,{"v":1559,"d":"1,559"},62,0,"1.6","1.6",24,374.16,383]
[null,"12500201010","Acetilcisteina, 300 mg/ml, Inyectable, Ampolla x 3 ml","Ampolla",0,0,0,0,0,0,0,0,0,0,0,0,0,0,0,91,0,"0.0","0.0",182,0,127]
[null,"10600403005","Aciclovir como sal sodica, 250 mg, Polvo para inyección, Vial","Vial",125.17,270,{"v":33795.9,"d":"33,796"},0,0,0,0,0,0,0,0,0,0,270,{"v":33795.9,"d":"33,796"},30,0,"9.0","9.0",0,0,1239]
[null,"10600403004","Aciclovir, 400 mg, Comprimido oral, Blister","Comprimido",1.71,0,0,100,171,0,0,0,0,0,0,0,0,100,171,100,0,"1.0","1.0",100,171,1346]
[null,"11200501001","Acido acetilsalicilico, 81 mg, Comprimido oral, Blister","Comprimido",0.82,500,410,0,0,0,0,100,82,0,0,1,{"v":0.82,"d":"1"},399,{"v":327.18,"d":"327"},100,0,"4.0","4.0",0,0,76]
[null,"12700001002","Acido ascorbico (vit. C), 100 mg/ml, Inyectable, Ampolla x 5 ml","Ampolla",6.49,200,{"v":1298,"d":"1,298"},100,649,0,0,0,0,0,0,0,0,300,{"v":1947,"d":"1,947"},100,0,"3.0","3.0",0,0,139]
[null,"12700001003","Acido ascorbico (vit. C), 500mg, Comprimido oral, Blister","Comprimido",1.14,100,114,0,0,0,0,0,0,0,0,0,0,100,114,100,0,"1.0","1.0",100,114,140]
[null,"11000101001","Acido folico, 5 mg, Comprimido oral, Blister","Comprimido",0.14,170,{"v":23.8,"d":"24"},0,0,0,0,170,{"v":23.8,"d":"24"},0,0,0,0,0,0,140,30,"0.0","0.0",280,39.2,64]
[null,"11000101003","Acido folico, 5 mg/mL, Jarabe, Frasco x 120 ml","Frasco",20.68,10,{"v":206.8,"d":"207"},0,0,0,0,0,0,0,0,0,0,10,{"v":206.8,"d":"207"},0,0,"00","00",0,0,1257]
[null,"11000204004","Acido tranxenamico, 500 mg, Inyectable, Vial","Vial",783.13,0,0,0,0,0,0,0,0,0,0,0,0,0,0,39,0,"0.0","0.0",78,61084.14,1186]
[null,"10500001002","Acido valproico (valproato sodico), 500 mg, Comprimido oral, Blister","Comprimido",4.59,{"v":2130,"d":"2,130"},{"v":9776.7,"d":"9,777"},480,{"v":2203.2,"d":"2,203"},0,0,240,{"v":1101.6,"d":"1,102"},0,0,0,0,{"v":2370,"d":"2,370"},{"v":10878.3,"d":"10,878"},266,0,"8.9","8.9",0,0,27]
[null,"12600302002","Agua destilada, , Solución, Galón","Galón",350,96,{"v":33600,"d":"33,600"},0,0,0,0,0,0,0,0,0,0,96,{"v":33600,"d":"33,600"},0,0,"00","00",0,0,136]
[null,"11500101001","Agua oxigenada, 0.03, Solución, Galón","Galón",210.12,10,{"v":2101.2,"d":"2,101"},2,{"v":420.24,"d":"420"},0,0,0,0,0,0,0,0,12,{"v":2521.44,"d":"2,521"},2,0,"6.0","6.0",0,0,82]
[null,"12600303001","Agua para inyectable, , Inyectable, Ampolla x 10 ml","Ampolla",2.46,{"v":5250,"d":"5,250"},{"v":12915,"d":"12,915"},{"v":1200,"d":"1,200"},{"v":2952,"d":"2,952"},0,0,{"v":1200,"d":"1,200"},{"v":2952,"d":"2,952"},0,0,0,0,{"v":5250,"d":"5,250"},{"v":12915,"d":"12,915"},954,0,"5.5","5.5",0,0,137]
[null,"12600303003","Agua para inyectable, , Inyectable, Ampolla x 5 ml","Ampolla",8.8,{"v":1500,"d":"1,500"},{"v":13200,"d":"13,200"},0,0,0,0,0,0,0,0,0,0,{"v":1500,"d":"1,500"},{"v":13200,"d":"13,200"},200,0,"7.5","7.5",0,0,138]
[null,"10600101002","Albendazol (dosis unica), 400 mg/10 ml, Suspensión oral, Frasco x 10 ml","Frasco",3.61,28,{"v":101.08,"d":"101"},0,0,0,0,0,0,0,0,0,0,28,{"v":101.08,"d":"101"},0,0,"00","00",0,0,1138]
[null,"11100101001","Albumina humana, 0.2, Inyectable, Vial 50 ml","Vial",1845.93,20,{"v":36918.6,"d":"36,919"},0,0,0,0,0,0,0,0,0,0,20,{"v":36918.6,"d":"36,919"},26,0,"0.8","0.8",32,59069.76,68]
[null,"12500104008","Albuterol sulfato, 0.63 mg/ml, Solución para inhalación, Frasco x 3 ml","Frasco",0,0,0,0,0,0,0,0,0,0,0,0,0,0,0,95,0,"0.0","0.0",190,0,451]
[null,"11500102002","Alcohol etilico, 0.95, Solución, Galón","Galón",2972,6,{"v":17832,"d":"17,832"},0,0,0,0,0,0,0,0,0,0,6,{"v":17832,"d":"17,832"},2,0,"3.0","3.0",0,0,597]
[null,"11500107002","Alcohol isopropilico, 0.7, Solución, Frasco x 1 l","Frasco",83.23,18,{"v":1498.14,"d":"1,498"},60,{"v":4993.8,"d":"4,994"},0,0,20,{"v":1664.6,"d":"1,665"},0,0,0,0,58,{"v":4827.34,"d":"4,827"},25,0,"2.3","2.3",0,0,441]
[null,"11500107001","Alcohol isopropilico, 0.7, Solución, Galón","Galón",473.84,45,{"v":21322.8,"d":"21,323"},0,0,0,0,8,{"v":3790.72,"d":"3,791"},5,{"v":2369.2,"d":"2,369"},36,{"v":17058.24,"d":"17,058"},6,{"v":2843.04,"d":"2,843"},11,0,"0.5","0.5",16,7581.44,442]
[null,"12700002001","Alendronato sodico, 70 mg, Comprimido oral, Blister","Comprimido",0.77,100,77,0,0,0,0,0,0,0,0,0,0,100,77,0,0,"00","00",0,0,1189]
[null,"10600201001","Amikacina, 500 mg, Polvo para inyección, Vial","Vial",20.84,700,{"v":14588,"d":"14,588"},50,{"v":1042,"d":"1,042"},0,0,50,{"v":1042,"d":"1,042"},0,0,50,{"v":1042,"d":"1,042"},650,{"v":13546,"d":"13,546"},50,0,"13.0","13.0",0,0,33]
[null,"12500101001","Aminofilina, 25 mg/ml, Inyectable, Ampolla x 10 ml","Ampolla",19.78,165,{"v":3263.7,"d":"3,264"},100,{"v":1978,"d":"1,978"},0,0,0,0,0,0,0,0,265,{"v":5241.7,"d":"5,242"},72,0,"3.7","3.7",0,0,119]
[null,"11200201001","Amiodarona, 200 mg, Comprimido oral, Blister","Comprimido",510.82,150,{"v":76623,"d":"76,623"},0,0,0,0,100,{"v":51082,"d":"51,082"},0,0,0,0,50,{"v":25541,"d":"25,541"},100,0,"0.5","0.5",150,76623,72]
[null,"11200201003","Amiodarona, 50 mg /ml, Inyectable, Ampolla x 3 ml","Ampolla",0,0,0,0,0,0,0,0,0,0,0,0,0,0,0,100,0,"0.0","0.0",200,0,946]
[null,"12400201001","Amitriptilina, 25 mg, Comprimido oral, Blister","Comprimido",0,500,0,0,0,0,0,0,0,0,0,0,0,500,0,100,0,"5.0","2.0",0,0,1065]
[null,"11200301001","Amlodipina, 10 mg, Comprimido oral, Blister","Comprimido",0.5,100,50,0,0,0,0,0,0,0,0,0,0,100,50,0,0,"00","00",0,0,74]
[null,"10600203003","Amoxicilina + ac. Clavulanico, 500 mg + 125 mg, Comprimido oral, Blister","Comprimido",4.65,130,{"v":604.5,"d":"605"},0,0,0,0,0,0,0,0,30,{"v":139.5,"d":"140"},100,465,200,0,"0.5","0.0",300,1395,1021]
[null,"10600202002","Amoxicilina, 250 mg/5ml, Polvo para suspensión oral, Frasco x 120 ml","Frasco",28.6,0,0,0,0,0,0,0,0,0,0,0,0,0,0,20,0,"0.0","0.0",40,1144,343]
[null,"10600204001","Ampicilina (anhidra), 1 g, Polvo para inyección, Vial","Vial",9.35,50,{"v":467.5,"d":"468"},0,0,0,0,0,0,0,0,0,0,50,{"v":467.5,"d":"468"},60,0,"0.8","0.8",70,654.5,34]
[null,"11200202003","Atenolol, 50 mg, Comprimido oral, Blister","Comprimido",0.21,100,21,0,0,0,0,0,0,0,0,0,0,100,21,100,0,"1.0","1.0",100,21,73]
[null,"12000001002","Atracurio besilato, 10 mg/ml, Inyectable, Ampolla x 2.5 ml","Ampolla",35.65,0,0,100,{"v":3565,"d":"3,565"},0,0,100,{"v":3565,"d":"3,565"},0,0,0,0,0,0,107,100,"0.0","0.0",214,7629.1,376]
[null,"10100301001","Atropina sulfato, 1 mg/ ml, Inyectable, Ampolla x 1 ml","Ampolla",11,150,{"v":1650,"d":"1,650"},100,{"v":1100,"d":"1,100"},0,0,0,0,0,0,1,11,249,{"v":2739,"d":"2,739"},100,0,"2.5","2.5",0,0,6]
[null,"10600205002","Azitromicina anhidra, 500 mg, Cápsula oral, Blister","Cápsula",7.44,900,{"v":6696,"d":"6,696"},0,0,0,0,0,0,0,0,0,0,900,{"v":6696,"d":"6,696"},520,0,"1.7","1.7",140,1041.6,36]
[null,"10600205001","Azitromicina, 200 mg/5ml, Polvo para suspensión oral, Frasco x 30 ml","Frasco",31.54,353,{"v":11133.62,"d":"11,134"},0,0,0,0,0,0,0,0,118,{"v":3721.72,"d":"3,722"},235,{"v":7411.9,"d":"7,412"},9,0,"26.1","16.8",0,0,35]
[null,"12600201004","Bicarbonato sodico   , 0.1, Inyectable, Ampolla x 10 ml","Ampolla",24.08,38,{"v":915.04,"d":"915"},0,0,0,0,0,0,0,0,0,0,38,{"v":915.04,"d":"915"},50,0,"0.8","0.8",62,1492.96,481]
[null,"12600201005","Bicarbonato sodico   , 100 mg/ml, Inyectable, Ampolla x 10 ml","Ampolla",0,250,0,0,0,0,0,0,0,0,0,0,0,250,0,0,0,"00","00",0,0,482]
[null,"11200101001","Bisoprolol, 2.5 mg, Comprimido oral, Blister","Comprimido",0,0,0,0,0,0,0,0,0,0,0,0,0,0,0,100,0,"0.0","0.0",200,0,1162]
[null,"11200101002","Bisoprolol, 5 mg, Comprimido oral, Blister","Comprimido",1.98,0,0,0,0,0,0,0,0,0,0,0,0,0,0,100,0,"0.0","0.0",200,396,358]
[null,"12500103002","Bromuro de ipratropio, 0.9 mg/ 3 ml, Solución para inhalación, Frasco","Frasco",19.18,{"v":1500,"d":"1,500"},{"v":28770,"d":"28,770"},{"v":1200,"d":"1,200"},{"v":23016,"d":"23,016"},0,0,0,0,0,0,0,0,{"v":2700,"d":"2,700"},{"v":51786,"d":"51,786"},461,0,"5.9","5.9",0,0,120]
[null,"12500103003","Bromuro de ipratropio, 20 mcg, Solución para inhalación, Frasco x 20 ml","Frasco",477.79,0,0,0,0,0,0,0,0,0,0,0,0,0,0,11,0,"0.0","0.0",22,10511.38,486]
[null,"12800002001","Budesonida, 100 mcg , Spray nasal, Frasco","Frasco",533.5,5,{"v":2667.5,"d":"2,668"},0,0,0,0,0,0,0,0,0,0,5,{"v":2667.5,"d":"2,668"},15,0,"0.3","0.3",25,13337.5,485]
[null,"10100203001","Bupivacaina clorhidrato + glucosa, 0.5% +8.5%, Inyectable, Vial x 4 ml","Vial",22.99,340,{"v":7816.6,"d":"7,817"},0,0,0,0,0,0,0,0,40,{"v":919.6,"d":"920"},300,{"v":6897,"d":"6,897"},0,0,"00","00",0,0,3]
[null,"10100202003","Bupivacaina clorhidrato, 0.005, Inyectable, Ampolla x 20 ml","Ampolla",212.68,50,{"v":10634,"d":"10,634"},50,{"v":10634,"d":"10,634"},0,0,0,0,0,0,0,0,100,{"v":21268,"d":"21,268"},27,0,"3.7","3.7",0,0,2]
[null,"11200106006","Candesartan, 16 mg, Comprimido oral, Blister","Comprimido",2.35,500,{"v":1175,"d":"1,175"},0,0,0,0,0,0,0,0,0,0,500,{"v":1175,"d":"1,175"},100,0,"5.0","5.0",0,0,1163]
[null,"11200106007","Candesartan, 32 mg, Comprimido oral, Blister","Comprimido",5.04,100,504,0,0,0,0,0,0,0,0,0,0,100,504,100,0,"1.0","1.0",100,504,1160]
[null,"11200303001","Captoprilo, 25 mg, Comprimido oral sublingual, Blister","Comprimido",63.14,200,{"v":12628,"d":"12,628"},0,0,0,0,0,0,0,0,0,0,200,{"v":12628,"d":"12,628"},100,0,"2.0","2.0",0,0,1169]
[null,"11200303002","Captoprilo, 50 mg, Comprimido oral, Blister","Comprimido",1.59,200,318,0,0,0,0,0,0,0,0,200,318,0,0,0,0,"0","0",0,0,443]
[null,"10500002002","Carbamazepina, 200 mg, Comprimido oral, Blister","Comprimido",1.44,{"v":2700,"d":"2,700"},{"v":3888,"d":"3,888"},0,0,0,0,0,0,0,0,0,0,{"v":2700,"d":"2,700"},{"v":3888,"d":"3,888"},0,0,"00","00",0,0,29]
[null,"10400101001","Carbon activado, , Polvo, Frasco x 50 g","Frasco",3485,8,{"v":27880,"d":"27,880"},2,{"v":6970,"d":"6,970"},0,0,0,0,0,0,0,0,10,{"v":34850,"d":"34,850"},4,0,"2.5","2.5",0,0,1259]
[null,"12400202001","Carbonato de litio, 300 mg, Comprimido oral, Blister","Comprimido",5.1,400,{"v":2040,"d":"2,040"},0,0,0,0,100,510,0,0,0,0,300,{"v":1530,"d":"1,530"},150,0,"2.0","2.0",0,0,118]
[null,"11200102001","Carvedilol, 12.5 mg, Comprimido oral, Blister","Comprimido",0.9,100,90,0,0,0,0,0,0,0,0,100,90,0,0,100,0,"0.0","0.0",200,180,1079]
[null,"11200102003","Carvedilol, 6.25 mg, Comprimido oral, Blister","Comprimido",0.66,0,0,0,0,0,0,0,0,0,0,0,0,0,0,100,0,"0.0","0.0",200,132,1260]
[null,"10600207002","Cefalexina anhidra, 250 mg/5ml, Polvo para suspensión oral, Frasco x 120 ml","Frasco",62.7,18,{"v":1128.6,"d":"1,129"},0,0,0,0,0,0,0,0,0,0,18,{"v":1128.6,"d":"1,129"},10,0,"1.8","1.8",2,125.4,1201]
[null,"10600207003","Cefalexina monohidrato, 500 mg, Cápsula oral, Blister","Cápsula",2.39,0,0,0,0,0,0,0,0,0,0,0,0,0,0,133,100,"0.0","0.0",266,635.74,1261]
[null,"10600208004","Cefazolina, 1 g, Polvo para inyección, Vial","Vial",26.96,400,{"v":10784,"d":"10,784"},100,{"v":2696,"d":"2,696"},0,0,0,0,0,0,0,0,500,{"v":13480,"d":"13,480"},74,0,"6.8","6.8",0,0,1097]
[null,"10600209001","Cefepima, 1 g, Polvo para inyección, Vial","Vial",53.45,15,{"v":801.75,"d":"802"},0,0,0,0,15,{"v":801.75,"d":"802"},0,0,0,0,0,0,39,85,"0.0","0.0",78,4169.1,37]
[null,"10600210001","Cefotaxima sodica, 1 g, Polvo para inyección, Vial","Vial",18.22,850,{"v":15487,"d":"15,487"},100,{"v":1822,"d":"1,822"},0,0,100,{"v":1822,"d":"1,822"},0,0,0,0,850,{"v":15487,"d":"15,487"},63,0,"13.5","13.5",0,0,38]
[null,"10600212001","Ceftriaxona como sal sodica, 1 g, Polvo para inyección, Vial","Vial",21.88,950,{"v":20786,"d":"20,786"},300,{"v":6564,"d":"6,564"},0,0,100,{"v":2188,"d":"2,188"},0,0,0,0,{"v":1150,"d":"1,150"},{"v":25162,"d":"25,162"},271,0,"4.2","4.2",0,0,39]
[null,"10300101001","Cetirizina, 10 mg, Comprimido oral, Blister","Comprimido",0.55,0,0,0,0,0,0,0,0,0,0,0,0,0,0,100,0,"0.0","0.0",200,110,1165]
[null,"10300101002","Cetirizina, 5  mg/5ml, Jarabe, Frasco x 60 ml","Frasco",22,8,176,0,0,0,0,0,0,0,0,0,0,8,176,2,0,"4.0","4.0",0,0,1167]
[null,"10600214001","Ciprofloxacina, 2 mg/ml, Inyectable, Vial x 100 ml","Vial",24.87,64,{"v":1591.68,"d":"1,592"},0,0,0,0,0,0,0,0,0,0,64,{"v":1591.68,"d":"1,592"},15,0,"4.3","4.3",0,0,40]
[null,"12400104008","Citicolina, 500 mg, Tableta, Blister","Tableta",12.79,300,{"v":3837,"d":"3,837"},0,0,0,0,0,0,0,0,0,0,300,{"v":3837,"d":"3,837"},100,0,"3.0","3.0",0,0,111]
[null,"10600215001","Claritromicina, 250 mg/5ml, Suspensión oral, Frasco x 60 ml","Frasco",195.36,50,{"v":9768,"d":"9,768"},0,0,0,0,20,{"v":3907.2,"d":"3,907"},0,0,0,0,30,{"v":5860.8,"d":"5,861"},23,0,"1.3","1.3",16,3125.76,1080]
[null,"10600216003","Clindamicina, 150 mg/ml, Inyectable, Ampolla x 4 ml","Ampolla",296.06,300,{"v":88818,"d":"88,818"},300,{"v":88818,"d":"88,818"},0,0,100,{"v":29606,"d":"29,606"},0,0,0,0,500,{"v":148030,"d":"148,030"},121,0,"4.1","4.1",0,0,344]
[null,"11200502001","Clopidogrel bisulfato, 75 mg, Comprimido oral, Blister","Comprimido",1.16,{"v":1300,"d":"1,300"},{"v":1508,"d":"1,508"},0,0,0,0,0,0,0,0,0,0,{"v":1300,"d":"1,300"},{"v":1508,"d":"1,508"},125,0,"10.4","10.4",0,0,77]
[null,"10600218004","Cloranfenicol succinato sodico, 1 g, Polvo para inyección, Vial","Vial",49.5,0,0,0,0,0,0,0,0,0,0,0,0,0,0,100,0,"0.0","0.0",200,9900,1304]
[null,"11500104005","Clorhexidina digluconato, 0.04, Solución tópica, Frasco","Frasco",493.9,6,{"v":2963.4,"d":"2,963"},0,0,0,0,0,0,0,0,0,0,6,{"v":2963.4,"d":"2,963"},0,0,"00","00",0,0,85]
[null,"11500104003","Clorhexidina gluconato , 0.05, Solución tópica, Galón","Galón",603.9,0,0,4,{"v":2415.6,"d":"2,416"},0,0,0,0,0,0,0,0,4,{"v":2415.6,"d":"2,416"},2,0,"2.0","2.0",0,0,84]
[null,"12400101001","Clorpromazina, 100 mg, Comprimido oral, Blister","Comprimido",1.1,200,220,0,0,0,0,0,0,0,0,0,0,200,220,0,0,"00","00",0,0,104]
[null,"12400101004","Clorpromazina, 25 mg /ml, Inyectable, Ampolla x 2 ml","Ampolla",28.68,0,0,300,{"v":8604,"d":"8,604"},0,0,0,0,0,0,0,0,300,{"v":8604,"d":"8,604"},125,0,"2.4","2.4",0,0,378]
[null,"12400101006","Clorpromazina, 50 mg /ml, Inyectable, Ampolla x 2 ml","Ampolla",30,0,0,0,0,0,0,0,0,0,0,0,0,0,0,117,0,"0.0","0.0",234,7020,685]
[null,"12600202001","Cloruro potasico, 0.2, Inyectable, Ampolla x 10 ml","Ampolla",15.04,550,{"v":8272,"d":"8,272"},0,0,0,0,50,752,0,0,0,0,500,{"v":7520,"d":"7,520"},56,0,"8.9","8.9",0,0,130]
[null,"12600203001","Cloruro sodico, 0.9%, Inyectable, Frasco x 1 l","Frasco",66.45,446,{"v":29636.7,"d":"29,637"},0,0,0,0,60,{"v":3987,"d":"3,987"},0,0,0,0,386,{"v":25649.7,"d":"25,650"},143,0,"2.7","2.7",0,0,131]
[null,"12600203003","Cloruro sodico, 0.9%, Inyectable, Frasco x 100 ml","Frasco",25.88,476,{"v":12318.88,"d":"12,319"},0,0,0,0,250,{"v":6470,"d":"6,470"},0,0,0,0,226,{"v":5848.88,"d":"5,849"},348,0,"0.6","0.6",470,12163.6,133]
[null,"12600203002","Cloruro sodico, 0.9%, Inyectable, Frasco x 500 ml","Frasco",58.29,331,{"v":19293.99,"d":"19,294"},0,0,0,0,74,{"v":4313.46,"d":"4,313"},0,0,0,0,257,{"v":14980.53,"d":"14,981"},117,0,"2.2","2.2",0,0,132]
[null,"12400102001","Clozapina, 100 mg, Comprimido oral, Blister","Comprimido",3.44,300,{"v":1032,"d":"1,032"},300,{"v":1032,"d":"1,032"},0,0,100,344,0,0,0,0,500,{"v":1720,"d":"1,720"},100,0,"5.0","5.0",0,0,107]
[null,"12400102002","Clozapina, 25 mg, Comprimido oral, Blister","Comprimido",3.14,0,0,0,0,0,0,0,0,0,0,0,0,0,0,100,0,"0.0","0.0",200,628,108]
[null,"12700020002","Complejo b , (VIT.B1 100 mg, B2 10 mg,  B6 10mg, nicotinamida 100 mg)/ml, Inyectable, Vial x 10ml","Vial",54.18,172,{"v":9318.96,"d":"9,319"},0,0,0,0,0,0,0,0,0,0,172,{"v":9318.96,"d":"9,319"},44,0,"3.9","3.9",0,0,433]
[null,"10300202003","Dexametasona fosfato, 4 mg/ml, Inyectable, Ampolla x 1 ml","Ampolla",19.8,{"v":2300,"d":"2,300"},{"v":45540,"d":"45,540"},0,0,0,0,200,{"v":3960,"d":"3,960"},0,0,0,0,{"v":2100,"d":"2,100"},{"v":41580,"d":"41,580"},167,0,"12.6","12.6",0,0,1317]
[null,"10300202004","Dexametasona fosfato, 4 mg/ml, Inyectable, Ampolla x 2ml","Ampolla",6.28,100,628,800,{"v":5024,"d":"5,024"},0,0,0,0,0,0,0,0,900,{"v":5652,"d":"5,652"},211,0,"4.3","4.3",0,0,341]
[null,"10300202001","Dexametasona, 4 mg, Comprimido oral, Blister","Comprimido",0.55,100,55,0,0,0,0,0,0,0,0,100,55,0,0,0,0,"0","0",0,0,1264]
[null,"12600204001","Dextrosa (glucosa), 0.05, Inyectable, Frasco x 1 l","Frasco",76.04,532,{"v":40453.28,"d":"40,453"},0,0,0,0,0,0,0,0,0,0,532,{"v":40453.28,"d":"40,453"},21,0,"25.3","22.6",0,0,384]
[null,"12600204006","Dextrosa (glucosa), 0.5, Inyectable, Frasco x 500 ml","Frasco",77.91,104,{"v":8102.64,"d":"8,103"},0,0,0,0,0,0,0,0,0,0,104,{"v":8102.64,"d":"8,103"},32,0,"3.3","3.3",0,0,1083]
[null,"12600204005","Dextrosa (glucosa), 0.5, Inyectable, Vial 20 ml","Vial",16.92,450,{"v":7614,"d":"7,614"},0,0,0,0,0,0,0,0,0,0,450,{"v":7614,"d":"7,614"},88,0,"5.1","5.1",0,0,134]
[null,"12600205001","Dextrosa + cloruro sodico, 5% + 0.33%, Inyectable, Frasco x 1 l","Frasco",83.42,444,{"v":37038.48,"d":"37,038"},0,0,0,0,456,{"v":38039.52,"d":"38,040"},48,{"v":4004.16,"d":"4,004"},0,0,36,{"v":3003.12,"d":"3,003"},348,0,"0.1","0.1",660,55057.2,440]
[null,"12600205002","Dextrosa + cloruro sodico, 5% + 0.33%, Inyectable, Frasco x 500 ml","Frasco",89.42,173,{"v":15469.66,"d":"15,470"},0,0,0,0,0,0,0,0,0,0,173,{"v":15469.66,"d":"15,470"},206,0,"0.8","0.8",239,21371.38,135]
[null,"12600205003","Dextrosa + cloruro sodico, 5% + 0.9%, Inyectable, Frasco x 1 l","Frasco",55.87,276,{"v":15420.12,"d":"15,420"},0,0,0,0,0,0,0,0,0,0,276,{"v":15420.12,"d":"15,420"},36,0,"7.7","7.7",0,0,385]
[null,"11500203001","Dialdehido solucion, , Solución, Galón","Galón",794.2,0,0,0,0,0,0,0,0,0,0,0,0,0,0,2,0,"0.0","0.0",4,3176.8,550]
[null,"12400302001","Diazepam, 10 mg, Comprimido oral, Blister","Comprimido",3.43,0,0,300,{"v":1029,"d":"1,029"},0,0,200,686,0,0,0,0,100,343,300,0,"0.3","0.3",500,1715,1142]
[null,"12400302003","Diazepam, 5 mg/ml, Inyectable, Ampolla x 2 ml","Ampolla",18.92,0,0,900,{"v":17028,"d":"17,028"},0,0,600,{"v":11352,"d":"11,352"},0,0,0,0,300,{"v":5676,"d":"5,676"},400,0,"0.8","0.8",500,9460,382]
[null,"10200102002","Diclofenaco sodico, 12.5 mg, Supositorio, Blister","Supositorio",6.5,300,{"v":1950,"d":"1,950"},200,{"v":1300,"d":"1,300"},0,0,200,{"v":1300,"d":"1,300"},0,0,0,0,300,{"v":1950,"d":"1,950"},140,0,"2.1","2.1",0,0,9]
[null,"10200102008","Diclofenaco sodico, 25 mg /ml, Inyectable, Ampolla x 3 ml","Ampolla",1.68,951,{"v":1597.68,"d":"1,598"},500,840,0,0,800,{"v":1344,"d":"1,344"},0,0,0,0,651,{"v":1093.68,"d":"1,094"},787,0,"0.8","0.8",923,1550.64,10]
[null,"10600220003","Dicloxacilina, 500 mg, Polvo para inyección, Vial","Vial",87.36,0,0,0,0,0,0,0,0,0,0,0,0,0,0,20,0,"0.0","0.0",40,3494.4,42]
[null,"10300102001","Difenhidramina, 10 mg/ml, Inyectable, Ampolla x 1 ml","Ampolla",8.09,300,{"v":2427,"d":"2,427"},500,{"v":4045,"d":"4,045"},0,0,300,{"v":2427,"d":"2,427"},0,0,0,0,500,{"v":4045,"d":"4,045"},375,0,"1.3","1.3",250,2022.5,21]
[null,"10300102002","Difenhidramina, 12.5 mg/5ml, Jarabe, Frasco x 120 ml","Frasco",10.52,98,{"v":1030.96,"d":"1,031"},0,0,0,0,0,0,0,0,0,0,98,{"v":1030.96,"d":"1,031"},10,0,"9.8","9.8",0,0,340]
[null,"10300102004","Difenhidramina, 25 mg, Comprimido oral, Blister","Comprimido",0.34,{"v":3400,"d":"3,400"},{"v":1156,"d":"1,156"},0,0,0,0,0,0,0,0,0,0,{"v":3400,"d":"3,400"},{"v":1156,"d":"1,156"},267,0,"12.7","9.8",0,0,22]
[null,"11200401001","Digoxina, 0.25 mg/ml, Inyectable, Ampolla x 2 ml","Ampolla",18.93,680,{"v":12872.4,"d":"12,872"},0,0,0,0,0,0,0,0,0,0,680,{"v":12872.4,"d":"12,872"},65,0,"10.5","10.5",0,0,75]
[null,"11200401002","Digoxina, 250 mcg, Comprimido oral, Blister","Comprimido",0.88,0,0,0,0,0,0,0,0,0,0,0,0,0,0,100,0,"0.0","0.0",200,176,1254]
[null,"11700201005","Dimenhidrinato, 50 mg, Inyectable, Ampolla x 1 ml","Ampolla",4.68,600,{"v":2808,"d":"2,808"},600,{"v":2808,"d":"2,808"},0,0,100,468,0,0,0,0,{"v":1100,"d":"1,100"},{"v":5148,"d":"5,148"},181,0,"6.1","6.1",0,0,94]
[null,"11800401001","Dispositivo intrauterino que contiene cobre, , , Unidad","Sobre",0,0,0,0,0,0,0,0,0,0,0,0,0,0,0,6,0,"0.0","0.0",12,0,371]
[null,"11200402002","Dobutamina clorhidrato, 12.5 mg/ml, Inyectable, Vial x 20 ml","Vial",0,0,0,0,0,0,0,0,0,0,0,0,0,0,0,40,0,"0.0","0.0",80,0,717]
[null,"10600414003","Dolutegravir, 50 mg, Comprimido oral, Frasco","Comprimido",0,10,0,20,0,0,0,30,0,0,0,0,0,0,0,118,0,"0.0","0.0",236,0,58]
[null,"11200403001","Dopamina clorhidrato, 40 mg/ml, Inyectable, Ampolla x 5 ml","Ampolla",19.2,200,{"v":3840,"d":"3,840"},0,0,0,0,0,0,0,0,0,0,200,{"v":3840,"d":"3,840"},63,0,"3.2","3.2",0,0,363]
[null,"12700022003","Efedrina sulfato, 60 mg/ml, Inyectable, Ampolla  x 1ml","Ampolla",26.4,0,0,0,0,0,0,0,0,0,0,0,0,0,0,105,0,"0.0","0.0",210,5544,387]
[null,"11200304001","Enalapril maleato, 10 mg, Comprimido oral, Blister","Comprimido",0.31,100,31,0,0,0,0,100,31,0,0,0,0,0,0,100,0,"0.0","0.0",200,62,360]
[null,"11200304002","Enalapril maleato, 20 mg, Comprimido oral, Blister","Comprimido",0.56,{"v":2400,"d":"2,400"},{"v":1344,"d":"1,344"},0,0,0,0,200,112,0,0,0,0,{"v":2200,"d":"2,200"},{"v":1232,"d":"1,232"},200,0,"11.0","11.0",0,0,361]
[null,"11000202001","Enoxaparina, 20 mg /0.2 ml, Inyectable, Jeringa precargada","Jeringa precargada",117.78,91,{"v":10717.98,"d":"10,718"},0,0,0,0,0,0,0,0,0,0,91,{"v":10717.98,"d":"10,718"},43,0,"2.1","2.1",0,0,66]
[null,"11000202002","Enoxaparina, 40 mg /0.2 ml, Inyectable, Jeringa precargada","Jeringa precargada",216.7,40,{"v":8668,"d":"8,668"},0,0,0,0,0,0,0,0,30,{"v":6501,"d":"6,501"},10,{"v":2167,"d":"2,167"},17,0,"0.6","0.6",24,5200.8,431]
[null,"10300204001","Epinefrina (adrenalina), 1 mg/mL, Inyectable, Ampolla x 1 ml","Ampolla",18.92,300,{"v":5676,"d":"5,676"},100,{"v":1892,"d":"1,892"},0,0,0,0,0,0,0,0,400,{"v":7568,"d":"7,568"},153,0,"2.6","2.6",0,0,342]
[null,"11000102001","Eritropoyetina, 4000 UI / ml, Inyectable, Ampolla x1 ml","Ampolla",292.48,100,{"v":29248,"d":"29,248"},0,0,0,0,0,0,0,0,0,0,100,{"v":29248,"d":"29,248"},23,0,"4.3","4.3",0,0,778]
[null,"11800303001","Etinilestradiol + levonorgestrel, 30 mcg + 150 mcg, Comprimido oral, Blister","Comprimido",0,0,0,120,0,0,0,120,0,0,0,0,0,0,0,73,0,"0.0","0.0",146,0,370]
[null,"11800601001","Etonogestrel, 68 mg, Implante, Unidad","Caja",0,0,0,0,0,0,0,0,0,0,0,0,0,0,0,3,0,"0.0","0.0",6,0,100]
[null,"10500003004","Fenitoina sodica, 50 mg/ml, Inyectable, Vial x 5 ml","Vial",30.83,200,{"v":6166,"d":"6,166"},0,0,0,0,0,0,0,0,0,0,200,{"v":6166,"d":"6,166"},83,0,"2.4","2.4",0,0,30]
[null,"10200202001","Fentanilo, 0.1  mg / 2ml, Inyectable, Ampolla x 2 ml","Ampolla",27.92,0,0,300,{"v":8376,"d":"8,376"},0,0,200,{"v":5584,"d":"5,584"},0,0,0,0,100,{"v":2792,"d":"2,792"},125,0,"0.8","0.8",150,4188,461]
[null,"10200202002","Fentanilo, 0.5  mg / 10ml, Inyectable, Ampolla x 10ml","Ampolla",59.37,0,0,450,{"v":26716.5,"d":"26,717"},0,0,300,{"v":17811,"d":"17,811"},0,0,0,0,150,{"v":8905.5,"d":"8,906"},200,0,"0.8","0.8",250,14842.5,639]
[null,"10400204004","Fitomenadiona (vit.k), 10 mg/ml, Inyectable, Ampolla x 5 ml","Ampolla",13.53,200,{"v":2706,"d":"2,706"},100,{"v":1353,"d":"1,353"},0,0,0,0,0,0,0,0,300,{"v":4059,"d":"4,059"},100,0,"3.0","3.0",0,0,26]
[null,"10600302001","Fluconazol, 150 mg, Cápsula oral, Blister","Cápsula",4.16,369,{"v":1535.04,"d":"1,535"},0,0,0,0,0,0,0,0,0,0,369,{"v":1535.04,"d":"1,535"},86,0,"4.3","4.3",0,0,52]
[null,"10600302002","Fluconazol, 2 mg/mL, Inyectable, Vial x 100 ml","Vial",44.27,37,{"v":1637.99,"d":"1,638"},0,0,0,0,0,0,0,0,0,0,37,{"v":1637.99,"d":"1,638"},18,0,"2.1","2.1",0,0,53]
[null,"12400103001","Flufenazina decanoato, 25 mg/ml, Inyectable, Ampolla x 1 ml","Ampolla",682,{"v":1809,"d":"1,809"},{"v":1233738,"d":"1,233,738"},0,0,0,0,0,0,0,0,75,{"v":51150,"d":"51,150"},{"v":1734,"d":"1,734"},{"v":1182588,"d":"1,182,588"},200,200,"8.7","0.0",0,0,109]
[null,"10400205005","Flumazenilo, 1 mg, Inyectable, Ampolla x 10 ml","Ampolla",665.5,45,{"v":29947.5,"d":"29,948"},0,0,0,0,0,0,0,0,35,{"v":23292.5,"d":"23,293"},10,{"v":6655,"d":"6,655"},25,0,"0.4","0.4",40,26620,947]
[null,"12400203001","Fluoxetina, 20 mg, Comprimido oral, Blister","Comprimido",0.77,0,0,200,154,0,0,0,0,0,0,0,0,200,154,500,0,"0.4","0.4",800,616,381]
[null,"10600225001","Fosfomicina, 1 g, Polvo para inyección, Vial","Vial",132,100,{"v":13200,"d":"13,200"},0,0,0,0,0,0,0,0,0,0,100,{"v":13200,"d":"13,200"},45,0,"2.2","1.0",0,0,782]
[null,"11600005001","Furosemida, 10 mg/ml, Inyectable, Ampolla x 2 ml","Ampolla",2.15,500,{"v":1075,"d":"1,075"},100,215,0,0,0,0,0,0,0,0,600,{"v":1290,"d":"1,290"},134,0,"4.5","4.5",0,0,366]
[null,"11600005002","Furosemida, 40 mg, Comprimido oral, Blister","Comprimido",0.42,600,252,0,0,0,0,0,0,0,0,0,0,600,252,0,0,"00","00",0,0,90]
[null,"10600226003","Gentamicina sulfato, 40 mg/ml, Inyectable, Ampolla x 2 ml","Ampolla",4.74,300,{"v":1422,"d":"1,422"},100,474,0,0,0,0,0,0,300,{"v":1422,"d":"1,422"},100,474,100,0,"1.0","1.0",100,474,43]
[null,"10600226004","Gentamicina sulfato, 80 mg/ml, Inyectable, Vial x 2 ml","Vial",2.29,900,{"v":2061,"d":"2,061"},0,0,0,0,0,0,0,0,900,{"v":2061,"d":"2,061"},0,0,100,0,"0.0","0.0",200,458,783]
[null,"12600206001","Gluconato de calcio, 100 mg/ml, Inyectable, Ampolla x 10 ml","Ampolla",28.82,100,{"v":2882,"d":"2,882"},0,0,0,0,0,0,0,0,0,0,100,{"v":2882,"d":"2,882"},100,0,"1.0","1.0",100,2882,554]
[null,"11500204001","Glutaraldehido, 0.02, Solución, Galón","Galón",1787.47,19,{"v":33961.93,"d":"33,962"},0,0,0,0,1,{"v":1787.47,"d":"1,787"},0,0,0,0,18,{"v":32174.46,"d":"32,174"},2,0,"9.0","9.0",0,0,365]
[null,"12400104005","Haloperidol, 5 mg/ml, Inyectable, Ampolla x 1 ml","Ampolla",110.2,0,0,0,0,0,0,0,0,0,0,0,0,0,0,129,0,"0.0","0.0",258,28431.6,432]
[null,"12400104006","Haloperidol, 5 mg/ml, Inyectable, Ampolla x 2 ml","Ampolla",13.73,0,0,0,0,0,0,0,0,0,0,0,0,0,0,100,0,"0.0","0.0",200,2746,110]
[null,"11000204005","Heparina soldica, 25000 UI/ ml, Inyectable, Vial  5 ml","Vial",0,0,0,0,0,0,0,0,0,0,0,0,0,0,0,20,0,"0.0","0.0",40,0,67]
[null,"11000204001","Heparina soldica, 5000 UI/ ml, Inyectable, Vial  1 ml","Vial",156.59,65,{"v":10178.35,"d":"10,178"},0,0,0,0,0,0,0,0,0,0,65,{"v":10178.35,"d":"10,178"},18,0,"3.6","3.6",0,0,357]
[null,"11600006002","Hidroclorotiazida, 50 mg, Comprimido oral, Blister","Comprimido",0.79,200,158,0,0,0,0,0,0,0,0,0,0,200,158,0,0,"00","00",0,0,1161]
[null,"10300205001","Hidrocortisona sucinato sodico, 100 mg, Polvo para inyección, Vial","Vial",14.61,{"v":1700,"d":"1,700"},{"v":24837,"d":"24,837"},{"v":2000,"d":"2,000"},{"v":29220,"d":"29,220"},0,0,200,{"v":2922,"d":"2,922"},0,0,0,0,{"v":3500,"d":"3,500"},{"v":51135,"d":"51,135"},741,0,"4.7","4.7",0,0,25]
[null,"11100103001","Hierro dextrano, 50 mg / ml, Inyectable, Ampolla x 2 ml","Ampolla",16.16,100,{"v":1616,"d":"1,616"},0,0,0,0,0,0,0,0,0,0,100,{"v":1616,"d":"1,616"},0,0,"00","00",0,0,765]
[null,"11100105001","Hierro sacarosa, 100 mg/5 ml, Inyectable, Ampolla x 5 ml","Ampolla",0,0,0,0,0,0,0,0,0,0,0,0,0,0,0,100,0,"0.0","0.0",200,0,936]
[null,"11700501001","Hioscina butilbromuro, 20 mg/ml, Inyectable, Ampolla x 1 ml","Ampolla",37.07,400,{"v":14828,"d":"14,828"},0,0,0,0,0,0,0,0,0,0,400,{"v":14828,"d":"14,828"},50,0,"8.0","8.0",0,0,95]
[null,"10200103004","Ibuprofeno, 400 mg, Comprimido oral, Blister","Comprimido",1.1,0,0,0,0,0,0,0,0,0,0,0,0,0,0,133,0,"0.0","0.0",266,292.6,12]
[null,"10200103005","Ibuprofeno, 600 mg, Comprimido oral, Blister","Comprimido",0.6,100,60,0,0,0,0,0,0,0,0,0,0,100,60,60,0,"1.7","1.7",20,12,1200]
[null,"10600246001","Imipenem + cilastatina, 500 mg + 500 mg, Polvo para inyección, Vial","Vial",156.04,180,{"v":28087.2,"d":"28,087"},0,0,0,0,0,0,0,0,0,0,180,{"v":28087.2,"d":"28,087"},25,0,"7.2","7.2",0,0,348]
[null,"11900206001","Inmunoglobulina tetánica, 250 UI, Inyectable, Vial","Vial",728.75,60,{"v":43725,"d":"43,725"},60,{"v":43725,"d":"43,725"},0,0,120,{"v":87450,"d":"87,450"},0,0,0,0,0,0,59,0,"0.0","0.0",118,85992.5,375]
[null,"11800802001","Insulina intermedia nph , 100 UI/ml, Inyectable, Vial x 10 ml","Vial",198.35,20,{"v":3967,"d":"3,967"},0,0,0,0,0,0,0,0,0,0,20,{"v":3967,"d":"3,967"},10,0,"2.0","2.0",0,0,372]
[null,"11800802003","Insulina mixta 70 / 30 humana, 100 UI/ml, Inyectable, Vial x 10 ml","Vial",189.82,60,{"v":11389.2,"d":"11,389"},0,0,0,0,0,0,0,0,0,0,60,{"v":11389.2,"d":"11,389"},30,0,"2.0","2.0",0,0,373]
[null,"11800802004","Insulina regular (cristalina), 100 UI/ml, Inyectable, Vial x 10 ml","Vial",240.9,10,{"v":2409,"d":"2,409"},0,0,0,0,0,0,0,0,0,0,10,{"v":2409,"d":"2,409"},0,0,"00","00",0,0,374]
[null,"10100104001","Ketamina, 50 mg /ml, Inyectable, Vial x 10 ml","Vial",60.5,0,0,600,{"v":36300,"d":"36,300"},0,0,400,{"v":24200,"d":"24,200"},0,0,0,0,200,{"v":12100,"d":"12,100"},145,0,"1.4","1.4",90,5445,337]
[null,"10200104002","Ketorolaco trometamol, 30 mg / ml, Inyectable, Ampolla x 1 ml","Ampolla",8.71,250,{"v":2177.5,"d":"2,178"},300,{"v":2613,"d":"2,613"},0,0,0,0,0,0,0,0,550,{"v":4790.5,"d":"4,791"},143,0,"3.8","3.8",0,0,14]
[null,"10200104001","Ketorolaco trometamol, 30 mg / ml, Inyectable, Ampolla x 2 ml","Ampolla",29.7,200,{"v":5940,"d":"5,940"},300,{"v":8910,"d":"8,910"},0,0,0,0,0,0,0,0,500,{"v":14850,"d":"14,850"},100,0,"5.0","5.0",0,0,13]
[null,"11200305005","Labetalol clorhidrato, 5 mg / ml, Inyectable, Ampolla","Ampolla",483.5,70,{"v":33845,"d":"33,845"},0,0,0,0,0,0,0,0,0,0,70,{"v":33845,"d":"33,845"},13,0,"5.4","4.0",0,0,824]
[null,"12600207001","Lactato de ringer (hartmann), , Inyectable, Frasco x 1000 ml","Frasco",67.52,252,{"v":17015.04,"d":"17,015"},0,0,0,0,240,{"v":16204.8,"d":"16,205"},0,0,0,0,12,{"v":810.24,"d":"810"},440,204,"0.0","0.0",868,58607.36,386]
[null,"12600207002","Lactato de ringer (hartmann), , Inyectable, Frasco x 500 ml","Frasco",37.93,2,{"v":75.86,"d":"76"},0,0,0,0,0,0,0,0,0,0,2,{"v":75.86,"d":"76"},80,48,"0.0","0.0",158,5992.94,959]
[null,"10600229001","Levofloxacina, 5 mg/ml, Inyectable, Vial x 100 ml","Vial",24.6,0,0,50,{"v":1230,"d":"1,230"},0,0,0,0,0,0,0,0,50,{"v":1230,"d":"1,230"},15,0,"3.3","3.3",0,0,459]
[null,"10600229002","Levofloxacina, 500 mg, Comprimido oral, Blister","Comprimido",13.97,60,{"v":838.2,"d":"838"},0,0,0,0,0,0,0,0,0,0,60,{"v":838.2,"d":"838"},0,0,"00","00",0,0,690]
[null,"11800305002","Levonorgestrel, 30 mcg, Comprimido oral, Blister","Comprimido",0,0,0,0,0,0,0,0,0,0,0,0,0,0,0,27,0,"0.0","0.0",54,0,99]
[null,"11800305003","Levonorgestrel, 750 mcg, Comprimido oral, Blister","Comprimido",0,0,0,0,0,0,0,0,0,0,0,0,0,0,0,8,0,"0.0","0.0",16,0,1066]
[null,"11801102003","Levotiroxina sal sodica, 25 mcg, Comprimido oral, Blister","Comprimido",1.89,0,0,0,0,0,0,0,0,0,0,0,0,0,0,100,0,"0.0","0.0",200,378,1096]
[null,"10100205002","Lidocaina clorhidrato + epinefrina, 1 % + 1:200, Inyectable, Vial x 50 ml","Vial",103.55,44,{"v":4556.2,"d":"4,556"},0,0,0,0,0,0,0,0,0,0,44,{"v":4556.2,"d":"4,556"},3,0,"14.7","14.0",0,0,5]
[null,"10100204004","Lidocaina clorhidrato, 0.02, Inyectable, Vial x 20 ml","Vial",27.5,100,{"v":2750,"d":"2,750"},50,{"v":1375,"d":"1,375"},0,0,5,{"v":137.5,"d":"138"},0,0,0,0,145,{"v":3987.5,"d":"3,988"},11,7,"13.2","13.2",0,0,1265]
[null,"10100204005","Lidocaina clorhidrato, 0.02, Inyectable, Vial x 50 ml","Vial",60.5,7,{"v":423.5,"d":"424"},0,0,0,0,5,{"v":302.5,"d":"303"},0,0,0,0,2,121,7,0,"0.3","0.3",12,726,4]
[null,"10300103002","Loratadina, 1 mg/ml, Jarabe, Frasco x 90 ml","Frasco",22.35,49,{"v":1095.15,"d":"1,095"},0,0,0,0,0,0,0,0,0,0,49,{"v":1095.15,"d":"1,095"},6,0,"8.2","8.2",0,0,1266]
[null,"10300103001","Loratadina, 10 mg, Comprimido oral, Blister","Comprimido",0.83,100,83,0,0,0,0,0,0,0,0,0,0,100,83,50,0,"2.0","2.0",0,0,1267]
[null,"12400303003","Lorazepam, 2 mg/ml, Inyectable, Ampolla x 1 ml","Ampolla",0,0,0,0,0,0,0,0,0,0,0,0,0,0,0,96,0,"0.0","0.0",192,0,1291]
[null,"11200306001","Losartan, 50 mg, Comprimido oral, Blister","Comprimido",0.36,0,0,0,0,0,0,0,0,0,0,0,0,0,0,100,0,"0.0","0.0",200,72,362]
[null,"11600007002","Manitol, 0.2, Inyectable, Frasco x 250 ml","Frasco",198,0,0,0,0,0,0,0,0,0,0,0,0,0,0,24,0,"0.0","0.0",48,9504,1175]
[null,"10600230001","Meropenem, 1 g, Polvo para inyección, Vial","Vial",192.79,100,{"v":19279,"d":"19,279"},50,{"v":9639.5,"d":"9,640"},0,0,0,0,0,0,0,0,150,{"v":28918.5,"d":"28,919"},40,0,"3.8","3.8",0,0,44]
[null,"11700501002","Metamizol, 1 g/2 ml, Inyectable, Ampolla x 1 ml","Ampolla",123.89,0,0,0,0,0,0,0,0,0,0,0,0,0,0,100,0,"0.0","0.0",200,24778,1220]
[null,"11800803001","Metformina, 500 mg, Comprimido oral, Blister","Comprimido",0.36,0,0,0,0,0,0,0,0,0,0,0,0,0,0,200,0,"0.0","0.0",400,144,1158]
[null,"11800803002","Metformina, 850 mg, Comprimido oral, Blister","Comprimido",0.68,200,136,0,0,0,0,0,0,0,0,0,0,200,136,100,0,"2.0","0.0",0,0,1093]
[null,"11200307002","Metildopa, 500 mg, Comprimido oral, Blister","Comprimido",0,100,0,0,0,0,0,0,0,0,0,0,0,100,0,0,0,"00","00",0,0,1095]
[null,"11800103001","Metilprednisolona, 40 mg /ml, Polvo para inyección, Vial x 1 ml","Vial",58.4,0,0,200,{"v":11680,"d":"11,680"},0,0,150,{"v":8760,"d":"8,760"},0,0,0,0,50,{"v":2920,"d":"2,920"},175,0,"0.3","0.3",300,17520,793]
[null,"11800103002","Metilprednisolona, 500 mg, Polvo para inyección, Vial","Vial",113.23,713,{"v":80732.99,"d":"80,733"},0,0,0,0,105,{"v":11889.15,"d":"11,889"},0,0,0,0,608,{"v":68843.84,"d":"68,844"},49,0,"12.4","7.6",0,0,96]
[null,"11800103003","Metilprednisolona, 80 mg /ml, Polvo para inyección, Vial x 1 ml","Vial",417.21,55,{"v":22946.55,"d":"22,947"},400,{"v":166884,"d":"166,884"},0,0,140,{"v":58409.4,"d":"58,409"},0,0,0,0,315,{"v":131421.15,"d":"131,421"},81,15,"3.9","3.9",0,0,369]
[null,"11700201003","Metoclopramida clorhidrato, 5 mg/ml, Inyectable, Ampolla x 2 ml","Ampolla",3.55,200,710,100,355,0,0,0,0,0,0,0,0,300,{"v":1065,"d":"1,065"},140,0,"2.1","2.1",0,0,93]
[null,"10600231002","Metronidazol, 5 mg/ml, Inyectable, Vial x 100 ml","Vial",17.1,140,{"v":2394,"d":"2,394"},200,{"v":3420,"d":"3,420"},0,0,50,855,0,0,0,0,290,{"v":4959,"d":"4,959"},55,0,"5.3","5.3",0,0,45]
[null,"10100302003","Midazolam, 5 mg/ml, Inyectable, Ampolla x 3 ml","Ampolla",74.53,0,0,600,{"v":44718,"d":"44,718"},0,0,400,{"v":29812,"d":"29,812"},0,0,0,0,200,{"v":14906,"d":"14,906"},250,0,"0.8","0.8",300,22359,7]
[null,"10200204001","Morfina sulfato o clorhidrato, 10 mg / ml, Inyectable, Ampolla x 1 ml","Ampolla",121,0,0,300,{"v":36300,"d":"36,300"},0,0,200,{"v":24200,"d":"24,200"},0,0,0,0,100,{"v":12100,"d":"12,100"},133,0,"0.8","0.8",166,20086,1253]
[null,"10200205002","Nalbufina, 10 mg / ml, Inyectable, Ampolla x 2 ml","Ampolla",64.9,0,0,0,0,0,0,0,0,0,0,0,0,0,0,237,0,"0.0","0.0",474,30762.6,19]
[null,"10400207007","Naloxona clorhidrato, 400 mcg/ml, Inyectable, Ampolla x 1 ml","Ampolla",548.9,0,0,240,{"v":131736,"d":"131,736"},0,0,40,{"v":21956,"d":"21,956"},0,0,0,0,200,{"v":109780,"d":"109,780"},40,0,"5.0","5.0",0,0,708]
[null,"12000002002","Neostigmina metilsulfato, 0.5 mg/ml, Inyectable, Ampolla x 1 ml","Ampolla",15.09,200,{"v":3018,"d":"3,018"},0,0,0,0,100,{"v":1509,"d":"1,509"},0,0,0,0,100,{"v":1509,"d":"1,509"},80,0,"1.3","1.3",60,905.4,102]
[null,"12200201001","Nifedipina, 10 mg, Comprimido oral de liberación inmediata, Blister","Comprimido",0.15,0,0,0,0,0,0,0,0,0,0,0,0,0,0,100,0,"0.0","0.0",200,30,103]
[null,"10600306004","Nistatina, 100000 UI/ml, Suspensión oral, Frasco x 30 ml","Frasco",38.55,12,{"v":462.6,"d":"463"},0,0,0,0,0,0,0,0,0,0,12,{"v":462.6,"d":"463"},7,0,"1.7","1.7",2,77.1,1191]
[null,"11300207002","Nitrofurazona, 0.2%, Crema tópica, Tarro x 1 lb","Tarro",156.12,3,{"v":468.36,"d":"468"},5,{"v":780.6,"d":"781"},0,0,2,{"v":312.24,"d":"312"},0,0,0,0,6,{"v":936.72,"d":"937"},2,0,"3.0","3.0",0,0,80]
[null,"11200104001","Nitroglicerina, 5 mg/ml, Inyectable, Ampolla x 5 ml","Ampolla",170.5,20,{"v":3410,"d":"3,410"},0,0,0,0,0,0,0,0,0,0,20,{"v":3410,"d":"3,410"},0,0,"00","00",0,0,70]
[null,"10300204003","Norepinefrina (noradrenalina), 1 mg/ml , Inyectable, Ampolla x 10 ml","Ampolla",143.27,240,{"v":34384.8,"d":"34,385"},50,{"v":7163.5,"d":"7,164"},0,0,0,0,0,0,0,0,290,{"v":41548.3,"d":"41,548"},63,0,"4.6","4.6",0,0,24]
[null,"12400105001","Olanzapina, 10 mg, Comprimido oral, Blister","Comprimido",2.64,600,{"v":1584,"d":"1,584"},300,792,0,0,300,792,0,0,0,0,600,{"v":1584,"d":"1,584"},286,0,"2.1","2.1",0,0,113]
[null,"12400105003","Olanzapina, 5 mg, Comprimido oral, Blister","Comprimido",1.07,{"v":2000,"d":"2,000"},{"v":2140,"d":"2,140"},0,0,0,0,0,0,0,0,0,0,{"v":2000,"d":"2,000"},{"v":2140,"d":"2,140"},447,100,"4.5","4.5",0,0,114]
[null,"11700101001","Omeprazol, 20 mg, Cápsula oral, Blister","Cápsula",0.43,400,172,0,0,0,0,0,0,0,0,0,0,400,172,160,0,"2.5","2.5",0,0,825]
[null,"11700101003","Omeprazol, 40 mg/ml, Polvo para inyección, Vial","Vial",16.1,150,{"v":2415,"d":"2,415"},600,{"v":9660,"d":"9,660"},0,0,250,{"v":4025,"d":"4,025"},0,0,0,0,500,{"v":8050,"d":"8,050"},303,50,"1.7","1.7",106,1706.6,91]
[null,"11300305001","Oxido de zinc, , Loción, Frasco","Frasco",599.75,0,0,0,0,0,0,0,0,0,0,0,0,0,0,9,0,"0.0","0.0",18,10795.5,1091]
[null,"10200107006","Paracetamol, 10 mg/ml, Inyectable, Ampolla x 10ml","Ampolla",52.38,270,{"v":14142.6,"d":"14,143"},480,{"v":25142.4,"d":"25,142"},0,0,165,{"v":8642.7,"d":"8,643"},0,0,180,{"v":9428.4,"d":"9,428"},405,{"v":21213.9,"d":"21,214"},145,0,"2.8","2.8",0,0,18]
[null,"10200107001","Paracetamol, 100 mg, Supositorio, Blister","Supositorio",29.04,300,{"v":8712,"d":"8,712"},0,0,0,0,0,0,0,0,0,0,300,{"v":8712,"d":"8,712"},133,0,"2.3","2.0",0,0,15]
[null,"10200107003","Paracetamol, 125 mg/5ml, Jarabe, Frasco x 120 ml","Frasco",28.05,270,{"v":7573.5,"d":"7,574"},0,0,0,0,0,0,0,0,0,0,270,{"v":7573.5,"d":"7,574"},17,0,"15.9","14.9",0,0,16]
[null,"10200107005","Paracetamol, 500 mg, Comprimido oral, Blister","Comprimido",0.6,400,240,0,0,0,0,200,120,0,0,0,0,200,120,255,0,"0.8","0.8",310,186,17]
[null,"10600234001","Penicilina g benzatinica (bencil penicilina) , 1,200,000 UI, Polvo para inyección, Vial","Vial",15.56,250,{"v":3890,"d":"3,890"},0,0,0,0,50,778,0,0,0,0,200,{"v":3112,"d":"3,112"},50,0,"4.0","4.0",0,0,46]
[null,"10600234002","Penicilina g benzatinica (bencil penicilina) , 2,400,000 UI, Polvo para inyección, Vial","Vial",37.4,50,{"v":1870,"d":"1,870"},50,{"v":1870,"d":"1,870"},0,0,50,{"v":1870,"d":"1,870"},0,0,0,0,50,{"v":1870,"d":"1,870"},50,0,"1.0","1.0",50,1870,47]
[null,"10600234003","Penicilina g benzatinica (bencil penicilina) , 600,000 UI, Polvo para inyección, Vial","Vial",20.79,100,{"v":2079,"d":"2,079"},0,0,0,0,0,0,0,0,0,0,100,{"v":2079,"d":"2,079"},0,0,"00","00",0,0,1268]
[null,"10600235001","Penicilina g cristalina (bencilpenicilina) en sal sodica o potasica, 1,000,000 UI, Polvo para inyección, Vial","Vial",15.4,100,{"v":1540,"d":"1,540"},0,0,0,0,0,0,0,0,0,0,100,{"v":1540,"d":"1,540"},0,0,"00","00",0,0,1309]
[null,"10600235002","Penicilina g cristalina (bencilpenicilina) en sal sodica o potasica, 5,000,000 UI, Polvo para inyección, Vial","Vial",41.69,100,{"v":4169,"d":"4,169"},200,{"v":8338,"d":"8,338"},0,0,50,{"v":2084.5,"d":"2,085"},0,0,0,0,250,{"v":10422.5,"d":"10,423"},58,0,"4.3","4.3",0,0,48]
[null,"10600236003","Penicilina g procainica(bencilpenicilina procainica), 4,000,000  UI, Polvo para inyección, Vial","Vial",39.85,150,{"v":5977.5,"d":"5,978"},0,0,0,0,0,0,0,0,0,0,150,{"v":5977.5,"d":"5,978"},0,0,"00","00",0,0,49]
[null,"10600236004","Penicilina g procainica(bencilpenicilina procainica), 400,000 UI, Polvo para inyección, Vial","Vial",19.32,50,966,0,0,0,0,0,0,0,0,0,0,50,966,0,0,"00","00",0,0,1174]
[null,"10600237001","Piperacilina + tazobactam, 4.0 g + 500 mg, Polvo para inyección, Vial","Vial",82.59,135,{"v":11149.65,"d":"11,150"},25,{"v":2064.75,"d":"2,065"},0,0,1,{"v":82.59,"d":"83"},0,0,0,0,159,{"v":13131.81,"d":"13,132"},22,0,"7.2","7.2",0,0,1179]
[null,"12700014001","Piridoxina (vit. B6) clorhidrato, 25 mg, Comprimido oral, Blister","Comprimido",0,0,0,2,0,0,0,2,0,0,0,0,0,0,0,3,0,"0.0","0.0",6,0,814]
[null,"11800104003","Prednisona, 50 mg, Comprimido oral, Blister","Comprimido",1.43,0,0,0,0,0,0,0,0,0,0,0,0,0,0,100,0,"0.0","0.0",200,286,97]
[null,"10100106001","Propofol, 10 mg / ml, Inyectable, Ampolla x 20 ml","Ampolla",49.02,150,{"v":7353,"d":"7,353"},50,{"v":2451,"d":"2,451"},0,0,100,{"v":4902,"d":"4,902"},0,0,0,0,100,{"v":4902,"d":"4,902"},93,0,"1.1","1.1",86,4215.72,338]
[null,"10700203001","Propranolol clorhidrato, 20 mg, Comprimido oral, Blister","Comprimido",0,100,0,0,0,0,0,0,0,0,0,100,0,0,0,0,0,"0","0",0,0,356]
[null,"12700010003","Proteina pediatrica, , Polvo oral, Lata","Lata",0,0,0,48,0,0,0,24,0,0,0,0,0,24,0,24,0,"1.0","1.0",24,0,1348]
[null,"12400106001","Quetiapina, 100 mg, Comprimido oral, Blister","Comprimido",4.57,{"v":1300,"d":"1,300"},{"v":5941,"d":"5,941"},0,0,0,0,0,0,0,0,{"v":1000,"d":"1,000"},{"v":4570,"d":"4,570"},300,{"v":1371,"d":"1,371"},150,0,"2.0","2.0",0,0,380]
[null,"12400106003","Quetiapina, 25 mg, Comprimido oral, Blister","Comprimido",3.55,220,781,0,0,0,0,0,0,0,0,0,0,220,781,167,0,"1.3","0.1",114,404.7,115]
[null,"12400106005","Quetiapina, 300 mg, Comprimido oral, Blister","Comprimido",3.92,70,{"v":274.4,"d":"274"},0,0,0,0,0,0,0,0,0,0,70,{"v":274.4,"d":"274"},100,0,"0.7","0.7",130,509.6,952]
[null,"11700102003","Ranitidina clorhidrato, 25 mg/ml, Inyectable, Ampolla x 2 ml","Ampolla",9.6,350,{"v":3360,"d":"3,360"},0,0,0,0,0,0,0,0,0,0,350,{"v":3360,"d":"3,360"},150,0,"2.3","2.3",0,0,367]
[null,"10600240003","Rifampicina, 300 mg, Cápsula oral, Blister","Cápsula",0,0,0,0,0,0,0,0,0,0,0,0,0,0,0,100,0,"0.0","0.0",200,0,50]
[null,"12400107001","Risperidona, 1 mg, Comprimido oral, Blister","Comprimido",0,0,0,0,0,0,0,0,0,0,0,0,0,0,0,200,0,"0.0","0.0",400,0,116]
[null,"12400107002","Risperidona, 2 mg, Comprimido oral, Blister","Comprimido",0.48,600,288,0,0,0,0,0,0,0,0,0,0,600,288,220,0,"2.7","2.7",0,0,117]
[null,"12500104006","Salbutamol sulfato, 10 mg/ml, Solución para inhalación, Frasco","Frasco",0,0,0,0,0,0,0,0,0,0,0,0,0,0,0,100,100,"0.0","0.0",200,0,1240]
[null,"12500104005","Salbutamol sulfato, 5 mg/ml, Solución para inhalación, Frasco x 10 ml","Frasco",79,300,{"v":23700,"d":"23,700"},0,0,0,0,300,{"v":23700,"d":"23,700"},0,0,0,0,0,0,172,0,"0.0","0.0",344,27176,122]
[null,"12600101001","Sales de rehidratacion oral con citrato , 27.9 g/L, Polvo oral, Sobre","Sobre",7.83,50,{"v":391.5,"d":"392"},0,0,0,0,50,{"v":391.5,"d":"392"},0,0,0,0,0,0,155,50,"0.0","0.0",310,2427.3,128]
[null,"12400104012","Sertralina, 100 mg, Tableta, Blister","Tableta",3.88,500,{"v":1940,"d":"1,940"},0,0,0,0,0,0,0,0,0,0,500,{"v":1940,"d":"1,940"},267,0,"1.9","1.9",34,131.92,1076]
[null,"12400104007","Sertralina, 50 mg, Tableta, Blister","Tableta",2.57,100,257,100,257,0,0,0,0,0,0,0,0,200,514,450,0,"0.4","0.4",700,1799,1290]
[null,"10100107001","Sevofluorano, , Solución para inhalación, Frasco  x 250 ml","Frasco",2722.5,22,{"v":59895,"d":"59,895"},4,{"v":10890,"d":"10,890"},0,0,4,{"v":10890,"d":"10,890"},0,0,0,0,22,{"v":59895,"d":"59,895"},5,0,"4.4","4.4",0,0,1]
[null,"11700102004","Sucralfato granulado, 1 g, , Sobre","Sobre",10.73,140,{"v":1502.2,"d":"1,502"},0,0,0,0,0,0,0,0,0,0,140,{"v":1502.2,"d":"1,502"},50,0,"2.8","2.8",0,0,92]
[null,"11300206003","Sulfadiazina argentica, 0.01, Pomada tópica, Tarro x 400 g","Tarro",350.47,4,{"v":1401.88,"d":"1,402"},2,{"v":700.94,"d":"701"},0,0,0,0,0,0,0,0,6,{"v":2102.82,"d":"2,103"},2,0,"3.0","3.0",0,0,79]
[null,"10600244005","Sulfametoxazol +trimetoprim (co-trimoxazol), 800 mg + 160 mg, Comprimido oral, Blister","Comprimido",2.18,380,{"v":828.4,"d":"828"},100,218,0,0,0,0,0,0,0,0,480,{"v":1046.4,"d":"1,046"},{"v":1129,"d":"1,129"},0,"0.4","0.4",{"v":1778,"d":"1,778"},3876.04,457]
[null,"10500006005","Sulfato de magnesio, 0.2, Inyectable, Ampolla x 10 ml","Ampolla",28.19,325,{"v":9161.75,"d":"9,162"},200,{"v":5638,"d":"5,638"},0,0,0,0,0,0,0,0,525,{"v":14799.75,"d":"14,800"},138,0,"3.8","3.8",0,0,31]
[null,"11000105003","Sulfato ferroso, 300 mg, Comprimido oral, Blister","Comprimido",0.19,0,0,800,152,0,0,0,0,0,0,0,0,800,152,0,0,"00","00",0,0,1147]
[null,"11000106001","Sulfato ferroso+acido folico, 300 mg + 5 mg, Comprimido oral, Blister","Comprimido",0.9,0,0,0,0,0,0,0,0,0,0,0,0,0,0,675,0,"0.0","0.0",{"v":1350,"d":"1,350"},1215,65]
[null,"12000005001","Suxametonio cloruro, 50 mg/ml, Inyectable, Ampolla x 2 ml","Ampolla",380.46,150,{"v":57069,"d":"57,069"},0,0,0,0,0,0,0,0,150,{"v":57069,"d":"57,069"},0,0,0,0,"0","0",0,0,1271]
[null,"12000004003","Suxametonio cloruro, 500 mg, Polvo para inyección, Vial","Vial",0,0,0,0,0,0,0,0,0,0,0,0,0,0,0,40,0,"0.0","0.0",80,0,377]
[null,"10600418001","Tenofovir + emtricitabina, 300 mg + 200 mg, Comprimido oral, Frasco","Comprimido",0,10,0,0,0,0,0,10,0,0,0,0,0,0,0,83,0,"0.0","0.0",166,0,354]
[null,"10600417001","Tenofovir, 300 mg, Comprimido oral, Frasco x 30 tabletas","Comprimido",0,0,0,20,0,0,0,20,0,0,0,0,0,0,0,19,0,"0.0","0.0",38,0,353]
[null,"10600419004","Tenofovir/emtricitabina/dolutegravir, 25 mg + 200 mg + 50 mg, Tableta, Frasco","Tableta",0,864,0,864,0,0,0,648,0,0,0,0,0,{"v":1080,"d":"1,080"},0,648,0,"1.7","1.7",216,0,61]
[null,"10600419003","Tenofovir/lamivudina/efavirenz, 300 mg + 300 mg + 400 mg, Tableta, Frasco","Tableta",0,10,0,48,0,0,0,58,0,0,0,0,0,0,0,43,0,"0.0","0.0",86,0,786]
[null,"12100105001","Tobramicina, 0.3%, Solución oftálmica, Frasco x 10 ml","Frasco",0,0,0,0,0,0,0,0,0,0,0,0,0,0,0,6,0,"0.0","0.0",12,0,1243]
[null,"12100105002","Tobramicina, 0.3%, Solución oftálmica, Frasco x 5 ml","Frasco",60.5,14,847,0,0,0,0,0,0,0,0,0,0,14,847,7,0,"2.0","2.0",0,0,1242]
[null,"10600245001","Vancomicina, 1 g, Polvo para inyección, Vial","Vial",96.47,100,{"v":9647,"d":"9,647"},200,{"v":19294,"d":"19,294"},0,0,0,0,0,0,0,0,300,{"v":28941,"d":"28,941"},78,0,"3.8","3.8",0,0,430]
[null,"10600245002","Vancomicina, 500 mg, Polvo para inyección, Vial","Vial",58.88,50,{"v":2944,"d":"2,944"},100,{"v":5888,"d":"5,888"},0,0,0,0,0,0,0,0,150,{"v":8832,"d":"8,832"},110,0,"1.4","1.4",70,4121.6,51]
[null,"11500106002","Yodopovidona (povidona yodada), 0.1, Solución tópica, Frasco x 1 l","Frasco",389.33,17,{"v":6618.61,"d":"6,619"},0,0,0,0,0,0,0,0,0,0,17,{"v":6618.61,"d":"6,619"},7,0,"2.4","2.4",0,0,86]
[null,"11500106004","Yodopovidona (povidona yodada), 0.1, Solución tópica, Galón","Galón",1081.2,8,{"v":8649.6,"d":"8,650"},0,0,0,0,0,0,0,0,0,0,8,{"v":8649.6,"d":"8,650"},2,0,"4.0","4.0",0,0,87]
[null,"20639704001","Agua bidestilada para laboratorio","Galón",213.29,88,{"v":18769.52,"d":"18,770"},0,0,0,0,0,0,0,0,0,0,88,{"v":18769.52,"d":"18,770"},0,0,"00","00",0,0,452]
[null,"21000403002","Aguja raquidea descartable n° 16 g x 3 1/2\"","Empaque",0,0,0,0,0,0,0,0,0,0,0,0,0,0,0,15,0,"0.0","0.0",30,0,397]
[null,"21000403012","Aguja raquidea descartable n° 26 g x 3 1/2\"","Empaque",15.62,50,781,0,0,0,0,0,0,0,0,0,0,50,781,0,0,"00","00",0,0,398]
[null,"21029801001","Algodon absorbentex 1 lb","Unidad",137.63,53,{"v":7294.39,"d":"7,294"},100,{"v":13763,"d":"13,763"},0,0,25,{"v":3440.75,"d":"3,441"},0,0,0,0,128,{"v":17616.64,"d":"17,617"},22,9,"5.8","5.8",0,0,232]
[null,"21029801002","Algodon planchado 4 x 4 rollo","Unidad",10.02,0,0,36,{"v":360.72,"d":"361"},0,0,24,{"v":240.48,"d":"240"},36,{"v":360.72,"d":"361"},0,0,48,{"v":480.96,"d":"481"},29,0,"1.7","1.7",10,100.2,233]
[null,"21029801003","Algodon planchado 6 x 4 rollo","Unidad",13.3,229,{"v":3045.7,"d":"3,046"},0,0,0,0,0,0,0,0,0,0,229,{"v":3045.7,"d":"3,046"},31,0,"7.4","7.4",0,0,234]
[null,"21029801005","Algodon torunda 0.5 g x 1000 bolitas","Paquete",8.32,200,{"v":1664,"d":"1,664"},0,0,0,0,0,0,0,0,0,0,200,{"v":1664,"d":"1,664"},0,0,"00","00",0,0,235]
[null,"21029801007","Algodon torunda 0.7 g x 1000 bolitas","Paquete",8.02,400,{"v":3208,"d":"3,208"},0,0,0,0,0,0,0,0,0,0,400,{"v":3208,"d":"3,208"},0,0,"00","00",0,0,1140]
[null,"21601701001","Aplicador de madera","Unidad",311.08,{"v":2954,"d":"2,954"},{"v":918930.32,"d":"918,930"},0,0,0,0,0,0,0,0,{"v":1000,"d":"1,000"},{"v":311080,"d":"311,080"},{"v":1954,"d":"1,954"},{"v":607850.32,"d":"607,850"},0,0,"00","00",0,0,257]
[null,"21027701001","Baja lengua madera","Unidad",24.02,{"v":4100,"d":"4,100"},{"v":98482,"d":"98,482"},{"v":1000,"d":"1,000"},{"v":24020,"d":"24,020"},0,0,{"v":4100,"d":"4,100"},{"v":98482,"d":"98,482"},0,0,0,0,{"v":1000,"d":"1,000"},{"v":24020,"d":"24,020"},{"v":2913,"d":"2,913"},0,"0.3","0.3",{"v":4826,"d":"4,826"},115920.52,226]
[null,"21019101001","Bajante de sangre","Sobre",0,5,0,0,0,0,0,0,0,0,0,5,0,0,0,18,0,"0.0","0.0",36,0,196]
[null,"21038203001","Bajante de suero con control de flujo cuantificable descartable","Sobre",144.73,250,{"v":36182.5,"d":"36,183"},0,0,0,0,0,0,0,0,0,0,250,{"v":36182.5,"d":"36,183"},103,0,"2.4","2.4",0,0,237]
[null,"21038203002","Bajante de suero descartable","Sobre",10.82,{"v":6235,"d":"6,235"},{"v":67462.7,"d":"67,463"},0,0,0,0,275,{"v":2975.5,"d":"2,976"},0,0,0,0,{"v":5960,"d":"5,960"},{"v":64487.2,"d":"64,487"},314,0,"19.0","19.0",0,0,415]
[null,"21003101001","Bata para examen paciente descartable","Paquete",360.52,130,{"v":46867.6,"d":"46,868"},0,0,0,0,100,{"v":36052,"d":"36,052"},0,0,0,0,30,{"v":10815.6,"d":"10,816"},87,0,"0.3","0.3",144,51914.88,179]
[null,"21003102001","Bata quirurgica esteril descartable","Funda",61.09,372,{"v":22725.48,"d":"22,725"},0,0,0,0,10,{"v":610.9,"d":"611"},0,0,72,{"v":4398.48,"d":"4,398"},290,{"v":17716.1,"d":"17,716"},42,0,"6.9","6.9",0,0,180]
[null,"20903401006","Bisturi con mango 20","Sobre",0,0,0,0,0,0,0,0,0,0,0,0,0,0,0,20,0,"0.0","0.0",40,0,1247]
[null,"21012405001","Bolsa colectora de orina  2 l","Funda",10.89,490,{"v":5336.1,"d":"5,336"},0,0,0,0,100,{"v":1089,"d":"1,089"},0,0,0,0,390,{"v":4247.1,"d":"4,247"},35,0,"11.1","11.1",0,0,191]
[null,"21012405002","Bolsa colectora de orina 100 ml","Funda",3.08,{"v":1000,"d":"1,000"},{"v":3080,"d":"3,080"},100,308,0,0,0,0,0,0,0,0,{"v":1100,"d":"1,100"},{"v":3388,"d":"3,388"},100,0,"11.0","11.0",0,0,192]
[null,"21012406002","Bolsa colectora de sangre 450 - 500 ml","Funda",125.4,100,{"v":12540,"d":"12,540"},0,0,0,0,0,0,0,0,0,0,100,{"v":12540,"d":"12,540"},2,0,"50.0","12.0",0,0,1173]
[null,"21024901002","Brazalete pediatrico azul","Sobre",1.65,100,165,0,0,0,0,0,0,0,0,0,0,100,165,0,0,"00","00",0,0,766]
[null,"21024901003","Brazalete pediatrico rosado","Sobre",1.43,100,143,0,0,0,0,0,0,0,0,0,0,100,143,0,0,"00","00",0,0,767]
[null,"21239504003","Cal sodada","Unidad",0,0,0,0,0,0,0,0,0,0,0,0,0,0,0,1,0,"0.0","0.0",2,0,254]
[null,"21029703002","Campo desechable (steri drape) fenestrado","Unidad",8.95,0,0,200,{"v":1790,"d":"1,790"},0,0,150,{"v":1342.5,"d":"1,343"},0,0,0,0,50,{"v":447.5,"d":"448"},131,0,"0.4","0.4",212,1897.4,231]
[null,"20205101022","Canula de succion # 8","Unidad",0,0,0,0,0,0,0,0,0,0,0,0,0,0,0,12,0,"0.0","0.0",24,0,143]
[null,"20205102001","Canula nasal oxigeno  pediatrica","Funda",11.88,480,{"v":5702.4,"d":"5,702"},100,{"v":1188,"d":"1,188"},0,0,25,297,0,0,0,0,555,{"v":6593.4,"d":"6,593"},57,0,"9.7","9.7",0,0,144]
[null,"20205102003","Canula nasal oxigeno adulto","Funda",18.51,290,{"v":5367.9,"d":"5,368"},100,{"v":1851,"d":"1,851"},0,0,75,{"v":1388.25,"d":"1,388"},0,0,0,0,315,{"v":5830.65,"d":"5,831"},41,0,"7.7","7.7",0,0,145]
[null,"20205102008","Canula nasal oxigeno recien nacido (ram)  n4902","Funda",12.49,205,{"v":2560.45,"d":"2,560"},0,0,0,0,0,0,0,0,0,0,205,{"v":2560.45,"d":"2,560"},25,0,"8.2","8.2",0,0,1168]
[null,"21005101001","Canula yankauer descartable","Sobre",36.88,225,{"v":8298,"d":"8,298"},200,{"v":7376,"d":"7,376"},0,0,30,{"v":1106.4,"d":"1,106"},0,0,0,0,395,{"v":14567.6,"d":"14,568"},25,0,"15.8","15.8",0,0,400]
[null,"20205501001","Cateter epidural descartable n° 16","Sobre",0,0,0,0,0,0,0,0,0,0,0,0,0,0,0,10,0,"0.0","0.0",20,0,146]
[null,"20205501002","Cateter epidural descartable n° 17","Sobre",0,0,0,0,0,0,0,0,0,0,0,0,0,0,0,10,0,"0.0","0.0",20,0,147]
[null,"20205501003","Cateter epidural descartable n° 18","Sobre",3.35,300,{"v":1005,"d":"1,005"},0,0,0,0,0,0,0,0,0,0,300,{"v":1005,"d":"1,005"},23,0,"13.0","13.0",0,0,148]
[null,"21005508002","Cateter venoso central  n° 5.0 fr x 13/16 cm","Empaque",1119.82,4,{"v":4479.28,"d":"4,479"},0,0,0,0,0,0,0,0,0,0,4,{"v":4479.28,"d":"4,479"},3,0,"1.3","1.3",2,2239.64,434]
[null,"21005508004","Cateter venoso central doble lumen n° 4.0 fr x 13 cm","Empaque",5415.01,4,{"v":21660.04,"d":"21,660"},6,{"v":32490.06,"d":"32,490"},0,0,0,0,4,{"v":21660.04,"d":"21,660"},0,0,14,{"v":75810.14,"d":"75,810"},5,0,"2.8","2.8",0,0,435]
[null,"21005508005","Cateter venoso central doble lumen n° 4.0 fr x 5/8/13/16 cm","Empaque",0,0,0,0,0,0,0,0,0,0,0,0,0,0,0,5,0,"0.0","0.0",10,0,401]
[null,"21005508006","Cateter venoso central doble lumen n° 5.0 fr x 13/16 cm","Empaque",1841.16,0,0,45,{"v":82852.2,"d":"82,852"},0,0,0,0,0,0,20,{"v":36823.2,"d":"36,823"},25,{"v":46029,"d":"46,029"},7,0,"3.6","3.6",0,0,402]
[null,"21005508007","Cateter venoso central triple lumen n° 7.0 fr x 16/20/30 cm","Empaque",767.06,41,{"v":31449.46,"d":"31,449"},0,0,0,0,0,0,0,0,0,0,41,{"v":31449.46,"d":"31,449"},5,0,"8.2","4.6",0,0,403]
[null,"21005503003","Cateter venoso periferico (corto) nº 18 g x 2\"","Empaque",8.36,400,{"v":3344,"d":"3,344"},0,0,0,0,0,0,0,0,0,0,400,{"v":3344,"d":"3,344"},117,0,"3.4","3.4",0,0,185]
[null,"21005503004","Cateter venoso periferico (corto) nº 20 g x 1 ¼”","Empaque",10.06,{"v":1850,"d":"1,850"},{"v":18611,"d":"18,611"},0,0,0,0,200,{"v":2012,"d":"2,012"},0,0,0,0,{"v":1650,"d":"1,650"},{"v":16599,"d":"16,599"},125,0,"13.2","13.2",0,0,186]
[null,"21005503005","Cateter venoso periferico (corto) nº 22 g x 1\"","Empaque",8.15,0,0,0,0,0,0,200,{"v":1630,"d":"1,630"},200,{"v":1630,"d":"1,630"},0,0,0,0,527,200,"0.0","0.0",{"v":1054,"d":"1,054"},8590.1,187]
[null,"21005503006","Cateter venoso periferico (corto) nº 24 g x 3/4\"","Empaque",10.4,600,{"v":6240,"d":"6,240"},{"v":2000,"d":"2,000"},{"v":20800,"d":"20,800"},0,0,600,{"v":6240,"d":"6,240"},0,0,0,0,{"v":2000,"d":"2,000"},{"v":20800,"d":"20,800"},595,0,"3.4","3.4",0,0,188]
[null,"21005701001","Cepillo para muestra cervical de 2 cm con mango de 19 - 20 cm","Empaque",3.7,430,{"v":1591,"d":"1,591"},0,0,0,0,0,0,0,0,0,0,430,{"v":1591,"d":"1,591"},0,0,"00","00",0,0,189]
[null,"21618801001","Cinta de autoclave 19 mm x 50 m","Unidad",81.64,117,{"v":9551.88,"d":"9,552"},0,0,0,0,0,0,0,0,0,0,117,{"v":9551.88,"d":"9,552"},7,0,"16.7","16.7",0,0,258]
[null,"21047701002","Cinta esterilizacion gas 1\" x 60 yd","Unidad",94.98,20,{"v":1899.6,"d":"1,900"},0,0,0,0,0,0,0,0,0,0,20,{"v":1899.6,"d":"1,900"},6,0,"3.3","3.3",0,0,1202]
[null,"20232902001","Circuito de anestesia adulto","Kit",0,14,0,0,0,0,0,0,0,0,0,0,0,14,0,3,0,"4.7","4.7",0,0,1263]
[null,"20232902002","Circuito de anestesia pediatrico","Kit",205.57,24,{"v":4933.68,"d":"4,934"},0,0,0,0,0,0,3,{"v":616.71,"d":"617"},3,{"v":616.71,"d":"617"},24,{"v":4933.68,"d":"4,934"},4,0,"6.0","6.0",0,0,1262]
[null,"20232902003","Circuito de ventilacion neonatal","Kit",0,0,0,0,0,0,0,0,0,0,0,0,0,0,0,5,0,"0.0","0.0",10,0,1292]
[null,"21106601002","Collarin reutilizable cervical blando pequeño","Caja",87.13,3,{"v":261.39,"d":"261"},0,0,0,0,0,0,0,0,0,0,3,{"v":261.39,"d":"261"},0,0,"00","00",0,0,1081]
[null,"21007001008","Compresa hemostatica quirurgica","Unidad",158.62,370,{"v":58689.4,"d":"58,689"},0,0,0,0,0,0,0,0,180,{"v":28551.6,"d":"28,552"},190,{"v":30137.8,"d":"30,138"},10,0,"19.0","19.0",0,0,1236]
[null,"21007301001","Condon femenino","Unidad",0,0,0,0,0,0,0,0,0,0,0,0,0,0,0,30,0,"0.0","0.0",60,0,1274]
[null,"21007301002","Condon masculino","Unidad",0,0,0,0,0,0,0,0,0,0,0,0,0,0,0,216,0,"0.0","0.0",432,0,190]
[null,"21017602002","Curitas largas","Unidad",90.2,63,{"v":5682.6,"d":"5,683"},0,0,0,0,3,{"v":270.6,"d":"271"},0,0,0,0,60,{"v":5412,"d":"5,412"},52,0,"1.2","1.2",44,3968.8,194]
[null,"20413601001","Electrodo con gel conductor con botón central adulto","Caja",2.26,0,0,0,0,0,0,300,678,400,904,0,0,100,226,329,300,"0.3","0.3",558,1261.08,393]
[null,"21036001001","Empapador de cama tipo movible descartable","Unidad",8.63,0,0,0,0,0,0,0,0,0,0,0,0,0,0,205,100,"0.0","0.0",410,3538.3,450]
[null,"21038204001","Equipo microgotero con camara graduada 100 ml","Sobre",35.78,290,{"v":10376.2,"d":"10,376"},300,{"v":10734,"d":"10,734"},0,0,200,{"v":7156,"d":"7,156"},0,0,0,0,390,{"v":13954.2,"d":"13,954"},234,0,"1.7","1.7",78,2790.84,238]
[null,"21038204002","Equipo microgotero con camara graduada 150 ml","Sobre",37.53,{"v":1660,"d":"1,660"},{"v":62299.8,"d":"62,300"},100,{"v":3753,"d":"3,753"},0,0,0,0,0,0,0,0,{"v":1760,"d":"1,760"},{"v":66052.8,"d":"66,053"},20,0,"88.0","46.0",0,0,239]
[null,"21017601004","Esparadrapo base plastica 1\" x 10 yd","Unidad",91.82,60,{"v":5509.2,"d":"5,509"},0,0,0,0,0,0,0,0,0,0,60,{"v":5509.2,"d":"5,509"},0,0,"00","00",0,0,193]
[null,"21017601006","Esparadrapo base seda (z-o) 1 x 10, 2 x 10, 3 x 10 (tubo x 6 unidades, 2 de cada medida)","Caja",116.88,36,{"v":4207.68,"d":"4,208"},0,0,0,0,30,{"v":3506.4,"d":"3,506"},0,0,0,0,6,{"v":701.28,"d":"701"},149,150,"0.0","0.0",292,34128.96,404]
[null,"21017901002","Especulo vaginal descartable mediano","Empaque",12.66,352,{"v":4456.32,"d":"4,456"},0,0,0,0,0,0,0,0,0,0,352,{"v":4456.32,"d":"4,456"},50,0,"7.0","7.0",0,0,195]
[null,"20601121001","Estandar (calibrador) humano liofilizado multiparametros, Frasco x 5 ml","Frasco",0,0,0,0,0,0,0,0,0,0,0,0,0,0,0,1,0,"0.0","0.0",2,0,167]
[null,"21022902001","Gasa no esteril 36 \"x 100 yd trama (20 x 12)","Unidad",502.07,227,{"v":113969.89,"d":"113,970"},0,0,0,0,9,{"v":4518.63,"d":"4,519"},0,0,0,0,218,{"v":109451.26,"d":"109,451"},6,0,"36.3","36.3",0,0,197]
[null,"20629902002","Gel de sonografía","Galón",1190,2,{"v":2380,"d":"2,380"},0,0,0,0,0,0,0,0,0,0,2,{"v":2380,"d":"2,380"},0,0,"00","00",0,0,171]
[null,"21029702001","Gorro de cirugia descartable para hombre","Unidad",1.29,500,645,300,387,0,0,0,0,0,0,0,0,800,{"v":1032,"d":"1,032"},360,0,"2.2","2.2",0,0,413]
[null,"21029702002","Gorro de cirugia descartable para mujer","Unidad",0.7,0,0,200,140,0,0,0,0,0,0,0,0,200,140,570,900,"0.4","0.4",940,658,230]
[null,"21547901003","Guante de goma nitrilo, Caja x 2000","Caja",2520,{"v":1000,"d":"1,000"},{"v":2520000,"d":"2,520,000"},0,0,0,0,0,0,0,0,0,0,{"v":1000,"d":"1,000"},{"v":2520000,"d":"2,520,000"},0,0,"00","00",0,0,255]
[null,"21023401002","Guante examen de latex con polvo talla large (l)","Unidad",47.75,{"v":76400,"d":"76,400"},{"v":3648100,"d":"3,648,100"},0,0,0,0,{"v":7000,"d":"7,000"},{"v":334250,"d":"334,250"},0,0,0,0,{"v":69400,"d":"69,400"},{"v":3313850,"d":"3,313,850"},{"v":3667,"d":"3,667"},0,"18.9","18.9",0,0,198]
[null,"21023401004","Guante examen de latex con polvo talla medium (m)","Unidad",31.26,{"v":2600,"d":"2,600"},{"v":81276,"d":"81,276"},0,0,0,0,{"v":13000,"d":"13,000"},{"v":406380,"d":"406,380"},{"v":37400,"d":"37,400"},{"v":1169124,"d":"1,169,124"},0,0,{"v":27000,"d":"27,000"},{"v":844020,"d":"844,020"},{"v":12167,"d":"12,167"},{"v":4000,"d":"4,000"},"2.2","2.2",0,0,199]
[null,"21023401005","Guante examen de latex con polvo talla small (s)","Unidad",1.49,{"v":162000,"d":"162,000"},{"v":241380,"d":"241,380"},0,0,0,0,0,0,0,0,0,0,{"v":162000,"d":"162,000"},{"v":241380,"d":"241,380"},{"v":1444,"d":"1,444"},0,"112.2","32.0",0,0,406]
[null,"21023402001","Guante quirurgico de latex con polvo n° 6 1/2 (par)","Empaque",0,0,0,0,0,0,0,0,0,0,0,0,0,0,0,75,0,"0.0","0.0",150,0,407]
[null,"21023402002","Guante quirurgico de latex con polvo n° 7 (par)","Empaque",14.66,300,{"v":4398,"d":"4,398"},0,0,0,0,50,733,0,0,0,0,250,{"v":3665,"d":"3,665"},167,0,"1.5","1.5",84,1231.44,200]
[null,"21023402003","Guante quirurgico de latex con polvo n° 7 1/2 (par)","Empaque",13.38,550,{"v":7359,"d":"7,359"},0,0,0,0,0,0,0,0,0,0,550,{"v":7359,"d":"7,359"},108,0,"5.1","5.1",0,0,201]
[null,"21023402004","Guante quirurgico de latex con polvo n° 8 (par)","Empaque",8.07,{"v":3050,"d":"3,050"},{"v":24613.5,"d":"24,614"},0,0,0,0,0,0,0,0,300,{"v":2421,"d":"2,421"},{"v":2750,"d":"2,750"},{"v":22192.5,"d":"22,193"},100,0,"27.5","9.6",0,0,408]
[null,"21023402005","Guante quirurgico de latex con polvo n° 8 1/2 (par)","Empaque",11.66,600,{"v":6996,"d":"6,996"},0,0,0,0,0,0,0,0,0,0,600,{"v":6996,"d":"6,996"},0,0,"00","00",0,0,202]
[null,"21003401003","Hoja bisturi descartable n° 11","Sobre",0,0,0,0,0,0,0,0,0,0,0,0,0,0,0,78,100,"0.0","0.0",156,0,399]
[null,"21003401005","Hoja bisturi descartable n° 15","Sobre",3.89,0,0,0,0,0,0,0,0,0,0,0,0,0,0,100,0,"0.0","0.0",200,778,181]
[null,"21003401006","Hoja bisturi descartable n° 20","Sobre",184.8,0,0,0,0,0,0,0,0,0,0,0,0,0,0,75,0,"0.0","0.0",150,27720,182]
[null,"21003401007","Hoja bisturi descartable n° 21","Sobre",1.52,0,0,0,0,0,0,0,0,0,0,0,0,0,0,167,100,"0.0","0.0",334,507.68,183]
[null,"21003401008","Hoja bisturi descartable n° 22","Sobre",1.74,300,522,0,0,0,0,0,0,0,0,0,0,300,522,100,0,"3.0","3.0",0,0,184]
[null,"20235501001","Humidificador de oxigeno","Funda",62.89,420,{"v":26413.8,"d":"26,414"},50,{"v":3144.5,"d":"3,145"},0,0,100,{"v":6289,"d":"6,289"},0,0,0,0,370,{"v":23269.3,"d":"23,269"},41,0,"9.0","9.0",0,0,153]
[null,"21026105001","Jeringa descartable 1 ml con aguja  29 g x 1/2\"","Sobre",0,500,0,0,0,0,0,0,0,0,0,0,0,500,0,0,0,"00","00",0,0,1322]
[null,"21026105013","Jeringa descartable 1 ml con aguja 22 g x 1\" autobloqueante","Sobre",0,20,0,0,0,0,0,0,0,0,0,0,0,20,0,20,0,"1.0","1.0",20,0,1303]
[null,"21026105003","Jeringa descartable 1 ml con aguja 25 g x 5/8\"","Sobre",0,600,0,0,0,0,0,0,0,0,0,0,0,600,0,0,0,"00","00",0,0,1324]
[null,"21026105005","Jeringa descartable 1 ml con aguja 27 g x 1/2\"","Sobre",0,{"v":2300,"d":"2,300"},0,0,0,0,0,300,0,0,0,0,0,{"v":2000,"d":"2,000"},0,200,0,"10.0","10.0",0,0,1321]
[null,"21026105006","Jeringa descartable 10 ml con aguja 21 g x 1 1/2\"","Sobre",2.19,700,{"v":1533,"d":"1,533"},0,0,0,0,600,{"v":1314,"d":"1,314"},0,0,0,0,100,219,{"v":2842,"d":"2,842"},{"v":2000,"d":"2,000"},"0.0","0.0",{"v":5584,"d":"5,584"},12228.96,222]
[null,"21026105007","Jeringa descartable 20 ml con aguja  21 g x 1 1/2\"","Sobre",3.72,{"v":1350,"d":"1,350"},{"v":5022,"d":"5,022"},0,0,0,0,250,930,0,0,0,0,{"v":1100,"d":"1,100"},{"v":4092,"d":"4,092"},495,0,"2.2","2.2",0,0,223]
[null,"21026105008","Jeringa descartable 3 ml con aguja  23 g x 1 1/2\"","Sobre",0,{"v":1900,"d":"1,900"},0,0,0,0,0,200,0,0,0,0,0,{"v":1700,"d":"1,700"},0,{"v":1150,"d":"1,150"},0,"1.5","1.5",600,0,1320]
[null,"21026105009","Jeringa descartable 3 ml con aguja 21 g x 1 1/2\"","Sobre",1.48,{"v":17200,"d":"17,200"},{"v":25456,"d":"25,456"},{"v":5000,"d":"5,000"},{"v":7400,"d":"7,400"},0,0,{"v":1300,"d":"1,300"},{"v":1924,"d":"1,924"},0,0,0,0,{"v":20900,"d":"20,900"},{"v":30932,"d":"30,932"},{"v":2017,"d":"2,017"},0,"10.4","10.4",0,0,224]
[null,"21026105011","Jeringa descartable 5 ml con aguja 21 g x 1 1/2\"","Sobre",1.65,{"v":5000,"d":"5,000"},{"v":8250,"d":"8,250"},0,0,0,0,{"v":1800,"d":"1,800"},{"v":2970,"d":"2,970"},0,0,0,0,{"v":3200,"d":"3,200"},{"v":5280,"d":"5,280"},{"v":1809,"d":"1,809"},0,"1.8","1.8",418,689.7,225]
[null,"21026105012","Jeringa descartable 50 ml con aguja 16 g","Sobre",10.09,75,{"v":756.75,"d":"757"},50,{"v":504.5,"d":"505"},0,0,0,0,0,0,0,0,125,{"v":1261.25,"d":"1,261"},38,0,"3.3","3.3",0,0,1326]
[null,"21026102001","Jeringa descartable 50 ml de bulbo sin aguja","Sobre",13.32,500,{"v":6660,"d":"6,660"},0,0,0,0,0,0,0,0,0,0,500,{"v":6660,"d":"6,660"},0,0,"00","00",0,0,221]
[null,"21026101001","Jeringa descartable de insulina 1 ml con aguja  27 g x  1/2\"","Sobre",1.55,0,0,0,0,0,0,0,0,0,0,0,0,0,0,288,300,"0.0","0.0",576,892.8,220]
[null,"20629901001","Lanceta descartable","Unidad",69.16,0,0,2,{"v":138.32,"d":"138"},0,0,0,0,0,0,0,0,2,{"v":138.32,"d":"138"},100,100,"0.0","0.0",198,13693.68,686]
[null,"20413401001","Lapiz para electro cauterio","Empaque",54.33,700,{"v":38031,"d":"38,031"},100,{"v":5433,"d":"5,433"},0,0,0,0,0,0,0,0,800,{"v":43464,"d":"43,464"},29,0,"27.6","27.6",0,0,392]
[null,"21038202002","Llave de paso de tres vias descartable","Sobre",12.38,0,0,50,619,0,0,50,619,0,0,0,0,0,0,33,0,"0.0","0.0",66,817.08,236]
[null,"20229601001","Mascarilla de oxigeno adulto","Funda",21.46,318,{"v":6824.28,"d":"6,824"},0,0,0,0,0,0,0,0,0,0,318,{"v":6824.28,"d":"6,824"},32,0,"9.9","9.9",0,0,480]
[null,"20229603001","Mascarilla de oxigeno con bolsa de reservorio pediatrica","Kit",27.19,562,{"v":15280.78,"d":"15,281"},0,0,0,0,0,0,0,0,0,0,562,{"v":15280.78,"d":"15,281"},45,0,"12.5","12.5",0,0,622]
[null,"20229603002","Mascarilla de oxigeno con bolsa reservorio adulto","Kit",89.9,310,{"v":27869,"d":"27,869"},0,0,0,0,0,0,0,0,0,0,310,{"v":27869,"d":"27,869"},18,0,"17.2","9.0",0,0,152]
[null,"20229601002","Mascarilla de oxigeno neonatal","Funda",30.77,28,{"v":861.56,"d":"862"},0,0,0,0,0,0,0,0,0,0,28,{"v":861.56,"d":"862"},22,0,"1.3","1.3",16,492.32,1170]
[null,"20229601003","Mascarilla de oxigeno pediatrica","Funda",20.82,{"v":3100,"d":"3,100"},{"v":64542,"d":"64,542"},0,0,0,0,0,0,0,0,0,0,{"v":3100,"d":"3,100"},{"v":64542,"d":"64,542"},43,0,"72.1","50.0",0,0,388]
[null,"21029601002","Mascarilla descartable n95","Unidad",23.1,842,{"v":19450.2,"d":"19,450"},0,0,0,0,0,0,0,0,0,0,842,{"v":19450.2,"d":"19,450"},86,0,"9.8","9.8",0,0,228]
[null,"20229602001","Mascarilla para nebulizacion adulto (kit)","Kit",27.94,835,{"v":23329.9,"d":"23,330"},0,0,0,0,600,{"v":16764,"d":"16,764"},0,0,0,0,235,{"v":6565.9,"d":"6,566"},283,0,"0.8","0.8",331,9248.14,150]
[null,"20229602002","Mascarilla para nebulizacion pediatrico (kit)","Kit",23.06,0,0,0,0,0,0,20,{"v":461.2,"d":"461"},20,{"v":461.2,"d":"461"},0,0,0,0,529,0,"0.0","0.0",{"v":1058,"d":"1,058"},24397.48,151]
[null,"21029601001","Mascarilla quirurgica descartable","Unidad",5.3,{"v":57300,"d":"57,300"},{"v":303690,"d":"303,690"},0,0,0,0,{"v":3350,"d":"3,350"},{"v":17755,"d":"17,755"},0,0,0,0,{"v":53950,"d":"53,950"},{"v":285935,"d":"285,935"},{"v":2392,"d":"2,392"},0,"22.6","17.0",0,0,227]
[null,"20534602001","Orinal para hombre","Unidad",50.31,34,{"v":1710.54,"d":"1,711"},0,0,0,0,0,0,0,0,0,0,34,{"v":1710.54,"d":"1,711"},4,0,"8.5","8.5",0,0,718]
[null,"21047902001","Pañal descartable para adulto (l)","Unidad",34.67,110,{"v":3813.7,"d":"3,814"},0,0,0,0,0,0,0,0,0,0,110,{"v":3813.7,"d":"3,814"},15,0,"7.3","7.3",0,0,420]
[null,"21047902002","Pañal descartable para adulto (m)","Unidad",29.96,60,{"v":1797.6,"d":"1,798"},0,0,0,0,0,0,0,0,30,{"v":898.8,"d":"899"},30,{"v":898.8,"d":"899"},19,0,"1.6","1.6",8,239.68,1180]
[null,"21047901001","Pañal descartable para neonato","Unidad",0,40,0,0,0,0,0,0,0,0,0,0,0,40,0,20,0,"2.0","2.0",0,0,1182]
[null,"21047901002","Pañal descartable para niños (l)","Unidad",9.14,84,{"v":767.76,"d":"768"},0,0,0,0,0,0,0,0,0,0,84,{"v":767.76,"d":"768"},25,0,"3.4","3.4",0,0,1183]
[null,"21047901003","Pañal descartable para niños (m)","Unidad",8.12,734,{"v":5960.08,"d":"5,960"},0,0,0,0,0,0,0,0,0,0,734,{"v":5960.08,"d":"5,960"},24,0,"30.6","23.0",0,0,1184]
[null,"21047901004","Pañal descartable para niños (s)","Unidad",7.3,316,{"v":2306.8,"d":"2,307"},0,0,0,0,0,0,0,0,0,0,316,{"v":2306.8,"d":"2,307"},40,0,"7.9","7.9",0,0,1185]
[null,"20436106001","Papel de sonografia 110 mm x 20  m","Unidad",322.78,70,{"v":22594.6,"d":"22,595"},0,0,0,0,0,0,0,0,0,0,70,{"v":22594.6,"d":"22,595"},0,0,"00","00",0,0,448]
[null,"20436102002","Papel ekg 80mm por 20mm","Unidad",600.05,58,{"v":34802.9,"d":"34,803"},0,0,0,0,28,{"v":16801.4,"d":"16,801"},0,0,30,{"v":18001.5,"d":"18,002"},0,0,20,2,"0.0","0.0",40,24002,395]
[null,"21029701001","Papel para camilla (20 \" x 50 yda)","Unidad",84.02,60,{"v":5041.2,"d":"5,041"},0,0,0,0,60,{"v":5041.2,"d":"5,041"},0,0,0,0,0,0,201,96,"0.0","0.0",402,33776.04,229]
[null,"20436102006","Papel sonografico upp 110s sony 110mm po 20 mm","Unidad",836.8,0,0,0,0,0,0,0,0,0,0,0,0,0,0,10,0,"0.0","0.0",20,16736,396]
[null,"20534601001","Pato para mujer","Unidad",73.54,0,0,0,0,0,0,0,0,0,0,0,0,0,0,3,0,"0.0","0.0",6,441.24,1152]
[null,"21000405002","Pericraneal n° 21","Sobre",4.23,400,{"v":1692,"d":"1,692"},200,846,0,0,0,0,0,0,0,0,600,{"v":2538,"d":"2,538"},233,0,"2.6","2.6",0,0,177]
[null,"21000405003","Pericraneal n° 23","Sobre",2.23,700,{"v":1561,"d":"1,561"},300,669,0,0,200,446,0,0,0,0,800,{"v":1784,"d":"1,784"},371,0,"2.2","2.2",0,0,453]
[null,"21000405004","Pericraneal n° 25","Sobre",2.72,{"v":1100,"d":"1,100"},{"v":2992,"d":"2,992"},200,544,0,0,300,816,0,0,0,0,{"v":1000,"d":"1,000"},{"v":2720,"d":"2,720"},370,0,"2.7","2.7",0,0,178]
[null,"20942901001","Perita nasal","Caja",18.06,373,{"v":6736.38,"d":"6,736"},0,0,0,0,60,{"v":1083.6,"d":"1,084"},0,0,0,0,313,{"v":5652.78,"d":"5,653"},60,0,"5.2","5.2",0,0,174]
[null,"20413602001","Placa para electro cauterio","Empaque",161.61,241,{"v":38948.01,"d":"38,948"},200,{"v":32322,"d":"32,322"},0,0,0,0,0,0,0,0,441,{"v":71270.01,"d":"71,270"},15,0,"29.4","17.5",0,0,394]
[null,"20639714002","Prueba confirmatoria","Frasco",0,4,0,0,0,0,0,0,0,0,0,0,0,4,0,0,0,"00","00",0,0,173]
[null,"20639714001","Prueba tamizaje","Frasco",0,13,0,0,0,0,0,0,0,0,0,0,0,13,0,0,0,"00","00",0,0,172]
[null,"20239801001","Resucitador manual adulto","Caja",306.94,6,{"v":1841.64,"d":"1,842"},0,0,0,0,0,0,0,0,0,0,6,{"v":1841.64,"d":"1,842"},2,0,"3.0","3.0",0,0,154]
[null,"20239801002","Resucitador manual neonatal","Caja",311,12,{"v":3732,"d":"3,732"},0,0,0,0,4,{"v":1244,"d":"1,244"},0,0,0,0,8,{"v":2488,"d":"2,488"},3,0,"2.7","2.7",0,0,567]
[null,"20239801003","Resucitador manual pediatrico","Caja",301.25,6,{"v":1807.5,"d":"1,808"},0,0,0,0,4,{"v":1205,"d":"1,205"},0,0,0,0,2,{"v":602.5,"d":"603"},5,0,"0.4","0.4",8,2410,566]
[null,"20540002001","Riñonera plastica","Unidad",0,28,0,0,0,0,0,0,0,0,0,0,0,28,0,0,0,"00","00",0,0,1332]
[null,"21012409001","Sello de agua","Unidad",704,0,0,0,0,0,0,0,0,0,0,0,0,0,0,3,0,"0.0","0.0",6,4224,509]
[null,"21042603001","Sonda alimentacion nasoduodenal n° 10","Funda",1595,87,{"v":138765,"d":"138,765"},0,0,0,0,0,0,0,0,0,0,87,{"v":138765,"d":"138,765"},20,0,"4.4","4.4",0,0,1269]
[null,"21042603002","Sonda alimentacion nasoduodenal n° 12","Funda",1754.5,50,{"v":87725,"d":"87,725"},0,0,0,0,0,0,0,0,0,0,50,{"v":87725,"d":"87,725"},20,0,"2.5","2.5",0,0,711]
[null,"21042606004","Sonda aspiracion o succion esteril n° 16","Funda",6,0,0,0,0,0,0,0,0,0,0,0,0,0,0,20,0,"0.0","0.0",40,240,712]
[null,"21042604001","Sonda de alimentacion nasogastrica tipo levin n° 10 fr (levin)","Funda",66.76,0,0,0,0,0,0,0,0,0,0,0,0,0,0,14,10,"0.0","0.0",28,1869.28,245]
[null,"21042604002","Sonda de alimentacion nasogastrica tipo levin n° 12 fr (levin)","Funda",391.5,192,{"v":75168,"d":"75,168"},0,0,0,0,10,{"v":3915,"d":"3,915"},0,0,0,0,182,{"v":71253,"d":"71,253"},11,0,"16.5","2.5",0,0,246]
[null,"21042604003","Sonda de alimentacion nasogastrica tipo levin n° 14 fr (levin)","Funda",19.53,30,{"v":585.9,"d":"586"},0,0,0,0,0,0,0,0,0,0,30,{"v":585.9,"d":"586"},12,10,"2.5","2.5",0,0,247]
[null,"21042604004","Sonda de alimentacion nasogastrica tipo levin n° 16 fr (levin)","Funda",7.44,229,{"v":1703.76,"d":"1,704"},0,0,0,0,0,0,0,0,0,0,229,{"v":1703.76,"d":"1,704"},25,0,"9.2","9.2",0,0,713]
[null,"21042604005","Sonda de alimentacion nasogastrica tipo levin n° 18 fr (levin)","Funda",6.96,43,{"v":299.28,"d":"299"},0,0,0,0,0,0,0,0,0,0,43,{"v":299.28,"d":"299"},0,0,"00","00",0,0,714]
[null,"21042604006","Sonda de alimentacion nasogastrica tipo levin n° 20 fr (levin)","Funda",5.68,24,{"v":136.32,"d":"136"},0,0,0,0,0,0,0,0,24,{"v":136.32,"d":"136"},0,0,0,0,"0","0",0,0,715]
[null,"21042604007","Sonda de alimentacion nasogastrica tipo levin n° 5 fr","Funda",5.83,64,{"v":373.12,"d":"373"},0,0,0,0,0,0,0,0,0,0,64,{"v":373.12,"d":"373"},10,0,"6.4","6.4",0,0,248]
[null,"21042604008","Sonda de alimentacion nasogastrica tipo levin n° 6 fr (levin)","Funda",5.3,606,{"v":3211.8,"d":"3,212"},0,0,0,0,0,0,0,0,0,0,606,{"v":3211.8,"d":"3,212"},150,0,"4.0","4.0",0,0,1246]
[null,"21042604009","Sonda de alimentacion nasogastrica tipo levin n° 8 fr (levin)","Funda",5.32,200,{"v":1064,"d":"1,064"},0,0,0,0,0,0,0,0,0,0,200,{"v":1064,"d":"1,064"},93,0,"2.2","2.2",0,0,249]
[null,"21042604011","Sonda nutricion enteral n° 10","Funda",2090.05,0,0,0,0,0,0,0,0,0,0,0,0,0,0,3,0,"0.0","0.0",6,12540.3,1255]
[null,"21042604012","Sonda nutricion enteral n° 8","Funda",2585.11,0,0,0,0,0,0,0,0,0,0,0,0,0,0,12,0,"0.0","0.0",24,62042.64,1256]
[null,"21042602001","Sonda vesical tipo foley 2 vias n° 10","Funda",51.41,46,{"v":2364.86,"d":"2,365"},0,0,0,0,0,0,0,0,0,0,46,{"v":2364.86,"d":"2,365"},7,0,"6.6","6.6",0,0,240]
[null,"21042602002","Sonda vesical tipo foley 2 vias n° 12","Funda",49.86,32,{"v":1595.52,"d":"1,596"},0,0,0,0,0,0,0,0,0,0,32,{"v":1595.52,"d":"1,596"},8,0,"4.0","4.0",0,0,241]
[null,"21042602003","Sonda vesical tipo foley 2 vias n° 14","Funda",26.35,80,{"v":2108,"d":"2,108"},0,0,0,0,10,{"v":263.5,"d":"264"},0,0,0,0,70,{"v":1844.5,"d":"1,845"},10,0,"7.0","7.0",0,0,242]
[null,"21042602004","Sonda vesical tipo foley 2 vias n° 16","Funda",32.21,40,{"v":1288.4,"d":"1,288"},0,0,0,0,0,0,0,0,0,0,40,{"v":1288.4,"d":"1,288"},0,0,"00","00",0,0,243]
[null,"21042602005","Sonda vesical tipo foley 2 vias n° 18","Funda",18.56,24,{"v":445.44,"d":"445"},0,0,0,0,0,0,0,0,0,0,24,{"v":445.44,"d":"445"},10,0,"2.4","2.4",0,0,416]
[null,"21042602007","Sonda vesical tipo foley 2 vias n° 22","Funda",65.75,10,{"v":657.5,"d":"658"},0,0,0,0,0,0,0,0,0,0,10,{"v":657.5,"d":"658"},0,0,"00","00",0,0,1318]
[null,"21042602009","Sonda vesical tipo foley 2 vias n° 8","Funda",80.46,10,{"v":804.6,"d":"805"},0,0,0,0,10,{"v":804.6,"d":"805"},0,0,0,0,0,0,10,0,"0.0","0.0",20,1609.2,244]
[null,"20601128001","Suero anti a , Frasco x 10 ml","Frasco",1750,3,{"v":5250,"d":"5,250"},0,0,0,0,0,0,0,0,3,{"v":5250,"d":"5,250"},0,0,0,0,"0","0",0,0,168]
[null,"21024102003","Sutura antimicrobiana de poliglactina trenzado 0 con aguja curva roma 1/2 de 22 mm x 70 cm","Sobre",77,288,{"v":22176,"d":"22,176"},0,0,0,0,0,0,0,0,0,0,288,{"v":22176,"d":"22,176"},0,0,"00","00",0,0,610]
[null,"21024102004","Sutura antimicrobiana de poliglactina trenzado 1 con aguja curva cortante 1/2 de 26 mm x 70 cm","Sobre",68.2,0,0,72,{"v":4910.4,"d":"4,910"},0,0,0,0,0,0,0,0,72,{"v":4910.4,"d":"4,910"},0,0,"00","00",0,0,1351]
[null,"21024102006","Sutura antimicrobiana de poliglactina trenzado 2-0 con aguja curva cortante 1/2 de 27 mm x 70 cm","Sobre",51.7,48,{"v":2481.6,"d":"2,482"},72,{"v":3722.4,"d":"3,722"},0,0,24,{"v":1240.8,"d":"1,241"},0,0,0,0,96,{"v":4963.2,"d":"4,963"},36,24,"2.7","2.7",0,0,1258]
[null,"21024102002","Sutura antimicrobiana de poliglactina trenzado 3-0 con aguja curva roma 1/2 de 26 mm x 70 cm","Sobre",121.28,{"v":1620,"d":"1,620"},{"v":196473.6,"d":"196,474"},0,0,0,0,0,0,0,0,0,0,{"v":1620,"d":"1,620"},{"v":196473.6,"d":"196,474"},96,0,"16.9","7.4",0,0,203]
[null,"21024102010","Sutura antimicrobiana de poliglactina trenzado 4-0 con aguja curva cortante 3/8 de 19 mm x 45 cm","Sobre",63.48,0,0,24,{"v":1523.52,"d":"1,524"},0,0,0,0,0,0,0,0,24,{"v":1523.52,"d":"1,524"},0,0,"00","00",0,0,1352]
[null,"21024102012","Sutura antimicrobiana de poliglactina trenzado 4-0 con aguja curva roma 1/2 de 26 mm x 70 cm","Sobre",72.6,0,0,24,{"v":1742.4,"d":"1,742"},0,0,48,{"v":3484.8,"d":"3,485"},24,{"v":1742.4,"d":"1,742"},0,0,0,0,48,0,"0.0","0.0",96,6969.6,204]
[null,"21024102014","Sutura antimicrobiana de poliglactina trenzado 5-0 con aguja curva roma 1/2 de 17 mm x 70 cm","Sobre",84.96,0,0,0,0,0,0,0,0,0,0,0,0,0,0,36,0,"0.0","0.0",72,6117.12,449]
[null,"21024102015","Sutura antimicrobiana de poliglactina trenzado 6-0 con aguja curva cortante 3/8 de 13 mm x 45 cm","Sobre",69.37,0,0,24,{"v":1664.88,"d":"1,665"},0,0,0,0,0,0,0,0,24,{"v":1664.88,"d":"1,665"},0,0,"00","00",0,0,1353]
[null,"21024104003","Sutura de acido poliglicolico 1-0 con  aguja curva roma 1/2 de 35 mm x 75 cm","Sobre",43.99,0,0,24,{"v":1055.76,"d":"1,056"},0,0,0,0,0,0,0,0,24,{"v":1055.76,"d":"1,056"},0,0,"00","00",0,0,1355]
[null,"21024104002","Sutura de acido poliglicolico 2-0 con  aguja curva cortante 3/8 de 24 mm x 75 cm","Sobre",60.5,24,{"v":1452,"d":"1,452"},0,0,0,0,0,0,0,0,0,0,24,{"v":1452,"d":"1,452"},0,0,"00","00",0,0,438]
[null,"21024104008","Sutura de acido poliglicolico 3-0 con aguja curva roma 1/2 de 26 mm x 75 cm","Sobre",46.32,0,0,24,{"v":1111.68,"d":"1,112"},0,0,0,0,0,0,0,0,24,{"v":1111.68,"d":"1,112"},0,0,"00","00",0,0,1349]
[null,"21024105010","Sutura de catgut cromado 0 con aguja curva roma 1/2 de 25 mm x 70 mm","Sobre",36.56,288,{"v":10529.28,"d":"10,529"},0,0,0,0,0,0,0,0,0,0,288,{"v":10529.28,"d":"10,529"},0,0,"00","00",0,0,1319]
[null,"21024105002","Sutura de catgut cromado 1-0 con aguja curva roma 1/2 de 36.4 mm x 70 cm","Sobre",32.66,0,0,0,0,0,0,0,0,0,0,0,0,0,0,24,0,"0.0","0.0",48,1567.68,208]
[null,"21024105004","Sutura de catgut cromado 2-0 con aguja curva roma 1/2 de 36.4 mm x 70 cm","Sobre",47.29,192,{"v":9079.68,"d":"9,080"},0,0,0,0,0,0,0,0,0,0,192,{"v":9079.68,"d":"9,080"},24,0,"8.0","8.0",0,0,209]
[null,"21024105006","Sutura de catgut cromado 3-0 con aguja curva roma 1/2  de 25 mm x 70 cm","Sobre",69.65,72,{"v":5014.8,"d":"5,015"},0,0,0,0,0,0,0,0,0,0,72,{"v":5014.8,"d":"5,015"},48,0,"1.5","1.5",24,1671.6,210]
[null,"21024105007","Sutura de catgut cromado 4-0 con aguja curva roma 1/2 de 25 mm x 70 cm","Sobre",34.9,192,{"v":6700.8,"d":"6,701"},0,0,0,0,0,0,0,0,0,0,192,{"v":6700.8,"d":"6,701"},24,0,"8.0","8.0",0,0,211]
[null,"21024106003","Sutura de nailon monofilamento 2-0 con aguja curva cortante 3/8 de 18.7 mm x 75 cm","Sobre",24.04,0,0,0,0,0,0,0,0,0,0,0,0,0,0,30,0,"0.0","0.0",60,1442.4,212]
[null,"21024106004","Sutura de nailon monofilamento 2-0 con aguja curva cortante 3/8 de 26 mm x 45 cm (tendones)","Sobre",22.55,48,{"v":1082.4,"d":"1,082"},0,0,0,0,0,0,0,0,0,0,48,{"v":1082.4,"d":"1,082"},0,0,"00","00",0,0,1341]
[null,"21024106005","Sutura de nailon monofilamento 2-0 con aguja curva cortante 3/8 de 63 mm x 45 cm","Sobre",39.72,264,{"v":10486.08,"d":"10,486"},0,0,0,0,0,0,0,0,0,0,264,{"v":10486.08,"d":"10,486"},36,0,"7.3","7.3",0,0,609]
[null,"21024106006","Sutura de nailon monofilamento 3-0  con aguja curva cortante 3/8 de 24.3 mm x 45 cm","Sobre",76.62,480,{"v":36777.6,"d":"36,778"},0,0,0,0,0,0,0,0,0,0,480,{"v":36777.6,"d":"36,778"},50,0,"9.6","9.6",0,0,608]
[null,"21024106012","Sutura de nailon monofilamento 4-0 con aguja curva cortante 3/8 de 13 mm x 45 cm (tendones)","Sobre",27.14,792,{"v":21494.88,"d":"21,495"},0,0,0,0,0,0,0,0,22,{"v":597.08,"d":"597"},770,{"v":20897.8,"d":"20,898"},34,0,"22.6","22.6",0,0,409]
[null,"21024106013","Sutura de nailon monofilamento 4-0 con aguja curva cortante 3/8 de 20 mm x 45 cm (piel)","Sobre",29.4,240,{"v":7056,"d":"7,056"},0,0,0,0,0,0,0,0,0,0,240,{"v":7056,"d":"7,056"},30,0,"8.0","8.0",0,0,213]
[null,"21024106014","Sutura de nailon monofilamento 5-0 con aguja curva cortante 3/8 de 13 mm x 45 cm (tendones)","Sobre",451.97,12,{"v":5423.64,"d":"5,424"},0,0,0,0,0,0,0,0,0,0,12,{"v":5423.64,"d":"5,424"},34,0,"0.4","0.4",56,25310.32,410]
[null,"21024106016","Sutura de nailon monofilamento 5-0 con aguja curva cortante 3/8 de 20 mm x 45 cm (piel)","Sobre",48.94,108,{"v":5285.52,"d":"5,286"},0,0,0,0,0,0,0,0,0,0,108,{"v":5285.52,"d":"5,286"},24,0,"4.5","4.5",0,0,411]
[null,"21024106017","Sutura de nailon monofilamento 6-0 con aguja curva cortante 3/8 de 13 mm x 45 cm (piel)","Sobre",31.35,144,{"v":4514.4,"d":"4,514"},0,0,0,0,0,0,0,0,0,0,144,{"v":4514.4,"d":"4,514"},0,0,"00","00",0,0,214]
[null,"21024108004","Sutura de polipropileno 2-0  con aguja curva cortante 3/8 de 26 mm x 45 cm","Sobre",1850,96,{"v":177600,"d":"177,600"},0,0,0,0,0,0,0,0,0,0,96,{"v":177600,"d":"177,600"},0,0,"00","00",0,0,611]
[null,"21024108005","Sutura de polipropileno 2-0 con aguja curva roma 1/2 de 26 mm x 75 cm (gastrointestinal/fascia)","Sobre",54.33,72,{"v":3911.76,"d":"3,912"},24,{"v":1303.92,"d":"1,304"},0,0,0,0,0,0,0,0,96,{"v":5215.68,"d":"5,216"},30,0,"3.2","3.2",0,0,412]
[null,"21024108010","Sutura de polipropileno 4-0 con aguja curva roma 1/2 de 17 mm x 75 cm","Sobre",42.11,48,{"v":2021.28,"d":"2,021"},0,0,0,0,0,0,0,0,0,0,48,{"v":2021.28,"d":"2,021"},0,0,"00","00",0,0,1014]
[null,"21024110002","Sutura de seda esteril 0 con aguja curva roma 1/2 de 26 mm x 75 cm","Sobre",36.75,768,{"v":28224,"d":"28,224"},0,0,0,0,0,0,0,0,0,0,768,{"v":28224,"d":"28,224"},0,0,"00","00",0,0,215]
[null,"21024110003","Sutura de seda esteril 1-0 con aguja curva roma 1/2 de 26 mm x 75 cm (conductos y vasos)","Sobre",35.59,180,{"v":6406.2,"d":"6,406"},0,0,0,0,0,0,0,0,0,0,180,{"v":6406.2,"d":"6,406"},0,0,"00","00",0,0,784]
[null,"21024110004","Sutura de seda esteril 2-0 con aguja curva cortante de 3/8 de 26 mm x 45 cm","Sobre",26.4,120,{"v":3168,"d":"3,168"},0,0,0,0,36,{"v":950.4,"d":"950"},0,0,0,0,84,{"v":2217.6,"d":"2,218"},36,0,"2.3","2.3",0,0,1345]
[null,"21024110013","Sutura de seda esteril 2-0 con aguja curva cortante de 3/8 de 26 mm x 75 cm","Sobre",36.73,144,{"v":5289.12,"d":"5,289"},0,0,0,0,0,0,0,0,0,0,144,{"v":5289.12,"d":"5,289"},60,0,"2.4","2.4",0,0,613]
[null,"21024110006","Sutura de seda esteril 2-0 con aguja curva roma 1/2 de 25 mm x 75 cm","Sobre",27.49,0,0,24,{"v":659.76,"d":"660"},0,0,0,0,0,0,0,0,24,{"v":659.76,"d":"660"},0,0,"00","00",0,0,1350]
[null,"21024110009","Sutura de seda esteril 3-0 con aguja curva roma 1/2 de 22 mm x 75 cm (gastrointestinal)","Sobre",39.73,408,{"v":16209.84,"d":"16,210"},0,0,0,0,0,0,0,0,0,0,408,{"v":16209.84,"d":"16,210"},24,0,"17.0","17.0",0,0,216]
[null,"21024110011","Sutura de seda esteril 4-0 con aguja curva roma 1/2 de 26 mm x 75 cm(conductos y vasos)","Sobre",31.08,120,{"v":3729.6,"d":"3,730"},0,0,0,0,0,0,0,0,0,0,120,{"v":3729.6,"d":"3,730"},0,0,"00","00",0,0,218]
[null,"21024110012","Sutura de seda esteril 5-0 con aguja curva-roma 1/2 de 17 mm x 75 cm (conductos y vasos)","Sobre",35.93,144,{"v":5173.92,"d":"5,174"},0,0,0,0,0,0,0,0,0,0,144,{"v":5173.92,"d":"5,174"},0,0,"00","00",0,0,219]
[null,"21120106002","Tablilla para inmovilizacion de tobillo (m)","Unidad",36.46,50,{"v":1823,"d":"1,823"},0,0,0,0,50,{"v":1823,"d":"1,823"},0,0,0,0,0,0,84,50,"0.0","0.0",168,6125.28,1273]
[null,"21120106003","Tablilla para inmovilizacion de tobillo (s)","Unidad",31.9,200,{"v":6380,"d":"6,380"},0,0,0,0,75,{"v":2392.5,"d":"2,393"},0,0,0,0,125,{"v":3987.5,"d":"3,988"},88,25,"1.4","1.4",51,1626.9,1342]
[null,"20943901003","Termometro digital","Unidad",89.43,20,{"v":1788.6,"d":"1,789"},0,0,0,0,20,{"v":1788.6,"d":"1,789"},0,0,0,0,0,0,41,60,"0.0","0.0",82,7333.26,772]
[null,"20943901001","Termometro oral","Unidad",200,0,0,0,0,0,0,0,0,0,0,0,0,0,0,79,0,"0.0","0.0",158,31600,175]
[null,"21029704001","Tirillas p/ glucometro caja x 50","Caja",245,{"v":1574,"d":"1,574"},{"v":385630,"d":"385,630"},0,0,0,0,200,{"v":49000,"d":"49,000"},0,0,0,0,{"v":1374,"d":"1,374"},{"v":336630,"d":"336,630"},150,0,"9.2","0.5",0,0,414]
[null,"21547901001","Traje desechable (overol de cuerpo completo) m","Caja",0.01,967,{"v":9.67,"d":"10"},0,0,0,0,0,0,0,0,0,0,967,{"v":9.67,"d":"10"},15,0,"64.5","51.0",0,0,421]
[null,"21045802002","Tubo de drenaje toraxico n° 12 fr","Empaque",1328.57,9,{"v":11957.13,"d":"11,957"},0,0,0,0,0,0,0,0,0,0,9,{"v":11957.13,"d":"11,957"},5,0,"1.8","1.8",1,1328.57,1244]
[null,"21045802003","Tubo de drenaje toraxico n° 14 fr","Empaque",159,9,{"v":1431,"d":"1,431"},0,0,0,0,0,0,0,0,9,{"v":1431,"d":"1,431"},0,0,3,0,"0.0","0.0",6,954,1156]
[null,"21045802004","Tubo de drenaje toraxico n° 16 fr","Empaque",0,0,0,0,0,0,0,0,0,0,0,0,0,0,0,4,4,"0.0","0.0",8,0,417]
[null,"21045802005","Tubo de drenaje toraxico n° 20 fr","Empaque",728.5,8,{"v":5828,"d":"5,828"},0,0,0,0,0,0,0,0,8,{"v":5828,"d":"5,828"},0,0,2,0,"0.0","0.0",4,2914,618]
[null,"21045802008","Tubo de drenaje toraxico n° 8 fr","Empaque",0,0,0,0,0,0,0,0,0,0,0,0,0,0,0,5,0,"0.0","0.0",10,0,418]
[null,"20245801001","Tubo endotraqueal  descartable n° 7.5 con balon","Empaque",54.5,10,545,0,0,0,0,0,0,0,0,0,0,10,545,0,0,"00","00",0,0,155]
[null,"20245801004","Tubo endotraqueal descartable n° 2.5 sin balon","Empaque",21.56,90,{"v":1940.4,"d":"1,940"},0,0,0,0,0,0,0,0,0,0,90,{"v":1940.4,"d":"1,940"},10,0,"9.0","9.0",0,0,389]
[null,"20245801005","Tubo endotraqueal descartable n° 3.0 sin balon","Empaque",83.33,180,{"v":14999.4,"d":"14,999"},0,0,0,0,0,0,0,0,10,{"v":833.3,"d":"833"},170,{"v":14166.1,"d":"14,166"},13,0,"13.1","13.1",0,0,156]
[null,"20245801006","Tubo endotraqueal descartable n° 3.5 sin balon","Empaque",49.5,30,{"v":1485,"d":"1,485"},0,0,0,0,0,0,0,0,0,0,30,{"v":1485,"d":"1,485"},17,0,"1.8","1.8",4,198,157]
[null,"20245801007","Tubo endotraqueal descartable n° 4.0 sin balon","Empaque",22.64,33,{"v":747.12,"d":"747"},0,0,0,0,0,0,0,0,0,0,33,{"v":747.12,"d":"747"},17,0,"1.9","1.9",1,22.64,390]
[null,"20245801008","Tubo endotraqueal descartable n° 4.5 con balon","Empaque",45.66,30,{"v":1369.8,"d":"1,370"},0,0,0,0,10,{"v":456.6,"d":"457"},10,{"v":456.6,"d":"457"},0,0,30,{"v":1369.8,"d":"1,370"},17,0,"1.8","1.8",4,182.64,158]
[null,"20245801009","Tubo endotraqueal descartable n° 5 con balon","Empaque",88,0,0,0,0,0,0,0,0,0,0,0,0,0,0,14,0,"0.0","0.0",28,2464,159]
[null,"20245801010","Tubo endotraqueal descartable n° 5.5 con balon","Empaque",52.8,20,{"v":1056,"d":"1,056"},0,0,0,0,0,0,0,0,0,0,20,{"v":1056,"d":"1,056"},12,0,"1.7","1.7",4,211.2,160]
[null,"20245801011","Tubo endotraqueal descartable n° 6.5 con balon","Empaque",49.5,21,{"v":1039.5,"d":"1,040"},0,0,0,0,0,0,0,0,0,0,21,{"v":1039.5,"d":"1,040"},20,0,"1.1","1.1",19,940.5,791]
[null,"20245801012","Tubo endotraqueal descartable n° 7.0 con balon","Empaque",83.33,20,{"v":1666.6,"d":"1,667"},0,0,0,0,0,0,0,0,0,0,20,{"v":1666.6,"d":"1,667"},10,0,"2.0","2.0",0,0,600]
[null,"20245801013","Tubo endotraqueal descartable n° 8.0 con balon","Empaque",35.26,29,{"v":1022.54,"d":"1,023"},0,0,0,0,0,0,0,0,0,0,29,{"v":1022.54,"d":"1,023"},0,0,"00","00",0,0,161]
[null,"20245801015","Tubo endotraqueal descartable n° 9.0 con balon","Empaque",13.5,15,{"v":202.5,"d":"203"},0,0,0,0,0,0,0,0,0,0,15,{"v":202.5,"d":"203"},0,0,"00","00",0,0,391]
[null,"20245801017","Tubo endotraqueal descartable nº 6.0 con balon","Empaque",49.5,30,{"v":1485,"d":"1,485"},0,0,0,0,0,0,0,0,0,0,30,{"v":1485,"d":"1,485"},23,0,"1.3","1.3",16,792,162]
[null,"21046702009","Venda de yeso 4\" x 5 yd","Sobre",20.66,12,{"v":247.92,"d":"248"},0,0,0,0,24,{"v":495.84,"d":"496"},48,{"v":991.68,"d":"992"},0,0,36,{"v":743.76,"d":"744"},23,0,"1.6","1.6",10,206.6,716]
[null,"21046702013","Venda de yeso 6\" x 5 yd","Sobre",40.44,99,{"v":4003.56,"d":"4,004"},0,0,0,0,0,0,0,0,0,0,99,{"v":4003.56,"d":"4,004"},27,0,"3.7","3.7",0,0,253]
[null,"21046701003","Venda elastica 4\" x 5 yd","Funda",165.29,90,{"v":14876.1,"d":"14,876"},0,0,0,0,34,{"v":5619.86,"d":"5,620"},0,0,0,0,56,{"v":9256.24,"d":"9,256"},33,0,"1.7","1.7",10,1652.9,250]
[null,"21046701005","Venda elastica 6\" x 5 yd","Funda",21.87,0,0,0,0,0,0,0,0,0,0,0,0,0,0,28,0,"0.0","0.0",56,1224.72,251]
[null,"21047601001","Zapato de cirugia descartable","Caja",2.35,{"v":1000,"d":"1,000"},{"v":2350,"d":"2,350"},0,0,0,0,0,0,0,0,0,0,{"v":1000,"d":"1,000"},{"v":2350,"d":"2,350"},871,0,"1.1","1.1",742,1743.7,419]
[null,"OP5","AGUJA EPIDURAL NO. 23 UNIDAD","Unidad",178,50,{"v":8900,"d":"8,900"},0,0,0,0,0,0,0,0,0,0,50,{"v":8900,"d":"8,900"},0,0,"00","00",0,0,472]
[null,"OM111","Agujas Hipodermicas 18g x 1","Unidad",5.1,900,{"v":4590,"d":"4,590"},0,0,0,0,100,510,0,0,0,0,800,{"v":4080,"d":"4,080"},133,0,"6.0","4.5",0,0,1225]
[null,"OM100","Albendazol 400 mg/10ml suspension sobres (Dosis unica)","Unidad",4.56,150,684,0,0,0,0,0,0,0,0,0,0,150,684,20,0,"7.5","7.5",0,0,1139]
[null,"OM80","Albuterol 2.5 mg/3ml para nebulizar inhalacion Ampollas","Unidad",92.87,0,0,0,0,0,0,0,0,0,0,0,0,0,0,75,0,"0.0","0.0",150,13930.5,957]
[null,"OM74","ANESTESIA 3% LIDOCAINA OD","Caja",1247,8,{"v":9976,"d":"9,976"},0,0,0,0,0,0,0,0,8,{"v":9976,"d":"9,976"},0,0,0,0,"0","0",0,0,938]
[null,"OM141","ANFOTERICINA B X1 VIAL","Vial",5800,0,0,0,0,0,0,0,0,0,0,0,0,0,0,14,0,"0.0","0.0",28,162400,1334]
[null,"OM104","BRAZALETES PACIENTE VERDE ADULTOS","Unidad",8.5,900,{"v":7650,"d":"7,650"},0,0,200,{"v":1700,"d":"1,700"},0,0,0,0,0,0,700,{"v":5950,"d":"5,950"},200,0,"3.5","3.5",0,0,1172]
[null,"OM71","BUDESODIDA 0.75 MG/3ML/ NEBULIZAR-SOL.","Unidad",156.73,108,{"v":16926.84,"d":"16,927"},0,0,0,0,96,{"v":15046.08,"d":"15,046"},0,0,0,0,12,{"v":1880.76,"d":"1,881"},282,204,"0.0","0.0",552,86514.96,932]
[null,"OM49","budesonida p/nebulizar 0.25 mg/ml ampolla","Unidad",0,0,0,0,0,0,0,0,0,0,0,0,0,0,0,120,0,"0.0","0.0",240,0,710]
[null,"OM82","budesonide 0.75 mg neb/inhalacion","Unidad",0,0,0,0,0,0,0,0,0,0,0,0,0,0,0,83,0,"0.0","0.0",166,0,966]
[null,"OM124","CITRATO DE CAFEINA, SOLUCION ORAL, PD 20MG/3ML","Frasco",847.99,2,{"v":1695.98,"d":"1,696"},2,{"v":1695.98,"d":"1,696"},0,0,0,0,0,0,0,0,4,{"v":3391.96,"d":"3,392"},2,0,"2.0","2.0",0,0,1295]
[null,"OM126","CLONIDINA, TABLETA, 0.1MG","Tableta",23.56,0,0,0,0,0,0,0,0,0,0,0,0,0,0,60,0,"0.0","0.0",120,2827.2,1297]
[null,"OM117","CLORURO DE SODIO 0.45%, BOLSA X 1000 ML, UNIDAD","Bolsa",167.68,0,0,0,0,0,0,0,0,0,0,0,0,0,0,86,0,"0.0","0.0",172,28840.96,1248]
[null,"OM118","CLORURO DE SODIO 0.45%, FRASCO X 500 ML, UNIDAD","Frasco",150,0,0,0,0,0,0,0,0,0,0,0,0,0,0,60,0,"0.0","0.0",120,18000,1250]
[null,"OM110","Dexketoprofeno Trometamol 50 mg/2ml Iny","Unidad",0,0,0,0,0,0,0,0,0,0,0,0,0,0,0,5,0,"0.0","0.0",10,0,1224]
[null,"OM144","DICLOFENACO  IV/IM  75MG/3ML","Ampolla",100,0,0,0,0,0,0,0,0,0,0,0,0,0,0,50,0,"0.0","0.0",100,10000,1347]
[null,"OM135","DIPIRONA","Unidad",129.97,0,0,0,0,0,0,0,0,0,0,0,0,0,0,25,0,"0.0","0.0",50,6498.5,1310]
[null,"OP27","DISCO DE SENSIBILIDAD FOSFOMICINA FOS-200 200MCG  V/50 LAB","Unidad",408,3,{"v":1224,"d":"1,224"},0,0,0,0,0,0,0,0,0,0,3,{"v":1224,"d":"1,224"},0,0,"00","00",0,0,505]
[null,"OP25","DISCO DE SENSIBILIDAD GENTAMICINA 10 MCG /50 BD LAB","Unidad",402,3,{"v":1206,"d":"1,206"},0,0,0,0,0,0,0,0,0,0,3,{"v":1206,"d":"1,206"},0,0,"00","00",0,0,498]
[null,"OM99","Enoxaparina 40 mg/0.4 ml Jeringa recargable IV","Unidad",151.8,89,{"v":13510.2,"d":"13,510"},0,0,0,0,0,0,0,0,79,{"v":11992.2,"d":"11,992"},10,{"v":1518,"d":"1,518"},0,0,"00","00",0,0,1137]
[null,"OM60","ENTEROGERMINA","Unidad",138.55,0,0,0,0,0,0,0,0,0,0,0,0,0,0,60,0,"0.0","0.0",120,16626,922]
[null,"OM95","ENTEROGERMINA 2000 millones (2 millardos)/5 mL Suspensión oral","Unidad",0,0,0,0,0,0,0,0,0,0,0,0,0,0,0,45,0,"0.0","0.0",90,0,1027]
[null,"OM38","EYECTOR PLASTICO ENDODONTICO DE SALIVA 1X100 JPS PAQUETES","Empaque",274.41,5,{"v":1372.05,"d":"1,372"},0,0,0,0,0,0,0,0,3,{"v":823.23,"d":"823"},2,{"v":548.82,"d":"549"},0,0,"00","00",0,0,514]
[null,"OM106","fentanilo 0.05/ml 0,0785 x1 ml ampolla","Unidad",76.98,0,0,0,0,0,0,0,0,0,0,0,0,0,0,50,0,"0.0","0.0",100,7698,1178]
[null,"OM56","Glutapak- R","Unidad",1353.2,0,0,0,0,0,0,0,0,0,0,0,0,0,0,20,0,"0.0","0.0",40,54128,917]
[null,"OM52","HIDRALAZINA CLORHIDRATO INY. 20 MG/ML","Ampolla",29.56,50,{"v":1478,"d":"1,478"},100,{"v":2956,"d":"2,956"},0,0,20,{"v":591.2,"d":"591"},0,0,0,0,130,{"v":3842.8,"d":"3,843"},20,0,"6.5","6.5",0,0,822]
[null,"OM67","hidroclorotiazida 25 mg ORAL","Unidad",0.6,200,120,0,0,0,0,0,0,0,0,0,0,200,120,0,0,"00","00",0,0,929]
[null,"OM131","IMIPENEM + CILASTATINA SODICA INY.500MG VIAL","Vial",148.46,328,{"v":48694.88,"d":"48,695"},0,0,0,0,0,0,0,0,0,0,328,{"v":48694.88,"d":"48,695"},0,0,"00","00",0,0,1306]
[null,"OM129","ION-K ELIXIR 240ML","Unidad",4975.05,0,0,0,0,0,0,0,0,0,0,0,0,0,0,10,0,"0.0","0.0",20,99501,1301]
[null,"OM102","Isoniazida+Rifampicina 300+300 mg tabletas","Unidad",0,0,0,576,0,0,0,0,0,0,0,576,0,0,0,0,0,"0","0",0,0,1153]
[null,"OM132","ITRACONAZOL 100MG BLISTER UNIDAD","Cápsula",2.08,100,208,0,0,0,0,0,0,0,0,0,0,100,208,0,0,"00","00",0,0,1307]
[null,"OM77","ketorolaco 60mg/2ml inyectable","Unidad",8.25,200,{"v":1650,"d":"1,650"},0,0,0,0,0,0,0,0,0,0,200,{"v":1650,"d":"1,650"},100,0,"2.0","2.0",0,0,942]
[null,"OM96","Lactulosa jarabe 66.7 g/100 ml/240 ml.","Unidad",206.73,34,{"v":7028.82,"d":"7,029"},10,{"v":2067.3,"d":"2,067"},0,0,0,0,0,0,0,0,44,{"v":9096.12,"d":"9,096"},7,0,"6.3","5.9",0,0,1073]
[null,"OM116","Levetiracetam 500 mg amp iny unidad","Unidad",5284.5,0,0,0,0,0,0,0,0,0,0,0,0,0,0,38,0,"0.0","0.0",76,401622,1238]
[null,"OM86","levofloxacina 500 mg/100 ml infusion frasco vial","Unidad",32.8,199,{"v":6527.2,"d":"6,527"},0,0,0,0,0,0,0,0,0,0,199,{"v":6527.2,"d":"6,527"},0,0,"00","00",0,0,968]
[null,"OM120","LISOZIMA 250 MG, 30 CAPSULAS","Cápsula",0,0,0,0,0,0,0,0,0,0,0,0,0,0,0,80,0,"0.0","0.0",160,0,1251]
[null,"OP7","LUBRICANTE GEL TUBO 80 G UNIDAD","Tubo",44.09,0,0,0,0,0,0,0,0,0,0,0,0,0,0,19,5,"0.0","0.0",38,1675.42,474]
[null,"OM97","metronidazol benzoato suspension frasco 120 ml","Unidad",40.39,0,0,20,{"v":807.8,"d":"808"},0,0,0,0,0,0,0,0,20,{"v":807.8,"d":"808"},6,0,"3.3","3.3",0,0,1074]
[null,"OM133","NIFEDIPINA 20MG BLISTER UNIDAD","Cápsula",0.2,0,0,0,0,0,0,0,0,0,0,0,0,0,0,100,0,"0.0","0.0",200,40,1308]
[null,"OP9","NITROGLICERINA 0.4 MG/ HR PANCHE UNIDAD","Unidad",1.25,30,{"v":37.5,"d":"38"},0,0,0,0,0,0,0,0,0,0,30,{"v":37.5,"d":"38"},0,0,"00","00",0,0,476]
[null,"OM92","Nor-Crezinc Jarabe","Unidad",0,0,0,0,0,0,0,0,0,0,0,0,0,0,0,4,0,"0.0","0.0",8,0,1024]
[null,"OM81","Olanzapina 10 mg inyectable intra.","Unidad",4912.5,0,0,30,{"v":147375,"d":"147,375"},0,0,35,{"v":171937.5,"d":"171,938"},5,{"v":24562.5,"d":"24,563"},0,0,0,0,28,0,"0.0","0.0",56,275100,958]
[null,"OM121","ONDANSETRON INYRCCION BP 8 MG/4ML, VIAL, UND","Vial",713.82,0,0,0,0,0,0,0,0,0,0,0,0,0,0,10,0,"0.0","0.0",20,14276.4,1252]
[null,"OM113","Papel para esterilizar envolturas de gasas.","Unidad",14880,4,{"v":59520,"d":"59,520"},0,0,0,0,0,0,0,0,0,0,4,{"v":59520,"d":"59,520"},0,0,"00","00",0,0,1233]
[null,"OM123","PENICILINA G. CRISTALINA INY.IM 1,000,000 UI, VIAL","Vial",15.4,100,{"v":1540,"d":"1,540"},0,0,0,0,150,{"v":2310,"d":"2,310"},50,770,0,0,0,0,150,0,"0.0","0.0",300,4620,1294]
[null,"OM122","PIPERAZINA JARABE 120 ML, UNIDAD","Unidad",149.08,2,{"v":298.16,"d":"298"},0,0,0,0,0,0,0,0,0,0,2,{"v":298.16,"d":"298"},3,0,"0.7","0.7",4,596.32,1279]
[null,"OM119","PLEUROVAC, UNIDAD","Unidad",3792.86,0,0,0,0,0,0,0,0,0,0,0,0,0,0,5,0,"0.0","0.0",10,37928.6,1249]
[null,"OM59","PREGABALINA 75 MG ORAL","Unidad",1.32,0,0,0,0,0,0,0,0,0,0,0,0,0,0,100,0,"0.0","0.0",200,264,921]
[null,"OM98","Prueba treponemica frascos","Unidad",0,36,0,0,0,0,0,0,0,0,0,0,0,36,0,0,0,"00","00",0,0,1092]
[null,"OM134","ROCURONIO, AMPOLLA, UNIDAD","Ampolla",2043.08,0,0,0,0,0,0,0,0,0,0,0,0,0,0,20,0,"0.0","0.0",40,81723.2,1311]
[null,"OM125","SILDENALFIL 50MG","Unidad",625.6,0,0,0,0,0,0,0,0,0,0,0,0,0,0,20,0,"0.0","0.0",40,25024,1296]
[null,"OM127","SISTEMA DE DRENAJE DE HERIDA JP 200ML","Unidad",700,0,0,0,0,0,0,0,0,0,0,0,0,0,0,10,0,"0.0","0.0",20,14000,1298]
[null,"OM83","Sucralfato 1g polvo granulado sobres","Unidad",16.5,40,660,0,0,0,0,0,0,0,0,0,0,40,660,100,0,"0.4","0.4",160,2640,963]
[null,"OP14","TIRILLA PARA GLUCOMENTRO UNIDAD","Unidad",1550,1,{"v":1550,"d":"1,550"},0,0,0,0,1,{"v":1550,"d":"1,550"},0,0,0,0,0,0,70,49,"0.0","0.0",140,217000,487]
[null,"OM44","TIRILLAS DE ORINA (106)","Unidad",1080.92,74,{"v":79988.08,"d":"79,988"},0,0,0,0,0,0,0,0,27,{"v":29184.84,"d":"29,185"},47,{"v":50803.24,"d":"50,803"},0,0,"00","00",0,0,564]
[null,"OM137","VALACOCLOVIR 500MG X1","Unidad",323,0,0,0,0,0,0,0,0,0,0,0,0,0,0,30,0,"0.0","0.0",60,19380,1312]
[null,"OM130","VASOPRESINA 20UI INY 10ML","Unidad",3000,0,0,0,0,0,0,0,0,0,0,0,0,0,0,10,0,"0.0","0.0",20,60000,1302]
[null,"OM136","VECURONIO, AMPOLLA, UNIDAD","Ampolla",1595.08,0,0,0,0,0,0,0,0,0,0,0,0,0,0,20,0,"0.0","0.0",40,63803.2,1313]
[null,"OM114","Verapamilo 80 mg iny Amp.","Unidad",0,0,0,0,0,0,0,0,0,0,0,0,0,0,0,100,0,"0.0","0.0",200,0,1234]
[null,"OM107","VITAMINAS NEUROTROPICAS+DEXAMETASONA B1 100+B6,B12. INY","Unidad",52.25,2,{"v":104.5,"d":"105"},0,0,0,0,2,{"v":104.5,"d":"105"},0,0,0,0,0,0,4,0,"0.0","0.0",8,418,1206]
[null,"OI589","Aceite de higado de bacalao emulsion 0.10+0.15/ml fcos","Unidad",0,0,0,0,0,0,0,0,0,0,0,0,0,0,0,10,0,"0.0","0.0",20,0,1188]
[null,"OI302","acido acetilisalicilico tabl.325 mg","Unidad",1.31,440,{"v":576.4,"d":"576"},0,0,0,0,0,0,0,0,40,{"v":52.4,"d":"52"},400,524,0,0,"00","00",0,0,771]
[null,"OI159","ACIDO URICO LQ 3X30ML CAJA","Unidad",5596,1,{"v":5596,"d":"5,596"},0,0,0,0,0,0,0,0,0,0,1,{"v":5596,"d":"5,596"},0,0,"00","00",0,0,730]
[null,"OI647","AGAR GC","Unidad",17819.08,2,{"v":35638.16,"d":"35,638"},0,0,0,0,0,0,0,0,0,0,2,{"v":35638.16,"d":"35,638"},0,0,"00","00",0,0,1337]
[null,"OI646","AGAR MONITOR SALADO","Unidad",10377.85,2,{"v":20755.7,"d":"20,756"},0,0,0,0,0,0,0,0,0,0,2,{"v":20755.7,"d":"20,756"},0,0,"00","00",0,0,1336]
[null,"OI161","AGUJA EPIDURAL NO.16 CAJA","Unidad",76.67,120,{"v":9200.4,"d":"9,200"},0,0,0,0,0,0,0,0,0,0,120,{"v":9200.4,"d":"9,200"},0,0,"00","00",0,0,599]
[null,"OI188","ALGINATO CROMATICO IMPRESION DENTAL FUNDA","Unidad",406,2,812,0,0,0,0,0,0,0,0,2,812,0,0,0,0,"0","0",0,0,635]
[null,"OI383","ALGINATOS ALGINPLUS  OD","Unidad",750,1,750,0,0,0,0,0,0,0,0,1,750,0,0,0,0,"0","0",0,0,832]
[null,"OI343","ALGODON ROLLO CAJA 1X2000 ADEL-PRODUCT OD","Unidad",391.5,62,{"v":24273,"d":"24,273"},0,0,0,0,0,0,0,0,59,{"v":23098.5,"d":"23,099"},3,{"v":1174.5,"d":"1,175"},0,0,"00","00",0,0,833]
[null,"OI344","ALGODON ROLLO TORUNDA CAJA 1X2000","Unidad",1280,234,{"v":299520,"d":"299,520"},0,0,0,0,0,0,0,0,234,{"v":299520,"d":"299,520"},0,0,0,0,"0","0",0,0,834]
[null,"OI180","AMILASA LQ-CNPG3 6X30 ML UNIDAD","Caja",20527,1,{"v":20527,"d":"20,527"},0,0,0,0,0,0,0,0,0,0,1,{"v":20527,"d":"20,527"},0,0,"00","00",0,0,624]
[null,"OI619","ANT-B FCOS LAB","Unidad",350,1,350,0,0,0,0,0,0,0,0,1,350,0,0,0,0,"0","0",0,0,1227]
[null,"OI426","ANT-D TIPIFICACION LAB","Unidad",583,6,{"v":3498,"d":"3,498"},0,0,0,0,0,0,0,0,5,{"v":2915,"d":"2,915"},1,583,0,0,"00","00",0,0,940]
[null,"ON8","ANTI HUMAN GLOBULIN GREEN","Unidad",616,1,616,0,0,0,0,0,0,0,0,1,616,0,0,0,0,"0","0",0,0,264]
[null,"OI154","ANTI-A TIPIFICACION CAJA (16)","Unidad",530.25,7,{"v":3711.75,"d":"3,712"},0,0,0,0,0,0,0,0,1,{"v":530.25,"d":"530"},6,{"v":3181.5,"d":"3,182"},0,0,"00","00",0,0,591]
[null,"OI341","APLICADOR MICROBRUSH EXTRAFINO ADEL OD","Unidad",330,3,990,0,0,0,0,0,0,0,0,3,990,0,0,0,0,"0","0",0,0,831]
[null,"OI460","ARCO NITINOL NATURAL 0.12 SUP Y YAMEI 1X10 OD","Unidad",950,4,{"v":3800,"d":"3,800"},0,0,0,0,0,0,0,0,4,{"v":3800,"d":"3,800"},0,0,0,0,"0","0",0,0,999]
[null,"OI153","ASO TEST KIT (22)","Unidad",2100,1,{"v":2100,"d":"2,100"},0,0,0,0,0,0,0,0,0,0,1,{"v":2100,"d":"2,100"},0,0,"00","00",0,0,590]
[null,"OI567","BAJANTE DE INFUSION AGILIA VL-ST22","Unidad",0,60,0,0,0,0,0,0,0,0,0,0,0,60,0,48,0,"1.3","1.3",36,0,1127]
[null,"OI571","BAJANTE DE SUERO AGILIA VLST02","Unidad",0,0,0,0,0,0,0,0,0,0,0,0,0,0,0,145,0,"0.0","0.0",290,0,1132]
[null,"OI546","BANDA MATRIX 1/4 7X0.0.5CM.","Unidad",180,1,180,0,0,0,0,0,0,0,0,0,0,1,180,0,0,"00","00",0,0,1111]
[null,"OI297","BASE IT 2G OD CAJA","Unidad",1165,6,{"v":6990,"d":"6,990"},0,0,0,0,0,0,0,0,0,0,6,{"v":6990,"d":"6,990"},0,0,"00","00",0,0,761]
[null,"OI420","BAXTER BAJANTE DE SANGRE 2C7462 SOBRE","Unidad",0,61,0,0,0,0,0,0,0,0,0,0,0,61,0,0,0,"00","00",0,0,913]
[null,"OI422","BAXTER BAJANTE PARA TRANSFUSION 2C8751","Unidad",0,40,0,0,0,0,0,0,0,0,0,0,0,40,0,0,0,"00","00",0,0,914]
[null,"OI365","BIODINAMICA PARAMONOCLOROFENOL OD","Unidad",620,1,620,0,0,0,0,0,0,0,0,1,620,0,0,0,0,"0","0",0,0,864]
[null,"OI615","Biperideno hidrocloruro  2 mg   (Akinetón)","Unidad",0,0,0,0,0,0,0,0,0,0,0,0,0,0,0,1,0,"0.0","0.0",2,0,1219]
[null,"ON79","BOLSA DE CADAVER","Unidad",1,11,11,0,0,0,0,0,0,0,0,0,0,11,11,18,0,"0.6","0.6",25,25,423]
[null,"OI566","BOMBA DE INFUSION VOLUMAT AGILIA VP-MC-CO","Unidad",0,0,0,0,0,0,0,0,0,0,0,0,0,0,0,15,0,"0.0","0.0",30,0,1126]
[null,"OI252","BOTAS BLANCA","Unidad",0.01,56,{"v":0.56,"d":"1"},0,0,0,0,0,0,0,0,0,0,56,{"v":0.56,"d":"1"},0,0,"00","00",0,0,700]
[null,"OI586","BRAZALETE PEDIATRICO VERDE INDENTIFICACION","Unidad",0,600,0,0,0,0,0,0,0,0,0,0,0,600,0,0,0,"00","00",0,0,1177]
[null,"OI264","CALIBRADOR DIRECTO 4X0.5ML LB. CAJA","Unidad",0,0,0,0,0,0,0,0,0,0,0,0,0,0,0,75,0,"0.0","0.0",150,0,726]
[null,"OI95","CANULA DE MAYO 50MM 5CM","Unidad",42.47,1,{"v":42.47,"d":"42"},0,0,0,0,0,0,0,0,1,{"v":42.47,"d":"42"},0,0,10,0,"0.0","0.0",20,849.4,526]
[null,"OI261","CANULA DE MAYO GUEDEL 100mm ROJA PQ","Unidad",41.12,90,{"v":3700.8,"d":"3,701"},0,0,0,0,0,0,0,0,0,0,90,{"v":3700.8,"d":"3,701"},10,0,"9.0","9.0",0,0,723]
[null,"OI262","CANULA DE MAYO GUEDEL No. 90mm AMARILLA PQ","Unidad",45,1,45,0,0,0,0,0,0,0,0,0,0,1,45,10,0,"0.1","0.1",19,855,724]
[null,"OI260","CANULA DE MAYO GUEDEL No.000 mm 3.5cm PQ","Unidad",43.1,25,{"v":1077.5,"d":"1,078"},0,0,0,0,0,0,0,0,0,0,25,{"v":1077.5,"d":"1,078"},10,0,"2.5","2.5",0,0,722]
[null,"OI259","CANULA DE MAYO NO. 00# 50 MM PQ","Unidad",60,0,0,0,0,0,0,0,0,0,0,0,0,0,0,8,0,"0.0","0.0",16,960,721]
[null,"OI610","CANULA DE MAYO No.3","Unidad",60,0,0,0,0,0,0,0,0,0,0,0,0,0,0,8,0,"0.0","0.0",16,960,1212]
[null,"OI608","CANULA DE MAYO No.4","Unidad",60,301,{"v":18060,"d":"18,060"},0,0,0,0,0,0,0,0,301,{"v":18060,"d":"18,060"},0,0,16,0,"0.0","0.0",32,1920,1213]
[null,"OI607","CANULA DE MAYO No.5","Unidad",0,0,0,0,0,0,0,0,0,0,0,0,0,0,0,5,0,"0.0","0.0",10,0,1214]
[null,"OI577","CARTUCHO P/MAQ.GASES ARTERIALES UNIDAD","Caja",555.5,200,{"v":111100,"d":"111,100"},0,0,0,0,100,{"v":55550,"d":"55,550"},0,0,0,0,100,{"v":55550,"d":"55,550"},104,0,"1.0","1.0",108,59994,1146]
[null,"OI595","Cateter corto periferico jelco No.18","Unidad",120.5,250,{"v":30125,"d":"30,125"},100,{"v":12050,"d":"12,050"},0,0,0,0,0,0,50,{"v":6025,"d":"6,025"},300,{"v":36150,"d":"36,150"},50,0,"6.0","6.0",0,0,1195]
[null,"OI596","Cateter corto periferico jelco No.20","Unidad",50.25,150,{"v":7537.5,"d":"7,538"},0,0,0,0,0,0,0,0,0,0,150,{"v":7537.5,"d":"7,538"},75,0,"2.0","2.0",0,0,1196]
[null,"OI597","Cateter corto periferico jelco No.22","Unidad",99.89,300,{"v":29967,"d":"29,967"},100,{"v":9989,"d":"9,989"},0,0,200,{"v":19978,"d":"19,978"},0,0,50,{"v":4994.5,"d":"4,995"},150,{"v":14983.5,"d":"14,984"},92,0,"1.6","1.6",34,3396.26,1197]
[null,"OI598","Cateter corto periferico jelco No.24","Unidad",122.94,0,0,100,{"v":12294,"d":"12,294"},0,0,0,0,0,0,50,{"v":6147,"d":"6,147"},50,{"v":6147,"d":"6,147"},192,0,"0.3","0.3",334,41061.96,1198]
[null,"OI590","Cateter Jelco No. 24","Unidad",50.18,150,{"v":7527,"d":"7,527"},0,0,0,0,0,0,0,0,0,0,150,{"v":7527,"d":"7,527"},50,0,"3.0","3.0",0,0,1190]
[null,"OI376","CEMENTO RESINOSO FOTOCURABLE ALL CEM CORE FGM  OD","Unidad",4120,1,{"v":4120,"d":"4,120"},0,0,0,0,0,0,0,0,1,{"v":4120,"d":"4,120"},0,0,0,0,"0","0",0,0,848]
[null,"OI167","CEPILLO HUMEDOS DE CIRUJANOS CAJA","Unidad",18.13,75,{"v":1359.75,"d":"1,360"},0,0,0,0,0,0,0,0,0,0,75,{"v":1359.75,"d":"1,360"},40,0,"1.9","1.9",5,90.65,605]
[null,"OI491","CERA ROSADA LAMINA OD.","Unidad",27.33,14,{"v":382.62,"d":"383"},0,0,0,0,0,0,0,0,14,{"v":382.62,"d":"383"},0,0,0,0,"0","0",0,0,1040]
[null,"OI165","CIRCUITOS CON BOLSA PARA MAQUINA DE ANESTESIA KIT","Unidad",1558.21,14,{"v":21814.94,"d":"21,815"},0,0,0,0,0,0,0,0,0,0,14,{"v":21814.94,"d":"21,815"},0,0,"00","00",0,0,602]
[null,"ON6","CLEANSER CONCENTRATE","Unidad",2950,1,{"v":2950,"d":"2,950"},0,0,0,0,0,0,0,0,0,0,1,{"v":2950,"d":"2,950"},0,0,"00","00",0,0,273]
[null,"OI138","COLESTEROL -LQ 6X30ML CAJA (31)","Unidad",7295.9,4,{"v":29183.6,"d":"29,184"},0,0,0,0,0,0,0,0,0,0,4,{"v":29183.6,"d":"29,184"},0,0,"00","00",0,0,581]
[null,"OI251","CONECTORES DE ARBOLITOS CAJA","Unidad",250,0,0,0,0,0,0,0,0,0,0,0,0,0,0,28,0,"0.0","0.0",56,14000,770]
[null,"OI363","CONO DE PAPEL #30 META (B5)  OD","Unidad",152.54,10,{"v":1525.4,"d":"1,525"},0,0,0,0,0,0,0,0,0,0,10,{"v":1525.4,"d":"1,525"},0,0,"00","00",0,0,866]
[null,"OI510","CONO PAPEL 45-80 OD","Unidad",252.45,1,{"v":252.45,"d":"252"},0,0,0,0,0,0,0,0,0,0,1,{"v":252.45,"d":"252"},0,0,"00","00",0,0,1060]
[null,"OI437","CONO PAPEL NO.40 META","Unidad",445,4,{"v":1780,"d":"1,780"},0,0,0,0,0,0,0,0,2,890,2,890,0,0,"00","00",0,0,977]
[null,"OI183","CUBRE OBJETO MICROSCOPE COVER CAJA","Unidad",1.68,{"v":1000,"d":"1,000"},{"v":1680,"d":"1,680"},0,0,0,0,0,0,0,0,{"v":1000,"d":"1,000"},{"v":1680,"d":"1,680"},0,0,0,0,"0","0",0,0,628]
[null,"OI169","CURITAS FLEXIBLE ALARGADA CAJA","Unidad",23.67,10,{"v":236.7,"d":"237"},0,0,0,0,0,0,0,0,0,0,10,{"v":236.7,"d":"237"},0,0,"00","00",0,0,606]
[null,"OI181","CURITAS REDONDAS LAB UNIDAD","Caja",18.79,50,{"v":939.5,"d":"940"},0,0,0,0,0,0,0,0,0,0,50,{"v":939.5,"d":"940"},0,0,"00","00",0,0,626]
[null,"ON16","DENGUE (MEMBRANA)","Unidad",6900,110,{"v":759000,"d":"759,000"},0,0,0,0,0,0,0,0,0,0,110,{"v":759000,"d":"759,000"},0,0,"00","00",0,0,279]
[null,"OI406","DENTALASTIC LIGATURE TIE ASST 1X40 IMD  OD","Unidad",490,5,{"v":2450,"d":"2,450"},0,0,0,0,0,0,0,0,5,{"v":2450,"d":"2,450"},0,0,0,0,"0","0",0,0,903]
[null,"OI202","DISCO DE SENSIBILIDAD CEFTRIAXONA CAJA LB","Unidad",410,3,{"v":1230,"d":"1,230"},0,0,0,0,0,0,0,0,0,0,3,{"v":1230,"d":"1,230"},0,0,"00","00",0,0,646]
[null,"OI213","DISCO DE SENSIBILIDAD PIPERACELINA/TAX LB CAJA","Unidad",420,3,{"v":1260,"d":"1,260"},0,0,0,0,0,0,0,0,0,0,3,{"v":1260,"d":"1,260"},0,0,"00","00",0,0,654]
[null,"OI214","DISCO DE SENSIBILIDAD TOBRAMICINA LB CAJA","Unidad",411,3,{"v":1233,"d":"1,233"},0,0,0,0,0,0,0,0,0,0,3,{"v":1233,"d":"1,233"},0,0,"00","00",0,0,655]
[null,"OI579","DISCO SENSIBILIDAD OPTOQUINA LAB","Unidad",450,2,900,0,0,0,0,0,0,0,0,0,0,2,900,0,0,"00","00",0,0,1148]
[null,"OI628","ENEMA FLEET ADULTO, UNIDAD","Frasco",329.85,7,{"v":2308.95,"d":"2,309"},0,0,0,0,0,0,0,0,0,0,7,{"v":2308.95,"d":"2,309"},3,0,"2.3","2.3",0,0,1278]
[null,"OI627","ENEMA FLEET PEDIATRICO, UNIDAD","Frasco",416,0,0,0,0,0,0,0,0,0,0,0,0,0,0,6,0,"0.0","0.0",12,4992,1277]
[null,"OI621","Es-citalopram 20 mg comprimido","Unidad",0,0,0,0,0,0,0,0,0,0,0,0,0,0,0,30,0,"0.0","0.0",60,0,1230]
[null,"OI385","ESPEJO CON MANGO VISTA FRONTAL MILTEX   OD","Unidad",3,89,267,0,0,0,0,0,0,0,0,89,267,0,0,0,0,"0","0",0,0,894]
[null,"OI309","Estetoscopio","Unidad",1019,1,{"v":1019,"d":"1,019"},0,0,0,0,0,0,0,0,0,0,1,{"v":1019,"d":"1,019"},0,0,"00","00",0,0,789]
[null,"OI616","Estoquinete","Unidad",1200,0,0,0,0,0,0,2,{"v":2400,"d":"2,400"},2,{"v":2400,"d":"2,400"},0,0,0,0,4,0,"0.0","0.0",8,9600,1222]
[null,"OI282","EUGENOL PREVEST 15ML OD CAJA","Unidad",320,3,960,0,0,0,0,0,0,0,0,3,960,0,0,0,0,"0","0",0,0,745]
[null,"OI537","formaldehido (formal) 40% GALON/FCOS","Unidad",0,0,0,0,0,0,0,0,0,0,0,0,0,0,0,2,0,"0.0","0.0",4,0,1103]
[null,"ON19","FOSFATASA ALCALINA","Unidad",5656,1,{"v":5656,"d":"5,656"},0,0,0,0,0,0,0,0,0,0,1,{"v":5656,"d":"5,656"},0,0,"00","00",0,0,285]
[null,"ON20","FRASCO ESTERIL","Unidad",12.32,346,{"v":4262.72,"d":"4,263"},0,0,0,0,0,0,0,0,0,0,346,{"v":4262.72,"d":"4,263"},0,0,"00","00",0,0,286]
[null,"OI346","FRESA 1014 REDONDA MEDIANA MICRODONT OD","Unidad",28,21,588,0,0,0,0,0,0,0,0,0,0,21,588,0,0,"00","00",0,0,835]
[null,"OI345","FRESA 1016 REDONDA MICRODON OD","Unidad",125,10,{"v":1250,"d":"1,250"},0,0,0,0,0,0,0,0,10,{"v":1250,"d":"1,250"},0,0,0,0,"0","0",0,0,836]
[null,"OI170","FRESA ALTA 3118 PULIDO LLAMA MICRODONT (8) CAJA","Unidad",28,20,560,0,0,0,0,0,0,0,0,0,0,20,560,0,0,"00","00",0,0,612]
[null,"OI269","FRESA CARBURO FG NO 702C PRIMA DENTAL CAJA","Unidad",195,4,780,0,0,0,0,0,0,0,0,0,0,4,780,0,0,"00","00",0,0,732]
[null,"OI492","FRESA DIAMANTADA KGS FG 1034 OD","Unidad",112.27,16,{"v":1796.32,"d":"1,796"},0,0,0,0,0,0,0,0,0,0,16,{"v":1796.32,"d":"1,796"},0,0,"00","00",0,0,1041]
[null,"OI431","FRESA FG 2200FF MICROOODNT","Unidad",59.5,6,357,0,0,0,0,0,0,0,0,0,0,6,357,0,0,"00","00",0,0,971]
[null,"OI399","FRESA QUIRURGICA  RG-702 USA  OD","Unidad",110,10,{"v":1100,"d":"1,100"},0,0,0,0,0,0,0,0,0,0,10,{"v":1100,"d":"1,100"},0,0,"00","00",0,0,840]
[null,"OI497","FRESA QUIRURGICA FG NO.7O2 MICRODONT","Unidad",246.19,6,{"v":1477.14,"d":"1,477"},0,0,0,0,0,0,0,0,6,{"v":1477.14,"d":"1,477"},0,0,0,0,"0","0",0,0,1046]
[null,"OI400","FRESA QUIRURGICA FG-702 USA  OD","Unidad",156,10,{"v":1560,"d":"1,560"},0,0,0,0,0,0,0,0,0,0,10,{"v":1560,"d":"1,560"},0,0,"00","00",0,0,841]
[null,"OI348","FRESA SHOFU BLANCA BESQUAL OD","Unidad",90,10,900,0,0,0,0,0,0,0,0,10,900,0,0,0,0,"0","0",0,0,842]
[null,"OI288","FRESON METALICO HP OD CAJA","Unidad",350,5,{"v":1750,"d":"1,750"},0,0,0,0,0,0,0,0,5,{"v":1750,"d":"1,750"},0,0,0,0,"0","0",0,0,752]
[null,"OI564","Gasa precortada 4x4 sobres","Unidad",8.5,253,{"v":2150.5,"d":"2,151"},0,0,0,0,0,0,0,0,0,0,253,{"v":2150.5,"d":"2,151"},0,0,"00","00",0,0,1124]
[null,"OI638","GEL LUBRICANTE CARPOL 0.350G+ GLICERINA 0.85ML/100G","Unidad",44.87,250,{"v":11217.5,"d":"11,218"},20,{"v":897.4,"d":"897"},0,0,0,0,0,0,0,0,270,{"v":12114.9,"d":"12,115"},0,0,"00","00",0,0,1305]
[null,"OI88","GLUCOMETROS APARATO UNIDAD","Unidad",0,2,0,0,0,0,0,1,0,0,0,0,0,1,0,2,0,"0.5","0.5",3,0,518]
[null,"OI114","GRABADO ACIDO FOSFORICO 37% AZUL 12G *41*","Unidad",209.74,2,{"v":419.48,"d":"419"},0,0,0,0,0,0,0,0,0,0,2,{"v":419.48,"d":"419"},0,0,"00","00",0,0,544]
[null,"OI463","GUANTE NITRILOS CAJA OD","Unidad",333.27,4,{"v":1333.08,"d":"1,333"},0,0,0,0,0,0,0,0,0,0,4,{"v":1333.08,"d":"1,333"},0,0,"00","00",0,0,1002]
[null,"OI356","GUTTA PERCHA PROTAPER F1,F2,F3 OD","Unidad",650,3,{"v":1950,"d":"1,950"},0,0,0,0,0,0,0,0,3,{"v":1950,"d":"1,950"},0,0,0,0,"0","0",0,0,856]
[null,"OI271","GUTTAPERCHA NO.15/40 SPIDENT CAJA","Unidad",351.77,1,{"v":351.77,"d":"352"},0,0,0,0,0,0,0,0,0,0,1,{"v":351.77,"d":"352"},0,0,"00","00",0,0,734]
[null,"ON24","HBSAG (MEMBRANA)","Unidad",3320,5,{"v":16600,"d":"16,600"},0,0,0,0,0,0,0,0,0,0,5,{"v":16600,"d":"16,600"},0,0,"00","00",0,0,290]
[null,"ON25","HCG (MEMBRANA)","Unidad",1600,50,{"v":80000,"d":"80,000"},0,0,0,0,0,0,0,0,0,0,50,{"v":80000,"d":"80,000"},0,0,"00","00",0,0,291]
[null,"ON26","HDL","Kit",32805.59,2,{"v":65611.18,"d":"65,611"},0,0,0,0,0,0,0,0,0,0,2,{"v":65611.18,"d":"65,611"},0,0,"00","00",0,0,292]
[null,"OI620","Hilo de sutura monocryl No. 4","Unidad",129.6,168,{"v":21772.8,"d":"21,773"},0,0,0,0,36,{"v":4665.6,"d":"4,666"},0,0,0,0,132,{"v":17107.2,"d":"17,107"},36,0,"3.7","0.8",0,0,1229]
[null,"OI624","Hilo Monocryl no. 3.0 crg","Unidad",129.6,24,{"v":3110.4,"d":"3,110"},0,0,0,0,0,0,0,0,0,0,24,{"v":3110.4,"d":"3,110"},48,0,"0.5","0.0",72,9331.2,1237]
[null,"OI126","HISOPOS TRANCULT ESTERILES (64)","Unidad",2027,900,{"v":1824300,"d":"1,824,300"},0,0,0,0,0,0,0,0,0,0,900,{"v":1824300,"d":"1,824,300"},0,0,"00","00",0,0,558]
[null,"ON30","HIV DETERMINE SET (MEMBRANA)","Unidad",1320,300,{"v":396000,"d":"396,000"},0,0,0,0,0,0,0,0,0,0,300,{"v":396000,"d":"396,000"},0,0,"00","00",0,0,296]
[null,"ON31","HIV UNI GOLD","Unidad",1350,60,{"v":81000,"d":"81,000"},0,0,0,0,0,0,0,0,0,0,60,{"v":81000,"d":"81,000"},0,0,"00","00",0,0,297]
[null,"OI611","HOJA DE BISTURI NO.10 CON MANGO","Unidad",104.14,0,0,0,0,0,0,0,0,0,0,0,0,0,0,23,0,"0.0","0.0",46,4790.44,1215]
[null,"OI612","HOJA DE BISTURI NO.20 CON MANGO","Unidad",0,20,0,0,0,0,0,0,0,0,0,0,0,20,0,0,0,"00","00",0,0,1216]
[null,"OI617","Isoniazida300 mg/Rifapentina 300 mg Tabletas frascos","Unidad",0,0,0,576,0,0,0,576,0,0,0,0,0,0,0,432,0,"0.0","0.0",864,0,1223]
[null,"OI648","ISOPOS ESTERILES","Empaque",1046.15,2,{"v":2092.3,"d":"2,092"},0,0,0,0,0,0,0,0,0,0,2,{"v":2092.3,"d":"2,092"},0,0,"00","00",0,0,1338]
[null,"OI645","ISOVITALEX","Unidad",17868.31,3,{"v":53604.93,"d":"53,605"},0,0,0,0,0,0,0,0,0,0,3,{"v":53604.93,"d":"53,605"},0,0,"00","00",0,0,1335]
[null,"OI255","JABON NEUTRO GALON UNIDAD","Caja",1810,8,{"v":14480,"d":"14,480"},0,0,0,0,0,0,0,0,0,0,8,{"v":14480,"d":"14,480"},0,0,"00","00",0,0,703]
[null,"OI642","JERINGA DESCARTABLE DE 50ML HIPODERMICA","Unidad",0,50,0,0,0,0,0,0,0,0,0,0,0,50,0,0,0,"00","00",0,0,1327]
[null,"OI641","JERINGA DESCARTABLE DE 50ML X21G. 1 1/2","Unidad",0,275,0,0,0,0,0,0,0,0,0,0,0,275,0,50,0,"5.5","5.5",0,0,1328]
[null,"OI643","JERINGA DESCARTABLE DE INSULINA 1ML CON AGUJA 29GX12.7","Unidad",0,200,0,0,0,0,0,0,0,0,0,0,0,200,0,0,0,"00","00",0,0,1330]
[null,"OI640","JERINGA DESCARTABLE DE INSULINA 1ML CON AGUJA 31 5ML 5/16","Unidad",0,500,0,0,0,0,0,0,0,0,0,0,0,500,0,0,0,"00","00",0,0,1329]
[null,"ON72","JERINGA PARA DEPOVERA","Unidad",0,0,0,0,0,0,0,0,0,0,0,0,0,0,0,40,0,"0.0","0.0",80,0,300]
[null,"OI603","jeringuilla 50 ml x1 sin agujas","Unidad",36.45,30,{"v":1093.5,"d":"1,094"},0,0,0,0,0,0,0,0,0,0,30,{"v":1093.5,"d":"1,094"},0,0,"00","00",0,0,1208]
[null,"OI622","Lamotrigina 50 mg tabletas","Unidad",0,0,0,0,0,0,0,0,0,0,0,0,0,0,0,30,0,"0.0","0.0",60,0,1231]
[null,"OI195","LDH-LQ IFCC. KINETIC-UV 5X25 ML CAJA","Unidad",5171,1,{"v":5171,"d":"5,171"},0,0,0,0,0,0,0,0,0,0,1,{"v":5171,"d":"5,171"},0,0,"00","00",0,0,644]
[null,"OI174","LLAVES DE TRES VIAS","Unidad",26.98,100,{"v":2698,"d":"2,698"},0,0,0,0,100,{"v":2698,"d":"2,698"},0,0,0,0,0,0,51,0,"0.0","0.0",102,2751.96,617]
[null,"OI644","LUBRICANTE GEL TUBO 60 G UNIDAD","Unidad",0,179,0,0,0,0,0,20,0,0,0,0,0,159,0,23,0,"6.9","6.9",0,0,1331]
[null,"OI614","MASCARILLA CPR","Unidad",890,0,0,0,0,0,0,0,0,0,0,0,0,0,0,5,0,"0.0","0.0",10,8900,1218]
[null,"OI320","MASCARILLAS LARINGEAS No.2.5","Unidad",0,0,0,0,0,0,0,0,0,0,0,0,0,0,0,4,0,"0.0","0.0",8,0,801]
[null,"OI305","Mascarillas para anestesia Adulto RCI PAQ","Unidad",0,0,0,0,0,0,0,0,0,0,0,0,0,0,0,20,0,"0.0","0.0",40,0,774]
[null,"OI480","MATERIAL BASE FOTO EN JERINGA SPIDENT OD","Unidad",1113,6,{"v":6678,"d":"6,678"},0,0,0,0,0,0,0,0,0,0,6,{"v":6678,"d":"6,678"},0,0,"00","00",0,0,1029]
[null,"OI275","MODELINA BARRA VERDE 1X12 OD CAJA","Unidad",1150,1,{"v":1150,"d":"1,150"},0,0,0,0,0,0,0,0,1,{"v":1150,"d":"1,150"},0,0,0,0,"0","0",0,0,738]
[null,"OI444","MODELING RESINA BISCO 1X2","Unidad",1450,1,{"v":1450,"d":"1,450"},0,0,0,0,0,0,0,0,0,0,1,{"v":1450,"d":"1,450"},0,0,"00","00",0,0,984]
[null,"OI428","NEBULIZADOR DE COMPRESOR","Unidad",3211.86,4,{"v":12847.44,"d":"12,847"},0,0,0,0,0,0,0,0,0,0,4,{"v":12847.44,"d":"12,847"},0,0,"00","00",0,0,949]
[null,"OI623","Ondansetron tabletas 8 mg","Unidad",0,0,0,0,0,0,0,0,0,0,0,0,0,0,0,1,0,"0.0","0.0",2,0,1228]
[null,"OI185","OTOSCOPIO UNDAD","Unidad",52569,1,{"v":52569,"d":"52,569"},0,0,0,0,0,0,0,0,0,0,1,{"v":52569,"d":"52,569"},0,0,"00","00",0,0,631]
[null,"OI90","Oxímetros de pulso","Unidad",0,4,0,0,0,0,0,0,0,0,0,4,0,0,0,0,0,"0","0",0,0,521]
[null,"OI535","Pañal para adulto (m)","Unidad",0,0,0,0,0,0,0,0,0,0,0,0,0,0,0,10,0,"0.0","0.0",20,0,1101]
[null,"OI334","PAPEL ARTICULAR BK80 OD","Unidad",336.51,10,{"v":3365.1,"d":"3,365"},0,0,0,0,0,0,0,0,0,0,10,{"v":3365.1,"d":"3,365"},0,0,"00","00",0,0,817]
[null,"OI493","PAPEL ARTICULAR RECTO OD","Unidad",336.5,2,673,0,0,0,0,0,0,0,0,2,673,0,0,0,0,"0","0",0,0,1042]
[null,"OI92","PAPEL DE EKG ROLLO NO.12","Unidad",654,21,{"v":13734,"d":"13,734"},0,0,0,0,0,0,0,0,0,0,21,{"v":13734,"d":"13,734"},0,0,"00","00",0,0,523]
[null,"ON37","PCR","Unidad",1550,8,{"v":12400,"d":"12,400"},0,0,0,0,0,0,0,0,8,{"v":12400,"d":"12,400"},0,0,0,0,"0","0",0,0,310]
[null,"OI152","PCR TEST KIT (79)","Unidad",2100,4,{"v":8400,"d":"8,400"},0,0,0,0,0,0,0,0,0,0,4,{"v":8400,"d":"8,400"},0,0,"00","00",0,0,589]
[null,"OI568","PIES DE SUERO NIQUELADO DOS GANCHOS","Unidad",0,5,0,0,0,0,0,0,0,0,0,0,0,5,0,0,0,"00","00",0,0,1128]
[null,"OI256","PIPETAS PARA ERITRO UNIDAD","Caja",49.38,550,{"v":27159,"d":"27,159"},0,0,0,0,0,0,0,0,0,0,550,{"v":27159,"d":"27,159"},0,0,"00","00",0,0,704]
[null,"OI207","PLACAS DE PEDRI 2 DIVISIONES LB CAJA","Unidad",7149.93,1,{"v":7149.93,"d":"7,150"},0,0,0,0,0,0,0,0,0,0,1,{"v":7149.93,"d":"7,150"},0,0,"00","00",0,0,658]
[null,"OI327","PLASMA COAGULASA LAB.","Unidad",30890.31,2,{"v":61780.62,"d":"61,781"},0,0,0,0,0,0,0,0,0,0,2,{"v":61780.62,"d":"61,781"},0,0,"00","00",0,0,810]
[null,"ON38","PORTA OBJETO","Paquete",484.28,{"v":1572,"d":"1,572"},{"v":761288.16,"d":"761,288"},0,0,0,0,0,0,0,0,0,0,{"v":1572,"d":"1,572"},{"v":761288.16,"d":"761,288"},0,0,"00","00",0,0,312]
[null,"OI530","QUITA FRESA STANDARD","Unidad",281.2,2,{"v":562.4,"d":"562"},0,0,0,0,0,0,0,0,0,0,2,{"v":562.4,"d":"562"},0,0,"00","00",0,0,1090]
[null,"OI116","RESINA ESMALTE A2/B2 BRILLANT *21*","Unidad",690,2,{"v":1380,"d":"1,380"},0,0,0,0,0,0,0,0,2,{"v":1380,"d":"1,380"},0,0,0,0,"0","0",0,0,547]
[null,"OI121","RESINA ESMALTE A3/B3 BRILLANTE *43*","Unidad",690,2,{"v":1380,"d":"1,380"},0,0,0,0,0,0,0,0,2,{"v":1380,"d":"1,380"},0,0,0,0,"0","0",0,0,551]
[null,"OI543","RESINA FLOW A3.5","Unidad",395,2,790,0,0,0,0,0,0,0,0,0,0,2,790,0,0,"00","00",0,0,1109]
[null,"OI119","RESINA FLOW A3.5/B3 BRILLANTINA *42*","Unidad",520,1,520,0,0,0,0,0,0,0,0,1,520,0,0,0,0,"0","0",0,0,548]
[null,"OI381","RESINA LUNA A3.5  OD","Unidad",388,1,388,0,0,0,0,0,0,0,0,0,0,1,388,0,0,"00","00",0,0,886]
[null,"OI629","SET 2 ACCESOS, BAJANTE DE INFUSION AGILIA VL-ST22","Unidad",0,60,0,0,0,0,0,0,0,0,0,0,0,60,0,50,0,"1.2","1.2",40,0,1280]
[null,"OI601","SET DE ENTENSION TIPO Y EXTENSION 32..103675","Unidad",0,250,0,0,0,0,0,0,0,0,0,0,0,250,0,0,0,"00","00",0,0,1205]
[null,"OI626","SET DE INFUSION CONTINUO (AGILIA VLST02)","Unidad",0,400,0,0,0,0,0,120,0,0,0,0,0,280,0,248,0,"1.1","1.1",216,0,1275]
[null,"OI599","SET DE INFUSION MICROGOTERO BURETRA AGILIA VLPA92","Unidad",0,260,0,0,0,0,0,0,0,0,0,0,0,260,0,0,0,"00","00",0,0,1203]
[null,"OI625","SET DE TRANSFUSION SANGUINEA, LINEA DE INFUCION AGILIA (VLTR00)","Unidad",0,660,0,0,0,0,0,0,0,0,0,0,0,660,0,40,0,"16.5","16.0",0,0,1276]
[null,"OI600","SET LINEA FOTOSENSIBLES DE INFUSION EPIDURAL AGILIA VL-ON90","Unidad",0,60,0,0,0,0,0,0,0,0,0,0,0,60,0,0,0,"00","00",0,0,1204]
[null,"OI273","SILICOCONA I-SIL LIGT DOBY SPIDENT CAJA OD","Unidad",1781,1,{"v":1781,"d":"1,781"},0,0,0,0,0,0,0,0,0,0,1,{"v":1781,"d":"1,781"},0,0,"00","00",0,0,736]
[null,"OI368","SILICONA ELITE HD+GRUESA ZHERMACK  OD","Unidad",4892,1,{"v":4892,"d":"4,892"},0,0,0,0,0,0,0,0,1,{"v":4892,"d":"4,892"},0,0,0,0,"0","0",0,0,871]
[null,"OI594","Sonda de alimentación nasogástrica CORFLO ULTRA Lite de 6 Fr. 22 levin ped.","Unidad",1313.95,0,0,0,0,0,0,0,0,0,0,0,0,0,0,10,0,"0.0","0.0",20,26279,1199]
[null,"OI155","SUTURA HILO CROMICO NO.5 CAJA","Unidad",38.24,0,0,0,0,0,0,0,0,0,0,0,0,0,0,48,0,"0.0","0.0",96,3671.04,592]
[null,"OI649","TABLA PARA INMOVILIZAR SMALL","Unidad",31.9,0,0,0,0,0,0,0,0,0,0,0,0,0,0,58,0,"0.0","0.0",116,3700.4,1339]
[null,"OI157","TABLILLAS PARA CANALIZAR SMOLL CAJA","Unidad",39.93,17,{"v":678.81,"d":"679"},0,0,0,0,0,0,0,0,0,0,17,{"v":678.81,"d":"679"},115,0,"0.1","0.1",213,8505.09,594]
[null,"OI122","TERMOMETRO INFLAROJO","Unidad",780,97,{"v":75660,"d":"75,660"},0,0,0,0,0,0,0,0,95,{"v":74100,"d":"74,100"},2,{"v":1560,"d":"1,560"},1,0,"2.0","2.0",0,0,553]
[null,"OI340","TIRA DE LIJA POLIESTER 1X100 RITE-DENT OD","Unidad",472,2,944,0,0,0,0,0,0,0,0,2,944,0,0,0,0,"0","0",0,0,828]
[null,"OI481","TIRA LIJA DE METAL DOBLE CARA 6 MM 1X12 OD","Unidad",423.56,2,{"v":847.12,"d":"847"},0,0,0,0,0,0,0,0,0,0,2,{"v":847.12,"d":"847"},0,0,"00","00",0,0,1030]
[null,"OI290","TIRA LIJA METAL 6MM 1X12 MICRODONT OD CAJA","Unidad",290,1,290,0,0,0,0,0,0,0,0,0,0,1,290,0,0,"00","00",0,0,756]
[null,"OI478","TORNIQUETES PLANOS LAB","Unidad",126.5,0,0,0,0,0,0,0,0,0,0,0,0,0,0,2,0,"0.0","0.0",4,506,1018]
[null,"OI482","TUBO DE BONDABLE NO.6 0.22 PAQUETES OD.","Unidad",170,1,170,0,0,0,0,0,0,0,0,0,0,1,170,0,0,"00","00",0,0,1031]
[null,"OI112","TUBO DE DRENAJE TORAXICO NO. 16","Unidad",1328.57,0,0,0,0,0,0,0,0,0,0,0,0,0,0,4,0,"0.0","0.0",8,10628.56,541]
[null,"OI97","TUBO DE DRENAJE TORAXICO NO.28","Unidad",144.16,8,{"v":1153.28,"d":"1,153"},0,0,0,0,0,0,0,0,0,0,8,{"v":1153.28,"d":"1,153"},2,0,"4.0","4.0",0,0,528]
[null,"OI573","TUBO DRENAJE TORAXICO NO.24","Unidad",728.58,0,0,0,0,0,0,0,0,0,0,0,0,0,0,3,0,"0.0","0.0",6,4371.48,1134]
[null,"OI613","TUBO ENDOTRAQUEAL CON BALON 4.","Unidad",83.33,50,{"v":4166.5,"d":"4,167"},0,0,0,0,0,0,0,0,0,0,50,{"v":4166.5,"d":"4,167"},10,0,"5.0","5.0",0,0,1217]
[null,"OI605","TUBO ENDOTRAQUEAL CON BALON3.5","Unidad",87.36,16,{"v":1397.76,"d":"1,398"},0,0,0,0,0,0,0,0,0,0,16,{"v":1397.76,"d":"1,398"},10,0,"1.6","1.6",4,349.44,1210]
[null,"OI606","TUBO ENDOTRAQUEAL No. 2 CON BALON","Unidad",83.33,180,{"v":14999.4,"d":"14,999"},0,0,0,0,0,0,0,0,180,{"v":14999.4,"d":"14,999"},0,0,0,0,"0","0",0,0,1211]
[null,"OI588","Tubo endotraqueal No.3.5 c/ balon","Unidad",88,26,{"v":2288,"d":"2,288"},0,0,0,0,10,880,0,0,0,0,16,{"v":1408,"d":"1,408"},10,0,"1.6","1.6",4,352,1187]
[null,"OI438","TUBO ROTH SIMPLE C/GANP/ CEM NO.16","Unidad",625,0,0,0,0,0,0,0,0,0,0,0,0,0,0,1,0,"0.0","0.0",2,1250,978]
[null,"ON54","TUBO TAPA ROJA","Paquete",724.97,5,{"v":3624.85,"d":"3,625"},0,0,0,0,0,0,0,0,0,0,5,{"v":3624.85,"d":"3,625"},0,0,"00","00",0,0,331]
[null,"OI501","TURBINA PUSH BOTON, DELMA OD.","Unidad",6160,1,{"v":6160,"d":"6,160"},0,0,0,0,0,0,0,0,1,{"v":6160,"d":"6,160"},0,0,0,0,"0","0",0,0,1050]
[null,"OI293","ULTRASONIDO UDS-A LED WOODPECKER OD CAJA","Unidad",12800,1,{"v":12800,"d":"12,800"},0,0,0,0,0,0,0,0,0,0,1,{"v":12800,"d":"12,800"},0,0,"00","00",0,0,757]
[null,"ON55","UREA","Unidad",0,234,0,0,0,0,0,0,0,0,0,0,0,234,0,0,0,"00","00",0,0,332]
[null,"OI240","VENDA ELASTICA 2X5 COBAN 2 PULGADA 1/100 CAJA","Unidad",81.02,20,{"v":1620.4,"d":"1,620"},0,0,0,0,0,0,0,0,0,0,20,{"v":1620.4,"d":"1,620"},52,0,"0.4","0.4",84,6805.68,682]
[null,"OI242","VENDA KERLIX 4.5X4.1 .1/12 CAJA","Unidad",145,11,{"v":1595,"d":"1,595"},0,0,0,0,0,0,0,0,0,0,11,{"v":1595,"d":"1,595"},0,0,"00","00",0,0,684]
[null,"OI436","VIOPEX 2.2G HIDROXIDO CALCIO CON YODOFORMO","Unidad",1650,2,{"v":3300,"d":"3,300"},0,0,0,0,0,0,0,0,0,0,2,{"v":3300,"d":"3,300"},0,0,"00","00",0,0,976]
[null,"OI520","XILOL PAPANICOLAOU SOLUCION GALON.","Unidad",3200,1,{"v":3200,"d":"3,200"},0,0,0,0,0,0,0,0,0,0,1,{"v":3200,"d":"3,200"},0,0,"00","00",0,0,1070]
[null,"OI384","YESO PIEDRA AMARILLO LIBRA","Unidad",130,3,390,0,0,0,0,0,0,0,0,3,390,0,0,0,0,"0","0",0,0,893]
[]
[null,"Observaciones:",{"$nulls":15},"Firma:"]
[]
[]
[]
[null,"Responsable:","JOSE MIGUEL MESA ROMERO",null,null,"Fecha:",null,{"$f":"TODAY()","v":"2025-12-05"}]